{"text_format":"3","workbook":"xls","n_sheets":2,"sheets":["汇总表","明细表"],"not_rendered":{"external_links":1,"defined_names":4},"read":"whole","date_system":"1900","formulas":"cached_only"}

{"sheet":"汇总表","index":0,"n_rows":93,"n_cols":3,"rows_kept":93,"merged":[[0,0,0,2]],"flags":["formulas_cached_only"]}
["东莞市水务集团供水有限公司2025年度清洁保洁、绿化养护、除“四害”及灭蚁防治服务采购项目服务费计价表"]
["序号","工程名称","不含税造价（元/年）"]
["一","生产性质（责任单位：制水分公司）",{"v":10516132.838399999,"d":"10516132.84"}]
[1,"制水分公司市第二水厂",136989.12]
[2,"制水分公司市第二水厂\n（取水泵房）",17296.08]
[3,"制水分公司市第三水厂",{"v":358642.68000000005,"d":"358642.68"}]
[4,"制水分公司市第三水厂\n（取水泵房）",{"v":2957.5200000000004,"d":"2957.52"}]
[5,"制水分公司市第三水厂\n（大岭山加压站）",{"v":45655.4256,"d":"45655.43"}]
[6,"制水分公司市第三水厂\n（长安加压站）",{"v":113947.79999999999,"d":"113947.80"}]
[7,"制水分公司市第四水厂",{"v":876431.5199999999,"d":"876431.52"}]
[8,"制水分公司市第四水厂\n（取水头部）",{"v":18480,"d":"18480.00"}]
[9,"制水分公司市第五水厂\n（含取水泵房）",493891.68]
[10,"制水分公司市第五水厂\n（东坑加压站）",3854.64]
[11,"制水分公司市第五水厂\n（松山湖加压站）",{"v":6449.879999999999,"d":"6449.88"}]
[12,"制水分公司市第六水厂",{"v":1079581.7616,"d":"1079581.76"}]
[13,"制水分公司东城水厂",{"v":175656.47999999998,"d":"175656.48"}]
[14,"制水分公司东城水厂\n（取水泵房）",{"v":21097.199999999997,"d":"21097.20"}]
[15,"制水分公司万江水厂",318528.24]
[16,"制水分公司高埗水厂",{"v":231155.52000000002,"d":"231155.52"}]
[17,"制水分公司石碣水厂\n（含取水泵房）",213438.48]
[18,"制水分公司石龙西湖水厂",{"v":248102.46000000002,"d":"248102.46"}]
[19,"制水分公司石龙黄洲水厂",{"v":282248.8116,"d":"282248.81"}]
[20,"制水分公司石排水厂",{"v":285480,"d":"285480.00"}]
[21,"制水分公司石排水厂\n（新取水泵房）",{"v":23652,"d":"23652.00"}]
[22,"制水分公司石排水厂\n（旧取水泵房）",{"v":7644,"d":"7644.00"}]
[23,"制水分公司茶山水厂",{"v":18720,"d":"18720.00"}]
[24,"制水分公司大岭山长湖水厂",{"v":223045.13279999996,"d":"223045.13"}]
[25,"制水分公司大岭山金鸡咀水厂",{"v":89519.87999999999,"d":"89519.88"}]
[26,"制水分公司中堂水厂",{"v":103506.40800000001,"d":"103506.41"}]
[27,"制水分公司中堂水厂\n（取水泵房）",51138.36]
[28,"制水分公司塘厦中心水厂",{"v":175847.3136,"d":"175847.31"}]
[29,"制水分公司塘厦凤凰水厂",{"v":355538.712,"d":"355538.71"}]
[30,"制水分公司塘厦虾公岩水厂",{"v":99632.66399999999,"d":"99632.66"}]
[31,"制水分公司塘厦牛眠埔水厂",{"v":212957.79959999997,"d":"212957.80"}]
[32,"制水分公司凤岗第一水厂\n（含取水泵房）",150798.96]
[33,"制水分公司凤岗第二水厂",{"v":246676.3128,"d":"246676.31"}]
[34,"制水分公司樟木头簕竹排水厂\n（取水泵房）",{"v":4374,"d":"4374.00"}]
[35,"制水分公司樟木头簕竹排水厂",{"v":376689.5999999999,"d":"376689.60"}]
[36,"制水分公司黄江水厂",181120.32]
[37,"制水分公司谢岗第三水厂",{"v":323508,"d":"323508.00"}]
[38,"制水分公司谢岗第二水厂",{"v":96688.79999999999,"d":"96688.80"}]
[39,"制水分公司横沥水厂",{"v":329970.5904,"d":"329970.59"}]
[40,"制水分公司企石水厂",{"v":274949.7216,"d":"274949.72"}]
[41,"制水分公司企石水厂\n（取水泵房）",{"v":6359.6736,"d":"6359.67"}]
[42,"制水分公司桥头第二水厂",{"v":182307.07200000001,"d":"182307.07"}]
[43,"制水分公司桥头第三水厂",{"v":269337.168,"d":"269337.17"}]
[44,"制水分公司松山湖水厂",{"v":834548.2511999999,"d":"834548.25"}]
[45,"制水分公司芦花坑水厂",{"v":947716.8,"d":"947716.80"}]
["二","非生产性质：本部及各分公司办公场所",{"v":1868884.3512000002,"d":"1868884.35"}]
[1,"公司本部办公楼",{"v":219215.52000000002,"d":"219215.52"}]
[2,"莞城（南城）分公司办公楼",{"v":187629.9264,"d":"187629.93"}]
[3,"东城分公司办公楼",276647.76]
[4,"万江分公司办公楼",{"v":63630.270000000004,"d":"63630.27"}]
[5,"松山湖分公司办公楼",{"v":9083.880000000001,"d":"9083.88"}]
[6,"高埗分公司新厂区办公楼",{"v":21457.800000000003,"d":"21457.80"}]
[7,"石碣分公司办公楼",{"v":5116.7424,"d":"5116.74"}]
[8,"石龙分公司（总公司）",{"v":26397,"d":"26397.00"}]
[9,"石排分公司办公楼",{"v":19850.4,"d":"19850.40"}]
[10,"茶山分公司办公区",77764.32]
[11,"茶山分公司原供水一厂（已关停）",{"v":20028.4992,"d":"20028.50"}]
[12,"寮步分公司办公楼",{"v":105051.59999999999,"d":"105051.60"}]
[13,"寮步分公司加压站",{"v":1008,"d":"1008.00"}]
[14,"大朗分公司（综合楼）",{"v":3600,"d":"3600.00"}]
[15,"大朗分公司（洋坑塘管场）",27852.96]
[16,"大朗分公司(松木山水厂)",92936.88]
[17,"大岭山分公司本部办公楼",{"v":2659.896,"d":"2659.90"}]
[18,"望牛墩分公司办公楼",{"v":63912,"d":"63912.00"}]
[19,"望牛墩分公司收费营业厅",{"v":3790.8,"d":"3790.80"}]
[20,"洪梅分公司办公楼",{"v":13338,"d":"13338.00"}]
[21,"麻涌分公司办公楼",{"v":43628.414399999994,"d":"43628.41"}]
[22,"道滘分公司办公楼",{"v":20849.4,"d":"20849.40"}]
[23,"中堂分公司办公楼",{"v":61135.200000000004,"d":"61135.20"}]
[24,"中堂分公司江南二次加压房",{"v":432,"d":"432.00"}]
[25,"沙田分公司本部办公楼",{"v":37980,"d":"37980.00"}]
[26,"厚街分公司本部办公楼",{"v":26676,"d":"26676.00"}]
[27,"厚街分公司东部加压站",{"v":22656,"d":"22656.00"}]
[28,"长安分公司综合部（总部办公点）",{"v":13243.4064,"d":"13243.41"}]
[29,"长安分公司管网部（五点梅办公点）",{"v":18140.126399999997,"d":"18140.13"}]
[30,"塘厦分公司本部办公楼",{"v":33471.276,"d":"33471.28"}]
[31,"塘厦分公司仓库",459.36]
[32,"凤岗分公司办公楼",{"v":24402.924,"d":"24402.92"}]
[33,"凤岗分公司供水服务中心",{"v":6698.664,"d":"6698.66"}]
[34,"樟木头分公司办公楼",{"v":32067,"d":"32067.00"}]
[35,"黄江分公司办公楼",{"v":98002.8,"d":"98002.80"}]
[36,"谢岗分公司办公楼",{"v":32292,"d":"32292.00"}]
[37,"东坑分公司办公楼",9916.83]
[38,"横沥分公司办公楼",{"v":71542.8,"d":"71542.80"}]
[39,"企石分公司办公楼",{"v":64620,"d":"64620.00"}]
[40,"桥头分公司办公楼",{"v":1101.0816,"d":"1101.08"}]
[41,"黄江分公司营业厅",{"v":8240.400000000001,"d":"8240.40"}]
[42,"黄江分公司（梅塘加压泵站）",{"v":295.704,"d":"295.70"}]
[43,"黄江分公司（长龙加压泵站）",{"v":60.71039999999999,"d":"60.71"}]
[null,"总计",{"v":12385017.189599998,"d":"12385017.19"}]

{"sheet":"明细表","index":1,"n_rows":1321,"n_cols":9,"rows_kept":1321,"merged":[[0,0,0,8],[1,0,1,8],[2,0,3,0],[2,1,3,1],[2,2,3,2],[2,3,3,3],[2,4,2,5],[2,6,3,6],[2,7,3,7],[2,8,3,8],[16,0,16,8],[17,0,18,0],[17,1,18,1],[17,2,18,2],[17,3,18,3],[17,4,17,5],[17,6,18,6],[17,7,18,7],[31,0,31,8],[32,0,33,0],[32,1,33,1],[32,2,33,2],[32,3,33,3],[32,4,32,5],[32,6,33,6],[32,7,33,7],[46,0,46,8],[47,0,48,0],[47,1,48,1],[47,2,48,2],[47,3,48,3],[47,4,47,5],[47,6,48,6],[47,7,48,7],[61,0,61,8],[62,0,63,0],[62,1,63,1],[62,2,63,2],[62,3,63,3],[62,4,62,5],[62,6,63,6],[62,7,63,7],[76,0,76,8],[77,0,78,0],[77,1,78,1],[77,2,78,2],[77,3,78,3],[77,4,77,5],[77,6,78,6],[77,7,78,7],[91,0,91,8],[92,0,93,0],[92,1,93,1],[92,2,93,2],[92,3,93,3],[92,4,92,5],[92,6,93,6],[92,7,93,7],[106,0,106,8],[107,0,108,0],[107,1,108,1],[107,2,108,2],[107,3,108,3],[107,4,107,5],[107,6,108,6],[107,7,108,7],[121,0,121,8],[122,0,123,0],[122,1,123,1],[122,2,123,2],[122,3,123,3],[122,4,122,5],[122,6,123,6],[122,7,123,7],[136,0,136,8],[137,0,138,0],[137,1,138,1],[137,2,138,2],[137,3,138,3],[137,4,137,5],[137,6,138,6],[137,7,138,7],[151,0,151,8],[152,0,153,0],[152,1,153,1],[152,2,153,2],[152,3,153,3],[152,4,152,5],[152,6,153,6],[152,7,153,7],[166,0,166,8],[167,0,168,0],[167,1,168,1],[167,2,168,2],[167,3,168,3],[167,4,167,5],[167,6,168,6],[167,7,168,7],[181,0,181,8],[182,0,183,0],[182,1,183,1],[182,2,183,2],[182,3,183,3],[182,4,182,5],[182,6,183,6],[182,7,183,7],[196,0,196,8],[197,0,198,0],[197,1,198,1],[197,2,198,2],[197,3,198,3],[197,4,197,5],[197,6,198,6],[197,7,198,7],[211,0,211,8],[212,0,213,0],[212,1,213,1],[212,2,213,2],[212,3,213,3],[212,4,212,5],[212,6,213,6],[212,7,213,7],[226,0,226,8],[227,0,228,0],[227,1,228,1],[227,2,228,2],[227,3,228,3],[227,4,227,5],[227,6,228,6],[227,7,228,7],[241,0,241,8],[242,0,243,0],[242,1,243,1],[242,2,243,2],[242,3,243,3],[242,4,242,5],[242,6,243,6],[242,7,243,7],[256,0,256,8],[257,0,258,0],[257,1,258,1],[257,2,258,2],[257,3,258,3],[257,4,257,5],[257,6,258,6],[257,7,258,7],[271,0,271,8],[272,0,273,0],[272,1,273,1],[272,2,273,2],[272,3,273,3],[272,4,272,5],[272,6,273,6],[272,7,273,7],[286,0,286,8],[287,0,288,0],[287,1,288,1],[287,2,288,2],[287,3,288,3],[287,4,287,5],[287,6,288,6],[287,7,288,7],[301,0,301,8],[302,0,303,0],[302,1,303,1],[302,2,303,2],[302,3,303,3],[302,4,302,5],[302,6,303,6],[302,7,303,7],[316,0,316,8],[317,0,318,0],[317,1,318,1],[317,2,318,2],[317,3,318,3],[317,4,317,5],[317,6,318,6],[317,7,318,7],[331,0,331,8],[332,0,333,0],[332,1,333,1],[332,2,333,2],[332,3,333,3],[332,4,332,5],[332,6,333,6],[332,7,333,7],[346,0,346,8],[347,0,348,0],[347,1,348,1],[347,2,348,2],[347,3,348,3],[347,4,347,5],[347,6,348,6],[347,7,348,7],[361,0,361,8],[362,0,363,0],[362,1,363,1],[362,2,363,2],[362,3,363,3],[362,4,362,5],[362,6,363,6],[362,7,363,7],[376,0,376,8],[377,0,378,0],[377,1,378,1],[377,2,378,2],[377,3,378,3],[377,4,377,5],[377,6,378,6],[377,7,378,7],[391,0,391,8],[392,0,393,0],[392,1,393,1],[392,2,393,2],[392,3,393,3],[392,4,392,5],[392,6,393,6],[392,7,393,7],[406,0,406,8],[407,0,408,0],[407,1,408,1],[407,2,408,2],[407,3,408,3],[407,4,407,5],[407,6,408,6],[407,7,408,7],[421,0,421,8],[422,0,423,0],[422,1,423,1],[422,2,423,2],[422,3,423,3],[422,4,422,5],[422,6,423,6],[422,7,423,7],[436,0,436,8],[437,0,438,0],[437,1,438,1],[437,2,438,2],[437,3,438,3],[437,4,437,5],[437,6,438,6],[437,7,438,7],[451,0,451,8],[452,0,453,0],[452,1,453,1],[452,2,453,2],[452,3,453,3],[452,4,452,5],[452,6,453,6],[452,7,453,7],[466,0,466,8],[467,0,468,0],[467,1,468,1],[467,2,468,2],[467,3,468,3],[467,4,467,5],[467,6,468,6],[467,7,468,7],[481,0,481,8],[482,0,483,0],[482,1,483,1],[482,2,483,2],[482,3,483,3],[482,4,482,5],[482,6,483,6],[482,7,483,7],[496,0,496,8],[497,0,498,0],[497,1,498,1],[497,2,498,2],[497,3,498,3],[497,4,497,5],[497,6,498,6],[497,7,498,7],[511,0,511,8],[512,0,513,0],[512,1,513,1],[512,2,513,2],[512,3,513,3],[512,4,512,5],[512,6,513,6],[512,7,513,7],[526,0,526,8],[527,0,528,0],[527,1,528,1],[527,2,528,2],[527,3,528,3],[527,4,527,5],[527,6,528,6],[527,7,528,7],[541,0,541,8],[542,0,543,0],[542,1,543,1],[542,2,543,2],[542,3,543,3],[542,4,542,5],[542,6,543,6],[542,7,543,7],[556,0,556,8],[557,0,558,0],[557,1,558,1],[557,2,558,2],[557,3,558,3],[557,4,557,5],[557,6,558,6],[557,7,558,7],[571,0,571,8],[572,0,573,0],[572,1,573,1],[572,2,573,2],[572,3,573,3],[572,4,572,5],[572,6,573,6],[572,7,573,7],[586,0,586,8],[587,0,588,0],[587,1,588,1],[587,2,588,2],[587,3,588,3],[587,4,587,5],[587,6,588,6],[587,7,588,7],[601,0,601,8],[602,0,603,0],[602,1,603,1],[602,2,603,2],[602,3,603,3],[602,4,602,5],[602,6,603,6],[602,7,603,7],[616,0,616,8],[617,0,618,0],[617,1,618,1],[617,2,618,2],[617,3,618,3],[617,4,617,5],[617,6,618,6],[617,7,618,7],[631,0,631,8],[632,0,633,0],[632,1,633,1],[632,2,633,2],[632,3,633,3],[632,4,632,5],[632,6,633,6],[632,7,633,7],[646,0,646,8],[647,0,648,0],[647,1,648,1],[647,2,648,2],[647,3,648,3],[647,4,647,5],[647,6,648,6],[647,7,648,7],[661,0,661,8],[662,0,663,0],[662,1,663,1],[662,2,663,2],[662,3,663,3],[662,4,662,5],[662,6,663,6],[662,7,663,7],[676,0,676,8],[677,0,678,0],[677,1,678,1],[677,2,678,2],[677,3,678,3],[677,4,677,5],[677,6,678,6],[677,7,678,7],[691,0,691,8],[692,0,693,0],[692,1,693,1],[692,2,693,2],[692,3,693,3],[692,4,692,5],[692,6,693,6],[692,7,693,7],[706,0,706,8],[707,0,708,0],[707,1,708,1],[707,2,708,2],[707,3,708,3],[707,4,707,5],[707,6,708,6],[707,7,708,7],[721,0,721,8],[722,0,723,0],[722,1,723,1],[722,2,723,2],[722,3,723,3],[722,4,722,5],[722,6,723,6],[722,7,723,7],[736,0,736,8],[737,0,738,0],[737,1,738,1],[737,2,738,2],[737,3,738,3],[737,4,737,5],[737,6,738,6],[737,7,738,7],[751,0,751,8],[752,0,753,0],[752,1,753,1],[752,2,753,2],[752,3,753,3],[752,4,752,5],[752,6,753,6],[752,7,753,7],[766,0,766,8],[767,0,768,0],[767,1,768,1],[767,2,768,2],[767,3,768,3],[767,4,767,5],[767,6,768,6],[767,7,768,7],[781,0,781,8],[782,0,783,0],[782,1,783,1],[782,2,783,2],[782,3,783,3],[782,4,782,5],[782,6,783,6],[782,7,783,7],[796,0,796,8],[797,0,798,0],[797,1,798,1],[797,2,798,2],[797,3,798,3],[797,4,797,5],[797,6,798,6],[797,7,798,7],[811,0,811,8],[812,0,813,0],[812,1,813,1],[812,2,813,2],[812,3,813,3],[812,4,812,5],[812,6,813,6],[812,7,813,7],[826,0,826,8],[827,0,828,0],[827,1,828,1],[827,2,828,2],[827,3,828,3],[827,4,827,5],[827,6,828,6],[827,7,828,7],[841,0,841,8],[842,0,843,0],[842,1,843,1],[842,2,843,2],[842,3,843,3],[842,4,842,5],[842,6,843,6],[842,7,843,7],[856,0,856,8],[857,0,858,0],[857,1,858,1],[857,2,858,2],[857,3,858,3],[857,4,857,5],[857,6,858,6],[857,7,858,7],[871,0,871,8],[872,0,873,0],[872,1,873,1],[872,2,873,2],[872,3,873,3],[872,4,872,5],[872,6,873,6],[872,7,873,7],[886,0,886,8],[887,0,888,0],[887,1,888,1],[887,2,888,2],[887,3,888,3],[887,4,887,5],[887,6,888,6],[887,7,888,7],[901,0,901,8],[902,0,903,0],[902,1,903,1],[902,2,903,2],[902,3,903,3],[902,4,902,5],[902,6,903,6],[902,7,903,7],[916,0,916,8],[917,0,918,0],[917,1,918,1],[917,2,918,2],[917,3,918,3],[917,4,917,5],[917,6,918,6],[917,7,918,7],[931,0,931,8],[932,0,933,0],[932,1,933,1],[932,2,933,2],[932,3,933,3],[932,4,932,5],[932,6,933,6],[932,7,933,7],[946,0,946,8],[947,0,948,0],[947,1,948,1],[947,2,948,2],[947,3,948,3],[947,4,947,5],[947,6,948,6],[947,7,948,7],[961,0,961,8],[962,0,963,0],[962,1,963,1],[962,2,963,2],[962,3,963,3],[962,4,962,5],[962,6,963,6],[962,7,963,7],[976,0,976,8],[977,0,978,0],[977,1,978,1],[977,2,978,2],[977,3,978,3],[977,4,977,5],[977,6,978,6],[977,7,978,7],[991,0,991,8],[992,0,993,0],[992,1,993,1],[992,2,993,2],[992,3,993,3],[992,4,992,5],[992,6,993,6],[992,7,993,7],[1006,0,1006,8],[1007,0,1008,0],[1007,1,1008,1],[1007,2,1008,2],[1007,3,1008,3],[1007,4,1007,5],[1007,6,1008,6],[1007,7,1008,7],[1021,0,1021,8],[1022,0,1023,0],[1022,1,1023,1],[1022,2,1023,2],[1022,3,1023,3],[1022,4,1022,5],[1022,6,1023,6],[1022,7,1023,7],[1036,0,1036,8],[1037,0,1038,0],[1037,1,1038,1],[1037,2,1038,2],[1037,3,1038,3],[1037,4,1037,5],[1037,6,1038,6],[1037,7,1038,7],[1051,0,1051,8],[1052,0,1053,0],[1052,1,1053,1],[1052,2,1053,2],[1052,3,1053,3],[1052,4,1052,5],[1052,6,1053,6],[1052,7,1053,7],[1066,0,1066,8],[1067,0,1068,0],[1067,1,1068,1],[1067,2,1068,2],[1067,3,1068,3],[1067,4,1067,5],[1067,6,1068,6],[1067,7,1068,7],[1081,0,1081,8],[1082,0,1083,0],[1082,1,1083,1],[1082,2,1083,2],[1082,3,1083,3],[1082,4,1082,5],[1082,6,1083,6],[1082,7,1083,7],[1096,0,1096,8],[1097,0,1098,0],[1097,1,1098,1],[1097,2,1098,2],[1097,3,1098,3],[1097,4,1097,5],[1097,6,1098,6],[1097,7,1098,7],[1111,0,1111,8],[1112,0,1113,0],[1112,1,1113,1],[1112,2,1113,2],[1112,3,1113,3],[1112,4,1112,5],[1112,6,1113,6],[1112,7,1113,7],[1126,0,1126,8],[1127,0,1128,0],[1127,1,1128,1],[1127,2,1128,2],[1127,3,1128,3],[1127,4,1127,5],[1127,6,1128,6],[1127,7,1128,7],[1141,0,1141,8],[1142,0,1143,0],[1142,1,1143,1],[1142,2,1143,2],[1142,3,1143,3],[1142,4,1142,5],[1142,6,1143,6],[1142,7,1143,7],[1156,0,1156,8],[1157,0,1158,0],[1157,1,1158,1],[1157,2,1158,2],[1157,3,1158,3],[1157,4,1157,5],[1157,6,1158,6],[1157,7,1158,7],[1171,0,1171,8],[1172,0,1173,0],[1172,1,1173,1],[1172,2,1173,2],[1172,3,1173,3],[1172,4,1172,5],[1172,6,1173,6],[1172,7,1173,7],[1186,0,1186,8],[1187,0,1188,0],[1187,1,1188,1],[1187,2,1188,2],[1187,3,1188,3],[1187,4,1187,5],[1187,6,1188,6],[1187,7,1188,7],[1201,0,1201,8],[1202,0,1203,0],[1202,1,1203,1],[1202,2,1203,2],[1202,3,1203,3],[1202,4,1202,5],[1202,6,1203,6],[1202,7,1203,7],[1216,0,1216,8],[1217,0,1218,0],[1217,1,1218,1],[1217,2,1218,2],[1217,3,1218,3],[1217,4,1217,5],[1217,6,1218,6],[1217,7,1218,7],[1231,0,1231,8],[1232,0,1233,0],[1232,1,1233,1],[1232,2,1233,2],[1232,3,1233,3],[1232,4,1232,5],[1232,6,1233,6],[1232,7,1233,7],[1246,0,1246,8],[1247,0,1248,0],[1247,1,1248,1],[1247,2,1248,2],[1247,3,1248,3],[1247,4,1247,5],[1247,6,1248,6],[1247,7,1248,7],[1261,0,1261,8],[1262,0,1263,0],[1262,1,1263,1],[1262,2,1263,2],[1262,3,1263,3],[1262,4,1262,5],[1262,6,1263,6],[1262,7,1263,7],[1276,0,1276,8],[1277,0,1278,0],[1277,1,1278,1],[1277,2,1278,2],[1277,3,1278,3],[1277,4,1277,5],[1277,6,1278,6],[1277,7,1278,7],[1291,0,1291,8],[1292,0,1293,0],[1292,1,1293,1],[1292,2,1293,2],[1292,3,1293,3],[1292,4,1292,5],[1292,6,1293,6],[1292,7,1293,7],[1306,0,1306,8],[1307,0,1308,0],[1307,1,1308,1],[1307,2,1308,2],[1307,3,1308,3],[1307,4,1307,5],[1307,6,1308,6],[1307,7,1308,7]],"flags":["formulas_cached_only"]}
["东莞市水务集团供水有限公司2025年度清洁保洁、绿化养护、除“四害”及灭蚁防治服务采购项目服务费用明细表"]
["项目名称：东莞市水务集团供水有限公司2025年度清洁保洁、绿化养护、除“四害”及灭蚁防治服务采购项目"]
["序号","名称","单位","工程量（面积)","金额（元）",null,"预计服务周期（月）","不含税小计（元）","备注"]
[{"$nulls":4},"不含税预算综合单价（元/m2/月）","不含税合计（元/月）"]
["一","制水分公司市第二水厂"]
["(一）","清洁保洁",{"$nulls":3},{"v":6694.5,"d":"6694.50"},null,{"v":80334,"d":"80334.00"}]
[1,"室内行政办公区（含宿舍、食堂）","m2",{"v":1870,"d":"1870.00"},1.05,{"v":1963.5,"d":"1963.50"},{"v":12,"d":"12.00"},{"v":23562,"d":"23562.00"}]
[2,"道路（含停车场、运动场）","m2",{"v":8300,"d":"8300.00"},0.57,{"v":4731,"d":"4731.00"},{"v":12,"d":"12.00"},{"v":56772,"d":"56772.00"}]
[3,"生产车间地面","m2",{"v":0,"d":"0.00"},0.58,{"v":0,"d":"0.00"},{"v":12,"d":"12.00"},{"v":0,"d":"0.00"}]
[4,"水面清洁","m2",{"v":0,"d":"0.00"},0.22,{"v":0,"d":"0.00"},{"v":12,"d":"12.00"},{"v":0,"d":"0.00"}]
[5,"池壁清洁","m2",{"v":0,"d":"0.00"},1.07,{"v":0,"d":"0.00"},{"v":12,"d":"12.00"},{"v":0,"d":"0.00"}]
["（二）","绿化养护",{"$nulls":3},1841.26,null,22095.12]
[6,"绿化养护（三级养护）","m2",{"v":4282,"d":"4282.00"},0.43,1841.26,{"v":12,"d":"12.00"},22095.12]
["（三）","除“四害”及灭蚁防治服务",{"$nulls":3},{"v":2880,"d":"2880.00"},null,{"v":34560,"d":"34560.00"}]
[7,"除“四害”及灭蚁防治服务","m2",{"v":24000,"d":"24000.00"},0.12,{"v":2880,"d":"2880.00"},{"v":12,"d":"12.00"},{"v":34560,"d":"34560.00"}]
[null,"合计",{"$nulls":3},11415.76,null,136989.12]
["项目名称：东莞市水务集团供水有限公司2025年度清洁保洁、绿化养护、除“四害”及灭蚁防治服务采购项目"]
["序号","名称","单位","工程量（面积)","金额（元）",null,"预计服务周期（月）","分项预算不含税价格（元）"]
[{"$nulls":4},"不含税预算综合单价（元/m2/月）","不含税合计（元/月）",null,null,"备注"]
["二","制水分公司市第二水厂\n（取水泵房）"]
["(一）","清洁保洁",{"$nulls":3},{"v":1083,"d":"1083.00"},null,{"v":12996,"d":"12996.00"}]
[1,"室内行政办公区（含宿舍、食堂）","m2",{"v":0,"d":"0.00"},1.05,{"v":0,"d":"0.00"},{"v":12,"d":"12.00"},{"v":0,"d":"0.00"}]
[2,"道路（含停车场、运动场）","m2",{"v":1900,"d":"1900.00"},0.57,{"v":1083,"d":"1083.00"},{"v":12,"d":"12.00"},{"v":12996,"d":"12996.00"}]
[3,"生产车间地面","m2",{"v":0,"d":"0.00"},0.58,{"v":0,"d":"0.00"},{"v":12,"d":"12.00"},{"v":0,"d":"0.00"}]
[4,"水面清洁","m2",{"v":0,"d":"0.00"},0.22,{"v":0,"d":"0.00"},{"v":12,"d":"12.00"},{"v":0,"d":"0.00"}]
[5,"池壁清洁","m2",{"v":0,"d":"0.00"},1.07,{"v":0,"d":"0.00"},{"v":12,"d":"12.00"},{"v":0,"d":"0.00"}]
["（二）","绿化养护",{"$nulls":3},42.14,null,505.68]
[6,"绿化养护（三级养护）","m2",{"v":98,"d":"98.00"},0.43,42.14,{"v":12,"d":"12.00"},505.68]
["（三）","除“四害”及灭蚁防治服务",{"$nulls":3},{"v":316.2,"d":"316.20"},null,{"v":3794.3999999999996,"d":"3794.40"}]
[7,"除“四害”及灭蚁防治服务","m2",{"v":2635,"d":"2635.00"},0.12,{"v":316.2,"d":"316.20"},{"v":12,"d":"12.00"},{"v":3794.3999999999996,"d":"3794.40"}]
[null,"合计",{"$nulls":3},1441.34,null,17296.08]
["项目名称：东莞市水务集团供水有限公司2025年度清洁保洁、绿化养护、除“四害”及灭蚁防治服务采购项目"]
["序号","名称","单位","工程量（面积)","金额（元）",null,"预计服务周期（月）","分项预算不含税价格（元）"]
[{"$nulls":4},"不含税预算综合单价（元/m2/月）","不含税合计（元/月）",null,null,"备注"]
["三","制水分公司市第三水厂"]
["(一）","清洁保洁",{"$nulls":3},12422.69,null,149072.28]
[1,"室内行政办公区（含宿舍、食堂）","m2",{"v":1513,"d":"1513.00"},1.05,1588.65,{"v":12,"d":"12.00"},{"v":19063.800000000003,"d":"19063.80"}]
[2,"道路（含停车场、运动场）","m2",{"v":12362,"d":"12362.00"},0.57,{"v":7046.339999999999,"d":"7046.34"},{"v":12,"d":"12.00"},{"v":84556.07999999999,"d":"84556.08"}]
[3,"生产车间地面","m2",{"v":1459,"d":"1459.00"},0.58,{"v":846.2199999999999,"d":"846.22"},{"v":12,"d":"12.00"},10154.64]
[4,"水面清洁","m2",{"v":1649,"d":"1649.00"},0.22,{"v":362.78000000000003,"d":"362.78"},{"v":12,"d":"12.00"},{"v":4353.360000000001,"d":"4353.36"}]
[5,"池壁清洁","m2",{"v":2410,"d":"2410.00"},1.07,{"v":2578.7000000000003,"d":"2578.70"},{"v":12,"d":"12.00"},{"v":30944.4,"d":"30944.40"}]
["（二）","绿化养护",{"$nulls":3},12038.04,null,144456.48]
[6,"绿化养护（二级养护）","m2",{"v":19108,"d":"19108.00"},0.63,12038.04,{"v":12,"d":"12.00"},144456.48]
["（三）","除“四害”及灭蚁防治服务",{"$nulls":3},5426.16,null,65113.92]
[7,"除“四害”及灭蚁防治服务","m2",{"v":45218,"d":"45218.00"},0.12,5426.16,{"v":12,"d":"12.00"},65113.92]
[null,"合计",{"$nulls":3},29886.89,null,{"v":358642.68000000005,"d":"358642.68"}]
["项目名称：东莞市水务集团供水有限公司2025年度清洁保洁、绿化养护、除“四害”及灭蚁防治服务采购项目"]
["序号","名称","单位","工程量（面积)","金额（元）",null,"预计服务周期（月）","分项预算不含税价格（元）"]
[{"$nulls":4},"不含税预算综合单价（元/m2/月）","不含税合计（元/月）",null,null,"备注"]
["四","制水分公司市第三水厂\n（取水泵房）"]
["(一）","清洁保洁",{"$nulls":3},{"v":0,"d":"0.00"},null,{"v":0,"d":"0.00"}]
[1,"室内行政办公区（含宿舍、食堂）","m2",{"v":0,"d":"0.00"},1.05,{"v":0,"d":"0.00"},{"v":12,"d":"12.00"},{"v":0,"d":"0.00"}]
[2,"道路（含停车场、运动场）","m2",{"v":0,"d":"0.00"},0.57,{"v":0,"d":"0.00"},{"v":12,"d":"12.00"},{"v":0,"d":"0.00"}]
[3,"生产车间地面","m2",{"v":0,"d":"0.00"},0.58,{"v":0,"d":"0.00"},{"v":12,"d":"12.00"},{"v":0,"d":"0.00"}]
[4,"水面清洁","m2",{"v":0,"d":"0.00"},0.22,{"v":0,"d":"0.00"},{"v":12,"d":"12.00"},{"v":0,"d":"0.00"}]
[5,"池壁清洁","m2",{"v":0,"d":"0.00"},1.07,{"v":0,"d":"0.00"},{"v":12,"d":"12.00"},{"v":0,"d":"0.00"}]
["（二）","绿化养护",{"$nulls":3},{"v":55.9,"d":"55.90"},null,{"v":670.8,"d":"670.80"}]
[6,"绿化养护（三级养护）","m2",{"v":130,"d":"130.00"},0.43,{"v":55.9,"d":"55.90"},{"v":12,"d":"12.00"},{"v":670.8,"d":"670.80"}]
["（三）","除“四害”及灭蚁防治服务",{"$nulls":3},190.56,null,{"v":2286.7200000000003,"d":"2286.72"}]
[7,"除“四害”及灭蚁防治服务","m2",{"v":1588,"d":"1588.00"},0.12,190.56,{"v":12,"d":"12.00"},{"v":2286.7200000000003,"d":"2286.72"}]
[null,"合计",{"$nulls":3},246.46,null,{"v":2957.5200000000004,"d":"2957.52"}]
["项目名称：东莞市水务集团供水有限公司2025年度清洁保洁、绿化养护、除“四害”及灭蚁防治服务采购项目"]
["序号","名称","单位","工程量（面积)","金额（元）",null,"预计服务周期（月）","分项预算不含税价格（元）"]
[{"$nulls":4},"不含税预算综合单价（元/m2/月）","不含税合计（元/月）",null,null,"备注"]
["五","制水分公司市第三水厂\n（大岭山加压站）"]
["(一）","清洁保洁",{"$nulls":3},{"v":0,"d":"0.00"},null,{"v":0,"d":"0.00"}]
[1,"室内行政办公区（含宿舍、食堂）","m2",{"v":0,"d":"0.00"},1.05,{"v":0,"d":"0.00"},{"v":12,"d":"12.00"},{"v":0,"d":"0.00"}]
[2,"道路（含停车场、运动场）","m2",{"v":0,"d":"0.00"},0.57,{"v":0,"d":"0.00"},{"v":12,"d":"12.00"},{"v":0,"d":"0.00"}]
[3,"生产车间地面","m2",{"v":0,"d":"0.00"},0.58,{"v":0,"d":"0.00"},{"v":12,"d":"12.00"},{"v":0,"d":"0.00"}]
[4,"水面清洁","m2",{"v":0,"d":"0.00"},0.22,{"v":0,"d":"0.00"},{"v":12,"d":"12.00"},{"v":0,"d":"0.00"}]
[5,"池壁清洁","m2",{"v":0,"d":"0.00"},1.07,{"v":0,"d":"0.00"},{"v":12,"d":"12.00"},{"v":0,"d":"0.00"}]
["（二）","绿化养护",{"$nulls":3},{"v":2709.4988,"d":"2709.50"},null,{"v":32513.9856,"d":"32513.99"}]
[6,"绿化养护（三级养护）","m2",6301.16,0.43,{"v":2709.4988,"d":"2709.50"},{"v":12,"d":"12.00"},{"v":32513.9856,"d":"32513.99"}]
["（三）","除“四害”及灭蚁防治服务",{"$nulls":3},1095.12,null,{"v":13141.439999999999,"d":"13141.44"}]
[7,"除“四害”及灭蚁防治服务","m2",{"v":9126,"d":"9126.00"},0.12,1095.12,{"v":12,"d":"12.00"},{"v":13141.439999999999,"d":"13141.44"}]
[null,"合计",{"$nulls":3},{"v":3804.6187999999997,"d":"3804.62"},null,{"v":45655.4256,"d":"45655.43"}]
["项目名称：东莞市水务集团供水有限公司2025年度清洁保洁、绿化养护、除“四害”及灭蚁防治服务采购项目"]
["序号","名称","单位","工程量（面积)","金额（元）",null,"预计服务周期（月）","分项预算不含税价格（元）"]
[{"$nulls":4},"不含税预算综合单价（元/m2/月）","不含税合计（元/月）",null,null,"备注"]
["六","制水分公司市第三水厂\n（长安加压站）"]
["(一）","清洁保洁",{"$nulls":3},{"v":0,"d":"0.00"},null,{"v":0,"d":"0.00"}]
[1,"室内行政办公区（含宿舍、食堂）","m2",{"v":0,"d":"0.00"},1.05,{"v":0,"d":"0.00"},{"v":12,"d":"12.00"},{"v":0,"d":"0.00"}]
[2,"道路（含停车场、运动场）","m2",{"v":0,"d":"0.00"},0.57,{"v":0,"d":"0.00"},{"v":12,"d":"12.00"},{"v":0,"d":"0.00"}]
[3,"生产车间地面","m2",{"v":0,"d":"0.00"},0.58,{"v":0,"d":"0.00"},{"v":12,"d":"12.00"},{"v":0,"d":"0.00"}]
[4,"水面清洁","m2",{"v":0,"d":"0.00"},0.22,{"v":0,"d":"0.00"},{"v":12,"d":"12.00"},{"v":0,"d":"0.00"}]
[5,"池壁清洁","m2",{"v":0,"d":"0.00"},1.07,{"v":0,"d":"0.00"},{"v":12,"d":"12.00"},{"v":0,"d":"0.00"}]
["（二）","绿化养护",{"$nulls":3},6526.97,null,78323.64]
[6,"绿化养护（三级养护）","m2",{"v":15179,"d":"15179.00"},0.43,6526.97,{"v":12,"d":"12.00"},78323.64]
["（三）","除“四害”及灭蚁防治服务",{"$nulls":3},2968.68,null,{"v":35624.159999999996,"d":"35624.16"}]
[7,"除“四害”及灭蚁防治服务","m2",{"v":24739,"d":"24739.00"},0.12,2968.68,{"v":12,"d":"12.00"},{"v":35624.159999999996,"d":"35624.16"}]
[null,"合计",{"$nulls":3},9495.65,null,{"v":113947.79999999999,"d":"113947.80"}]
["项目名称：东莞市水务集团供水有限公司2025年度清洁保洁、绿化养护、除“四害”及灭蚁防治服务采购项目"]
["序号","名称","单位","工程量（面积)","金额（元）",null,"预计服务周期（月）","分项预算不含税价格（元）"]
[{"$nulls":4},"不含税预算综合单价（元/m2/月）","不含税合计（元/月）",null,null,"备注"]
["七","制水分公司市第四水厂"]
["(一）","清洁保洁",{"$nulls":3},{"v":6058.5,"d":"6058.50"},null,{"v":72702,"d":"72702.00"}]
[1,"室内行政办公区（含宿舍、食堂）","m2",{"v":5770,"d":"5770.00"},1.05,{"v":6058.5,"d":"6058.50"},{"v":12,"d":"12.00"},{"v":72702,"d":"72702.00"}]
[2,"道路（含停车场、运动场）","m2",{"v":0,"d":"0.00"},0.57,{"v":0,"d":"0.00"},{"v":12,"d":"12.00"},{"v":0,"d":"0.00"}]
[3,"生产车间地面","m2",{"v":0,"d":"0.00"},0.58,{"v":0,"d":"0.00"},{"v":12,"d":"12.00"},{"v":0,"d":"0.00"}]
[4,"水面清洁","m2",{"v":0,"d":"0.00"},0.22,{"v":0,"d":"0.00"},{"v":12,"d":"12.00"},{"v":0,"d":"0.00"}]
[5,"池壁清洁","m2",{"v":0,"d":"0.00"},1.07,{"v":0,"d":"0.00"},{"v":12,"d":"12.00"},{"v":0,"d":"0.00"}]
["（二）","绿化养护",{"$nulls":3},53944.38,null,{"v":647332.5599999999,"d":"647332.56"}]
[6,"绿化养护（二级养护）","m2",{"v":85626,"d":"85626.00"},0.63,53944.38,{"v":12,"d":"12.00"},{"v":647332.5599999999,"d":"647332.56"}]
["（三）","除“四害”及灭蚁防治服务",{"$nulls":3},13033.08,null,156396.96]
[7,"除“四害”及灭蚁防治服务","m2",{"v":108609,"d":"108609.00"},0.12,13033.08,{"v":12,"d":"12.00"},156396.96]
[null,"合计",{"$nulls":3},{"v":73035.95999999999,"d":"73035.96"},null,{"v":876431.5199999999,"d":"876431.52"}]
["项目名称：东莞市水务集团供水有限公司2025年度清洁保洁、绿化养护、除“四害”及灭蚁防治服务采购项目"]
["序号","名称","单位","工程量（面积)","金额（元）",null,"预计服务周期（月）","分项预算不含税价格（元）"]
[{"$nulls":4},"不含税预算综合单价（元/m2/月）","不含税合计（元/月）",null,null,"备注"]
["八","制水分公司市第四水厂\n（取水头部）"]
["(一）","清洁保洁",{"$nulls":3},{"v":0,"d":"0.00"},null,{"v":0,"d":"0.00"}]
[1,"室内行政办公区（含宿舍、食堂）","m2",{"v":0,"d":"0.00"},1.05,{"v":0,"d":"0.00"},{"v":12,"d":"12.00"},{"v":0,"d":"0.00"}]
[2,"道路（含停车场、运动场）","m2",{"v":0,"d":"0.00"},0.57,{"v":0,"d":"0.00"},{"v":12,"d":"12.00"},{"v":0,"d":"0.00"}]
[3,"生产车间地面","m2",{"v":0,"d":"0.00"},0.58,{"v":0,"d":"0.00"},{"v":12,"d":"12.00"},{"v":0,"d":"0.00"}]
[4,"水面清洁","m2",{"v":0,"d":"0.00"},0.22,{"v":0,"d":"0.00"},{"v":12,"d":"12.00"},{"v":0,"d":"0.00"}]
[5,"池壁清洁","m2",{"v":0,"d":"0.00"},1.07,{"v":0,"d":"0.00"},{"v":12,"d":"12.00"},{"v":0,"d":"0.00"}]
["（二）","绿化养护",{"$nulls":3},{"v":1204,"d":"1204.00"},null,{"v":14448,"d":"14448.00"}]
[6,"绿化养护（三级养护）","m2",{"v":2800,"d":"2800.00"},0.43,{"v":1204,"d":"1204.00"},{"v":12,"d":"12.00"},{"v":14448,"d":"14448.00"}]
["（三）","除“四害”及灭蚁防治服务",{"$nulls":3},{"v":336,"d":"336.00"},null,{"v":4032,"d":"4032.00"}]
[7,"除“四害”及灭蚁防治服务","m2",{"v":2800,"d":"2800.00"},0.12,{"v":336,"d":"336.00"},{"v":12,"d":"12.00"},{"v":4032,"d":"4032.00"}]
[null,"合计",{"$nulls":3},{"v":1540,"d":"1540.00"},null,{"v":18480,"d":"18480.00"}]
["项目名称：东莞市水务集团供水有限公司2025年度清洁保洁、绿化养护、除“四害”及灭蚁防治服务采购项目"]
["序号","名称","单位","工程量（面积)","金额（元）",null,"预计服务周期（月）","分项预算不含税价格（元）"]
[{"$nulls":4},"不含税预算综合单价（元/m2/月）","不含税合计（元/月）",null,null,"备注"]
["九","制水分公司市第五水厂\n（含取水泵房）"]
["(一）","清洁保洁",{"$nulls":3},{"v":12027,"d":"12027.00"},null,{"v":144324,"d":"144324.00"}]
[1,"室内行政办公区（含宿舍、食堂）","m2",{"v":1800,"d":"1800.00"},1.05,{"v":1890,"d":"1890.00"},{"v":12,"d":"12.00"},{"v":22680,"d":"22680.00"}]
[2,"道路（含停车场、运动场）","m2",{"v":0,"d":"0.00"},0.57,{"v":0,"d":"0.00"},{"v":12,"d":"12.00"},{"v":0,"d":"0.00"}]
[3,"生产车间地面","m2",{"v":5700,"d":"5700.00"},0.58,{"v":3305.9999999999995,"d":"3306.00"},{"v":12,"d":"12.00"},{"v":39671.99999999999,"d":"39672.00"}]
[4,"水面清洁","m2",{"v":4300,"d":"4300.00"},0.22,{"v":946,"d":"946.00"},{"v":12,"d":"12.00"},{"v":11352,"d":"11352.00"}]
[5,"池壁清洁","m2",{"v":5500,"d":"5500.00"},1.07,{"v":5885,"d":"5885.00"},{"v":12,"d":"12.00"},{"v":70620,"d":"70620.00"}]
["（二）","绿化养护",{"$nulls":3},21420.88,null,257050.56]
[6,"绿化养护（三级养护）","m2",{"v":49816,"d":"49816.00"},0.43,21420.88,{"v":12,"d":"12.00"},257050.56]
["（三）","除“四害”及灭蚁防治服务",{"$nulls":3},{"v":7709.759999999999,"d":"7709.76"},null,92517.12]
[7,"除“四害”及灭蚁防治服务","m2",{"v":64248,"d":"64248.00"},0.12,{"v":7709.759999999999,"d":"7709.76"},{"v":12,"d":"12.00"},92517.12]
[null,"合计",{"$nulls":3},41157.64,null,493891.68]
["项目名称：东莞市水务集团供水有限公司2025年度清洁保洁、绿化养护、除“四害”及灭蚁防治服务采购项目"]
["序号","名称","单位","工程量（面积)","金额（元）",null,"预计服务周期（月）","分项预算不含税价格（元）"]
[{"$nulls":4},"不含税预算综合单价（元/m2/月）","不含税合计（元/月）",null,null,"备注"]
["十","制水分公司市第五水厂\n（东坑加压站）"]
["(一）","清洁保洁",{"$nulls":3},{"v":0,"d":"0.00"},null,{"v":0,"d":"0.00"}]
[1,"室内行政办公区（含宿舍、食堂）","m2",{"v":0,"d":"0.00"},1.05,{"v":0,"d":"0.00"},{"v":12,"d":"12.00"},{"v":0,"d":"0.00"}]
[2,"道路（含停车场、运动场）","m2",{"v":0,"d":"0.00"},0.57,{"v":0,"d":"0.00"},{"v":12,"d":"12.00"},{"v":0,"d":"0.00"}]
[3,"生产车间地面","m2",{"v":0,"d":"0.00"},0.58,{"v":0,"d":"0.00"},{"v":12,"d":"12.00"},{"v":0,"d":"0.00"}]
[4,"水面清洁","m2",{"v":0,"d":"0.00"},0.22,{"v":0,"d":"0.00"},{"v":12,"d":"12.00"},{"v":0,"d":"0.00"}]
[5,"池壁清洁","m2",{"v":0,"d":"0.00"},1.07,{"v":0,"d":"0.00"},{"v":12,"d":"12.00"},{"v":0,"d":"0.00"}]
["（二）","绿化养护",{"$nulls":3},128.14,null,{"v":1537.6799999999998,"d":"1537.68"}]
[6,"绿化养护（三级养护）","m2",{"v":298,"d":"298.00"},0.43,128.14,{"v":12,"d":"12.00"},{"v":1537.6799999999998,"d":"1537.68"}]
["（三）","除“四害”及灭蚁防治服务",{"$nulls":3},{"v":193.07999999999998,"d":"193.08"},null,2316.96]
[7,"除“四害”及灭蚁防治服务","m2",{"v":1609,"d":"1609.00"},0.12,{"v":193.07999999999998,"d":"193.08"},{"v":12,"d":"12.00"},2316.96]
[null,"合计",{"$nulls":3},{"v":321.21999999999997,"d":"321.22"},null,3854.64]
["项目名称：东莞市水务集团供水有限公司2025年度清洁保洁、绿化养护、除“四害”及灭蚁防治服务采购项目"]
["序号","名称","单位","工程量（面积)","金额（元）",null,"预计服务周期（月）","分项预算不含税价格（元）"]
[{"$nulls":4},"不含税预算综合单价（元/m2/月）","不含税合计（元/月）",null,null,"备注"]
["十一","制水分公司市第五水厂\n（松山湖加压站）"]
["(一）","清洁保洁",{"$nulls":3},{"v":0,"d":"0.00"},null,{"v":0,"d":"0.00"}]
[1,"室内行政办公区（含宿舍、食堂）","m2",{"v":0,"d":"0.00"},1.05,{"v":0,"d":"0.00"},{"v":12,"d":"12.00"},{"v":0,"d":"0.00"}]
[2,"道路（含停车场、运动场）","m2",{"v":0,"d":"0.00"},0.57,{"v":0,"d":"0.00"},{"v":12,"d":"12.00"},{"v":0,"d":"0.00"}]
[3,"生产车间地面","m2",{"v":0,"d":"0.00"},0.58,{"v":0,"d":"0.00"},{"v":12,"d":"12.00"},{"v":0,"d":"0.00"}]
[4,"水面清洁","m2",{"v":0,"d":"0.00"},0.22,{"v":0,"d":"0.00"},{"v":12,"d":"12.00"},{"v":0,"d":"0.00"}]
[5,"池壁清洁","m2",{"v":0,"d":"0.00"},1.07,{"v":0,"d":"0.00"},{"v":12,"d":"12.00"},{"v":0,"d":"0.00"}]
["（二）","绿化养护",{"$nulls":3},379.69,null,4556.28]
[6,"绿化养护（三级养护）","m2",{"v":883,"d":"883.00"},0.43,379.69,{"v":12,"d":"12.00"},4556.28]
["（三）","除“四害”及灭蚁防治服务",{"$nulls":3},{"v":157.79999999999998,"d":"157.80"},null,{"v":1893.6,"d":"1893.60"}]
[7,"除“四害”及灭蚁防治服务","m2",{"v":1315,"d":"1315.00"},0.12,{"v":157.79999999999998,"d":"157.80"},{"v":12,"d":"12.00"},{"v":1893.6,"d":"1893.60"}]
[null,"合计",{"$nulls":3},537.49,null,{"v":6449.879999999999,"d":"6449.88"}]
["项目名称：东莞市水务集团供水有限公司2025年度清洁保洁、绿化养护、除“四害”及灭蚁防治服务采购项目"]
["序号","名称","单位","工程量（面积)","金额（元）",null,"预计服务周期（月）","分项预算不含税价格（元）"]
[{"$nulls":4},"不含税预算综合单价（元/m2/月）","不含税合计（元/月）",null,null,"备注"]
["十二","制水分公司市第六水厂"]
["(一）","清洁保洁",{"$nulls":3},{"v":3597.0692,"d":"3597.07"},null,{"v":43164.8304,"d":"43164.83"}]
[1,"室内行政办公区（含宿舍、食堂）","m2",1932.62,1.05,{"v":2029.251,"d":"2029.25"},{"v":12,"d":"12.00"},{"v":24351.012,"d":"24351.01"}]
[2,"道路（含停车场、运动场）","m2",{"v":850,"d":"850.00"},0.57,{"v":484.49999999999994,"d":"484.50"},{"v":12,"d":"12.00"},{"v":5813.999999999999,"d":"5814.00"}]
[3,"生产车间地面","m2",1867.79,0.58,{"v":1083.3182,"d":"1083.32"},{"v":12,"d":"12.00"},{"v":12999.8184,"d":"12999.82"}]
[4,"水面清洁","m2",{"v":0,"d":"0.00"},0.22,{"v":0,"d":"0.00"},{"v":12,"d":"12.00"},{"v":0,"d":"0.00"}]
[5,"池壁清洁","m2",{"v":0,"d":"0.00"},1.07,{"v":0,"d":"0.00"},{"v":12,"d":"12.00"},{"v":0,"d":"0.00"}]
["（二）","绿化养护",{"$nulls":3},67389.21,null,808670.52]
[6,"绿化养护（二级养护）","m2",{"v":106967,"d":"106967.00"},0.63,67389.21,{"v":12,"d":"12.00"},808670.52]
["（三）","除“四害”及灭蚁防治服务",{"$nulls":3},{"v":18978.8676,"d":"18978.87"},null,{"v":227746.41120000003,"d":"227746.41"}]
[7,"除“四害”及灭蚁防治服务","m2",158157.23,0.12,{"v":18978.8676,"d":"18978.87"},{"v":12,"d":"12.00"},{"v":227746.41120000003,"d":"227746.41"}]
[null,"合计",{"$nulls":3},{"v":89965.1468,"d":"89965.15"},null,{"v":1079581.7616,"d":"1079581.76"}]
["项目名称：东莞市水务集团供水有限公司2025年度清洁保洁、绿化养护、除“四害”及灭蚁防治服务采购项目"]
["序号","名称","单位","工程量（面积)","金额（元）",null,"预计服务周期（月）","分项预算不含税价格（元）"]
[{"$nulls":4},"不含税预算综合单价（元/m2/月）","不含税合计（元/月）",null,null,"备注"]
["十三","制水分公司东城水厂"]
["(一）","清洁保洁",{"$nulls":3},{"v":8588,"d":"8588.00"},null,{"v":103056,"d":"103056.00"}]
[1,"室内行政办公区（含宿舍、食堂）","m2",{"v":2280,"d":"2280.00"},1.05,{"v":2394,"d":"2394.00"},{"v":12,"d":"12.00"},{"v":28728,"d":"28728.00"}]
[2,"道路（含停车场、运动场）","m2",{"v":7000,"d":"7000.00"},0.57,{"v":3989.9999999999995,"d":"3990.00"},{"v":12,"d":"12.00"},{"v":47879.99999999999,"d":"47880.00"}]
[3,"生产车间地面","m2",{"v":3800,"d":"3800.00"},0.58,{"v":2204,"d":"2204.00"},{"v":12,"d":"12.00"},{"v":26448,"d":"26448.00"}]
[4,"水面清洁","m2",{"v":0,"d":"0.00"},0.22,{"v":0,"d":"0.00"},{"v":12,"d":"12.00"},{"v":0,"d":"0.00"}]
[5,"池壁清洁","m2",{"v":0,"d":"0.00"},1.07,{"v":0,"d":"0.00"},{"v":12,"d":"12.00"},{"v":0,"d":"0.00"}]
["（二）","绿化养护",{"$nulls":3},{"v":0,"d":"0.00"},null,{"v":0,"d":"0.00"}]
[6,"绿化养护（三级养护）","m2",{"v":0,"d":"0.00"},0.43,{"v":0,"d":"0.00"},{"v":12,"d":"12.00"},{"v":0,"d":"0.00"}]
["（三）","除“四害”及灭蚁防治服务",{"$nulls":3},6050.04,null,72600.48]
[7,"除“四害”及灭蚁防治服务","m2",{"v":50417,"d":"50417.00"},0.12,6050.04,{"v":12,"d":"12.00"},72600.48]
[null,"合计",{"$nulls":3},14638.04,null,{"v":175656.47999999998,"d":"175656.48"}]
["项目名称：东莞市水务集团供水有限公司2025年度清洁保洁、绿化养护、除“四害”及灭蚁防治服务采购项目"]
["序号","名称","单位","工程量（面积)","金额（元）",null,"预计服务周期（月）","分项预算不含税价格（元）"]
[{"$nulls":4},"不含税预算综合单价（元/m2/月）","不含税合计（元/月）",null,null,"备注"]
["十四","制水分公司东城水厂\n（取水泵房）"]
["(一）","清洁保洁",{"$nulls":3},{"v":1518.1,"d":"1518.10"},null,{"v":18217.199999999997,"d":"18217.20"}]
[1,"室内行政办公区（含宿舍、食堂）","m2",{"v":40,"d":"40.00"},1.05,{"v":42,"d":"42.00"},{"v":12,"d":"12.00"},{"v":504,"d":"504.00"}]
[2,"道路（含停车场、运动场）","m2",{"v":1450,"d":"1450.00"},0.57,{"v":826.4999999999999,"d":"826.50"},{"v":12,"d":"12.00"},{"v":9917.999999999998,"d":"9918.00"}]
[3,"生产车间地面","m2",{"v":1120,"d":"1120.00"},0.58,{"v":649.5999999999999,"d":"649.60"},{"v":12,"d":"12.00"},{"v":7795.199999999999,"d":"7795.20"}]
[4,"水面清洁","m2",{"v":0,"d":"0.00"},0.22,{"v":0,"d":"0.00"},{"v":12,"d":"12.00"},{"v":0,"d":"0.00"}]
[5,"池壁清洁","m2",{"v":0,"d":"0.00"},1.07,{"v":0,"d":"0.00"},{"v":12,"d":"12.00"},{"v":0,"d":"0.00"}]
["（二）","绿化养护",{"$nulls":3},{"v":0,"d":"0.00"},null,{"v":0,"d":"0.00"}]
[6,"绿化养护（三级养护）","m2",{"v":0,"d":"0.00"},0.43,{"v":0,"d":"0.00"},{"v":12,"d":"12.00"},{"v":0,"d":"0.00"}]
["（三）","除“四害”及灭蚁防治服务",{"$nulls":3},{"v":240,"d":"240.00"},null,{"v":2880,"d":"2880.00"}]
[7,"除“四害”及灭蚁防治服务","m2",{"v":2000,"d":"2000.00"},0.12,{"v":240,"d":"240.00"},{"v":12,"d":"12.00"},{"v":2880,"d":"2880.00"}]
[null,"合计",{"$nulls":3},{"v":1758.1,"d":"1758.10"},null,{"v":21097.199999999997,"d":"21097.20"}]
["项目名称：东莞市水务集团供水有限公司2025年度清洁保洁、绿化养护、除“四害”及灭蚁防治服务采购项目"]
["序号","名称","单位","工程量（面积)","金额（元）",null,"预计服务周期（月）","分项预算不含税价格（元）"]
[{"$nulls":4},"不含税预算综合单价（元/m2/月）","不含税合计（元/月）",null,null,"备注"]
["十五","制水分公司万江水厂"]
["(一）","清洁保洁",{"$nulls":3},16773.66,null,{"v":201283.91999999998,"d":"201283.92"}]
[1,"室内行政办公区（含宿舍、食堂）","m2",{"v":0,"d":"0.00"},1.05,{"v":0,"d":"0.00"},{"v":12,"d":"12.00"},{"v":0,"d":"0.00"}]
[2,"道路（含停车场、运动场）","m2",{"v":11040,"d":"11040.00"},0.57,{"v":6292.799999999999,"d":"6292.80"},{"v":12,"d":"12.00"},{"v":75513.59999999999,"d":"75513.60"}]
[3,"生产车间地面","m2",{"v":0,"d":"0.00"},0.58,{"v":0,"d":"0.00"},{"v":12,"d":"12.00"},{"v":0,"d":"0.00"}]
[4,"水面清洁","m2",{"v":5813,"d":"5813.00"},0.22,1278.86,{"v":12,"d":"12.00"},15346.32]
[5,"池壁清洁","m2",{"v":8600,"d":"8600.00"},1.07,{"v":9202,"d":"9202.00"},{"v":12,"d":"12.00"},{"v":110424,"d":"110424.00"}]
["（二）","绿化养护",{"$nulls":3},6056.12,null,72673.44]
[6,"绿化养护（三级养护）","m2",{"v":14084,"d":"14084.00"},0.43,6056.12,{"v":12,"d":"12.00"},72673.44]
["（三）","除“四害”及灭蚁防治服务",{"$nulls":3},3714.24,null,44570.88]
[7,"除“四害”及灭蚁防治服务","m2",{"v":30952,"d":"30952.00"},0.12,3714.24,{"v":12,"d":"12.00"},44570.88]
[null,"合计",{"$nulls":3},26544.02,null,318528.24]
["项目名称：东莞市水务集团供水有限公司2025年度清洁保洁、绿化养护、除“四害”及灭蚁防治服务采购项目"]
["序号","名称","单位","工程量（面积)","金额（元）",null,"预计服务周期（月）","分项预算不含税价格（元）"]
[{"$nulls":4},"不含税预算综合单价（元/m2/月）","不含税合计（元/月）",null,null,"备注"]
["十六","制水分公司高埗水厂"]
["(一）","清洁保洁",{"$nulls":3},{"v":14186.6,"d":"14186.60"},null,{"v":170239.2,"d":"170239.20"}]
[1,"室内行政办公区（含宿舍、食堂）","m2",{"v":0,"d":"0.00"},1.05,{"v":0,"d":"0.00"},{"v":12,"d":"12.00"},{"v":0,"d":"0.00"}]
[2,"道路（含停车场、运动场）","m2",{"v":3880,"d":"3880.00"},0.57,{"v":2211.6,"d":"2211.60"},{"v":12,"d":"12.00"},{"v":26539.199999999997,"d":"26539.20"}]
[3,"生产车间地面","m2",{"v":1800,"d":"1800.00"},0.58,{"v":1044,"d":"1044.00"},{"v":12,"d":"12.00"},{"v":12528,"d":"12528.00"}]
[4,"水面清洁","m2",{"v":6400,"d":"6400.00"},0.22,{"v":1408,"d":"1408.00"},{"v":12,"d":"12.00"},{"v":16896,"d":"16896.00"}]
[5,"池壁清洁","m2",{"v":8900,"d":"8900.00"},1.07,{"v":9523,"d":"9523.00"},{"v":12,"d":"12.00"},{"v":114276,"d":"114276.00"}]
["（二）","绿化养护",{"$nulls":3},{"v":2064,"d":"2064.00"},null,{"v":24768,"d":"24768.00"}]
[6,"绿化养护（三级养护）","m2",{"v":4800,"d":"4800.00"},0.43,{"v":2064,"d":"2064.00"},{"v":12,"d":"12.00"},{"v":24768,"d":"24768.00"}]
["（三）","除“四害”及灭蚁防治服务",{"$nulls":3},{"v":3012.3599999999997,"d":"3012.36"},null,{"v":36148.31999999999,"d":"36148.32"}]
[7,"除“四害”及灭蚁防治服务","m2",{"v":25103,"d":"25103.00"},0.12,{"v":3012.3599999999997,"d":"3012.36"},{"v":12,"d":"12.00"},{"v":36148.31999999999,"d":"36148.32"}]
[null,"合计",{"$nulls":3},19262.96,null,{"v":231155.52000000002,"d":"231155.52"}]
["项目名称：东莞市水务集团供水有限公司2025年度清洁保洁、绿化养护、除“四害”及灭蚁防治服务采购项目"]
["序号","名称","单位","工程量（面积)","金额（元）",null,"预计服务周期（月）","分项预算不含税价格（元）"]
[{"$nulls":4},"不含税预算综合单价（元/m2/月）","不含税合计（元/月）",null,null,"备注"]
["十七","制水分公司石碣水厂\n（含取水泵房）"]
["(一）","清洁保洁",{"$nulls":3},13583.24,null,162998.88]
[1,"室内行政办公区（含宿舍、食堂）","m2",{"v":0,"d":"0.00"},1.05,{"v":0,"d":"0.00"},{"v":12,"d":"12.00"},{"v":0,"d":"0.00"}]
[2,"道路（含停车场、运动场）","m2",{"v":5360,"d":"5360.00"},0.57,{"v":3055.2,"d":"3055.20"},{"v":12,"d":"12.00"},{"v":36662.399999999994,"d":"36662.40"}]
[3,"生产车间地面","m2",{"v":10870,"d":"10870.00"},0.58,{"v":6304.599999999999,"d":"6304.60"},{"v":12,"d":"12.00"},{"v":75655.2,"d":"75655.20"}]
[4,"水面清洁","m2",{"v":2272,"d":"2272.00"},0.22,499.84,{"v":12,"d":"12.00"},5998.08]
[5,"池壁清洁","m2",{"v":3480,"d":"3480.00"},1.07,{"v":3723.6000000000004,"d":"3723.60"},{"v":12,"d":"12.00"},{"v":44683.200000000004,"d":"44683.20"}]
["（二）","绿化养护",{"$nulls":3},{"v":2283.3,"d":"2283.30"},null,{"v":27399.600000000002,"d":"27399.60"}]
[6,"绿化养护（三级养护）","m2",{"v":5310,"d":"5310.00"},0.43,{"v":2283.3,"d":"2283.30"},{"v":12,"d":"12.00"},{"v":27399.600000000002,"d":"27399.60"}]
["（三）","除“四害”及灭蚁防治服务",{"$nulls":3},{"v":1920,"d":"1920.00"},null,{"v":23040,"d":"23040.00"}]
[7,"除“四害”及灭蚁防治服务","m2",{"v":16000,"d":"16000.00"},0.12,{"v":1920,"d":"1920.00"},{"v":12,"d":"12.00"},{"v":23040,"d":"23040.00"}]
[null,"合计",{"$nulls":3},17786.54,null,213438.48]
["项目名称：东莞市水务集团供水有限公司2025年度清洁保洁、绿化养护、除“四害”及灭蚁防治服务采购项目"]
["序号","名称","单位","工程量（面积)","金额（元）",null,"预计服务周期（月）","分项预算不含税价格（元）"]
[{"$nulls":4},"不含税预算综合单价（元/m2/月）","不含税合计（元/月）",null,null,"备注"]
["十八","制水分公司石龙西湖水厂"]
["(一）","清洁保洁",{"$nulls":3},{"v":9793.8216,"d":"9793.82"},null,{"v":117525.8592,"d":"117525.86"}]
[1,"室内行政办公区（含宿舍、食堂）","m2",1216.21,1.05,{"v":1277.0205,"d":"1277.02"},{"v":12,"d":"12.00"},{"v":15324.246000000001,"d":"15324.25"}]
[2,"道路（含停车场、运动场）","m2",2884.23,0.57,{"v":1644.0111,"d":"1644.01"},{"v":12,"d":"12.00"},{"v":19728.1332,"d":"19728.13"}]
[3,"生产车间地面","m2",1193.65,0.58,{"v":692.317,"d":"692.32"},{"v":12,"d":"12.00"},{"v":8307.804,"d":"8307.80"}]
[4,"水面清洁","m2",3315.75,0.22,{"v":729.465,"d":"729.47"},{"v":12,"d":"12.00"},8753.58]
[5,"池壁清洁","m2",{"v":5094.4,"d":"5094.40"},1.07,{"v":5451.008,"d":"5451.01"},{"v":12,"d":"12.00"},{"v":65412.096,"d":"65412.10"}]
["（二）","绿化养护",{"$nulls":3},{"v":7161.383400000001,"d":"7161.38"},null,{"v":85936.60080000001,"d":"85936.60"}]
[6,"绿化养护（三级养护）","m2",16654.38,0.43,{"v":7161.383400000001,"d":"7161.38"},{"v":12,"d":"12.00"},{"v":85936.60080000001,"d":"85936.60"}]
["（三）","除“四害”及灭蚁防治服务",{"$nulls":3},{"v":3720,"d":"3720.00"},null,{"v":44640,"d":"44640.00"}]
[7,"除“四害”及灭蚁防治服务","m2",{"v":31000,"d":"31000.00"},0.12,{"v":3720,"d":"3720.00"},{"v":12,"d":"12.00"},{"v":44640,"d":"44640.00"}]
[null,"合计",{"$nulls":3},{"v":20675.205,"d":"20675.21"},null,{"v":248102.46000000002,"d":"248102.46"}]
["项目名称：东莞市水务集团供水有限公司2025年度清洁保洁、绿化养护、除“四害”及灭蚁防治服务采购项目"]
["序号","名称","单位","工程量（面积)","金额（元）",null,"预计服务周期（月）","分项预算不含税价格（元）"]
[{"$nulls":4},"不含税预算综合单价（元/m2/月）","不含税合计（元/月）",null,null,"备注"]
["十九","制水分公司石龙黄洲水厂"]
["(一）","清洁保洁",{"$nulls":3},{"v":17149.766300000003,"d":"17149.77"},null,{"v":205797.19559999998,"d":"205797.20"}]
[1,"室内行政办公区（含宿舍、食堂）","m2",1294.27,1.05,{"v":1358.9835,"d":"1358.98"},{"v":12,"d":"12.00"},{"v":16307.802,"d":"16307.80"}]
[2,"道路（含停车场、运动场）","m2",{"v":5043,"d":"5043.00"},0.57,{"v":2874.5099999999998,"d":"2874.51"},{"v":12,"d":"12.00"},{"v":34494.119999999995,"d":"34494.12"}]
[3,"生产车间地面","m2",{"v":1458.6,"d":"1458.60"},0.58,{"v":845.9879999999999,"d":"845.99"},{"v":12,"d":"12.00"},{"v":10151.856,"d":"10151.86"}]
[4,"水面清洁","m2",{"v":6741,"d":"6741.00"},0.22,1483.02,{"v":12,"d":"12.00"},{"v":17796.239999999998,"d":"17796.24"}]
[5,"池壁清洁","m2",9894.64,1.07,{"v":10587.2648,"d":"10587.26"},{"v":12,"d":"12.00"},{"v":127047.17760000001,"d":"127047.18"}]
["（二）","绿化养护",{"$nulls":3},{"v":3610.9680000000003,"d":"3610.97"},null,{"v":43331.616,"d":"43331.62"}]
[6,"绿化养护（三级养护）","m2",{"v":8397.6,"d":"8397.60"},0.43,{"v":3610.9680000000003,"d":"3610.97"},{"v":12,"d":"12.00"},{"v":43331.616,"d":"43331.62"}]
["（三）","除“四害”及灭蚁防治服务",{"$nulls":3},{"v":2760,"d":"2760.00"},null,{"v":33120,"d":"33120.00"}]
[7,"除“四害”及灭蚁防治服务","m2",{"v":23000,"d":"23000.00"},0.12,{"v":2760,"d":"2760.00"},{"v":12,"d":"12.00"},{"v":33120,"d":"33120.00"}]
[null,"合计",{"$nulls":3},{"v":23520.734300000004,"d":"23520.73"},null,{"v":282248.8116,"d":"282248.81"}]
["项目名称：东莞市水务集团供水有限公司2025年度清洁保洁、绿化养护、除“四害”及灭蚁防治服务采购项目"]
["序号","名称","单位","工程量（面积)","金额（元）",null,"预计服务周期（月）","分项预算不含税价格（元）"]
[{"$nulls":4},"不含税预算综合单价（元/m2/月）","不含税合计（元/月）",null,null,"备注"]
["二十","制水分公司石排水厂"]
["(一）","清洁保洁",{"$nulls":3},{"v":14989.999999999998,"d":"14990.00"},null,{"v":179880,"d":"179880.00"}]
[1,"室内行政办公区（含宿舍、食堂）","m2",{"v":0,"d":"0.00"},1.05,{"v":0,"d":"0.00"},{"v":12,"d":"12.00"},{"v":0,"d":"0.00"}]
[2,"道路（含停车场、运动场）","m2",{"v":3500,"d":"3500.00"},0.57,{"v":1994.9999999999998,"d":"1995.00"},{"v":12,"d":"12.00"},{"v":23939.999999999996,"d":"23940.00"}]
[3,"生产车间地面","m2",{"v":11500,"d":"11500.00"},0.58,{"v":6669.999999999999,"d":"6670.00"},{"v":12,"d":"12.00"},{"v":80039.99999999999,"d":"80040.00"}]
[4,"水面清洁","m2",{"v":2000,"d":"2000.00"},0.22,{"v":440,"d":"440.00"},{"v":12,"d":"12.00"},{"v":5280,"d":"5280.00"}]
[5,"池壁清洁","m2",{"v":5500,"d":"5500.00"},1.07,{"v":5885,"d":"5885.00"},{"v":12,"d":"12.00"},{"v":70620,"d":"70620.00"}]
["（二）","绿化养护",{"$nulls":3},{"v":6880,"d":"6880.00"},null,{"v":82560,"d":"82560.00"}]
[6,"绿化养护（三级养护）","m2",{"v":16000,"d":"16000.00"},0.43,{"v":6880,"d":"6880.00"},{"v":12,"d":"12.00"},{"v":82560,"d":"82560.00"}]
["（三）","除“四害”及灭蚁防治服务",{"$nulls":3},{"v":1920,"d":"1920.00"},null,{"v":23040,"d":"23040.00"}]
[7,"除“四害”及灭蚁防治服务","m2",{"v":16000,"d":"16000.00"},0.12,{"v":1920,"d":"1920.00"},{"v":12,"d":"12.00"},{"v":23040,"d":"23040.00"}]
[null,"合计",{"$nulls":3},{"v":23790,"d":"23790.00"},null,{"v":285480,"d":"285480.00"}]
["项目名称：东莞市水务集团供水有限公司2025年度清洁保洁、绿化养护、除“四害”及灭蚁防治服务采购项目"]
["序号","名称","单位","工程量（面积)","金额（元）",null,"预计服务周期（月）","分项预算不含税价格（元）"]
[{"$nulls":4},"不含税预算综合单价（元/m2/月）","不含税合计（元/月）",null,null,"备注"]
["二十一","制水分公司石排水厂\n（新取水泵房）"]
["(一）","清洁保洁",{"$nulls":3},{"v":596,"d":"596.00"},null,{"v":7151.999999999999,"d":"7152.00"}]
[1,"室内行政办公区（含宿舍、食堂）","m2",{"v":0,"d":"0.00"},1.05,{"v":0,"d":"0.00"},{"v":12,"d":"12.00"},{"v":0,"d":"0.00"}]
[2,"道路（含停车场、运动场）","m2",{"v":0,"d":"0.00"},0.57,{"v":0,"d":"0.00"},{"v":12,"d":"12.00"},{"v":0,"d":"0.00"}]
[3,"生产车间地面","m2",{"v":800,"d":"800.00"},0.58,{"v":463.99999999999994,"d":"464.00"},{"v":12,"d":"12.00"},{"v":5567.999999999999,"d":"5568.00"}]
[4,"水面清洁","m2",{"v":600,"d":"600.00"},0.22,{"v":132,"d":"132.00"},{"v":12,"d":"12.00"},{"v":1584,"d":"1584.00"}]
[5,"池壁清洁","m2",{"v":0,"d":"0.00"},1.07,{"v":0,"d":"0.00"},{"v":12,"d":"12.00"},{"v":0,"d":"0.00"}]
["（二）","绿化养护",{"$nulls":3},{"v":1075,"d":"1075.00"},null,{"v":12900,"d":"12900.00"}]
[6,"绿化养护（三级养护）","m2",{"v":2500,"d":"2500.00"},0.43,{"v":1075,"d":"1075.00"},{"v":12,"d":"12.00"},{"v":12900,"d":"12900.00"}]
["（三）","除“四害”及灭蚁防治服务",{"$nulls":3},{"v":300,"d":"300.00"},null,{"v":3600,"d":"3600.00"}]
[7,"除“四害”及灭蚁防治服务","m2",{"v":2500,"d":"2500.00"},0.12,{"v":300,"d":"300.00"},{"v":12,"d":"12.00"},{"v":3600,"d":"3600.00"}]
[null,"合计",{"$nulls":3},{"v":1971,"d":"1971.00"},null,{"v":23652,"d":"23652.00"}]
["项目名称：东莞市水务集团供水有限公司2025年度清洁保洁、绿化养护、除“四害”及灭蚁防治服务采购项目"]
["序号","名称","单位","工程量（面积)","金额（元）",null,"预计服务周期（月）","分项预算不含税价格（元）"]
[{"$nulls":4},"不含税预算综合单价（元/m2/月）","不含税合计（元/月）",null,null,"备注"]
["二十二","制水分公司石排水厂\n（旧取水泵房）"]
["(一）","清洁保洁",{"$nulls":3},{"v":87,"d":"87.00"},null,{"v":1044,"d":"1044.00"}]
[1,"室内行政办公区（含宿舍、食堂）","m2",{"v":0,"d":"0.00"},1.05,{"v":0,"d":"0.00"},{"v":12,"d":"12.00"},{"v":0,"d":"0.00"}]
[2,"道路（含停车场、运动场）","m2",{"v":0,"d":"0.00"},0.57,{"v":0,"d":"0.00"},{"v":12,"d":"12.00"},{"v":0,"d":"0.00"}]
[3,"生产车间地面","m2",{"v":150,"d":"150.00"},0.58,{"v":87,"d":"87.00"},{"v":12,"d":"12.00"},{"v":1044,"d":"1044.00"}]
[4,"水面清洁","m2",{"v":0,"d":"0.00"},0.22,{"v":0,"d":"0.00"},{"v":12,"d":"12.00"},{"v":0,"d":"0.00"}]
[5,"池壁清洁","m2",{"v":0,"d":"0.00"},1.07,{"v":0,"d":"0.00"},{"v":12,"d":"12.00"},{"v":0,"d":"0.00"}]
["（二）","绿化养护",{"$nulls":3},{"v":430,"d":"430.00"},null,{"v":5160,"d":"5160.00"}]
[6,"绿化养护（三级养护）","m2",{"v":1000,"d":"1000.00"},0.43,{"v":430,"d":"430.00"},{"v":12,"d":"12.00"},{"v":5160,"d":"5160.00"}]
["（三）","除“四害”及灭蚁防治服务",{"$nulls":3},{"v":120,"d":"120.00"},null,{"v":1440,"d":"1440.00"}]
[7,"除“四害”及灭蚁防治服务","m2",{"v":1000,"d":"1000.00"},0.12,{"v":120,"d":"120.00"},{"v":12,"d":"12.00"},{"v":1440,"d":"1440.00"}]
[null,"合计",{"$nulls":3},{"v":637,"d":"637.00"},null,{"v":7644,"d":"7644.00"}]
["项目名称：东莞市水务集团供水有限公司2025年度清洁保洁、绿化养护、除“四害”及灭蚁防治服务采购项目"]
["序号","名称","单位","工程量（面积)","金额（元）",null,"预计服务周期（月）","分项预算不含税价格（元）"]
[{"$nulls":4},"不含税预算综合单价（元/m2/月）","不含税合计（元/月）",null,null,"备注"]
["二十三","制水分公司茶山水厂"]
["(一）","清洁保洁",{"$nulls":3},{"v":0,"d":"0.00"},null,{"v":0,"d":"0.00"}]
[1,"室内行政办公区（含宿舍、食堂）","m2",{"v":0,"d":"0.00"},1.05,{"v":0,"d":"0.00"},{"v":12,"d":"12.00"},{"v":0,"d":"0.00"}]
[2,"道路（含停车场、运动场）","m2",{"v":0,"d":"0.00"},0.57,{"v":0,"d":"0.00"},{"v":12,"d":"12.00"},{"v":0,"d":"0.00"}]
[3,"生产车间地面","m2",{"v":0,"d":"0.00"},0.58,{"v":0,"d":"0.00"},{"v":12,"d":"12.00"},{"v":0,"d":"0.00"}]
[4,"水面清洁","m2",{"v":0,"d":"0.00"},0.22,{"v":0,"d":"0.00"},{"v":12,"d":"12.00"},{"v":0,"d":"0.00"}]
[5,"池壁清洁","m2",{"v":0,"d":"0.00"},1.07,{"v":0,"d":"0.00"},{"v":12,"d":"12.00"},{"v":0,"d":"0.00"}]
["（二）","绿化养护",{"$nulls":3},{"v":0,"d":"0.00"},null,{"v":0,"d":"0.00"}]
[6,"绿化养护（三级养护）","m2",{"v":0,"d":"0.00"},0.43,{"v":0,"d":"0.00"},{"v":12,"d":"12.00"},{"v":0,"d":"0.00"}]
["（三）","除“四害”及灭蚁防治服务",{"$nulls":3},{"v":1560,"d":"1560.00"},null,{"v":18720,"d":"18720.00"}]
[7,"除“四害”及灭蚁防治服务","m2",{"v":13000,"d":"13000.00"},0.12,{"v":1560,"d":"1560.00"},{"v":12,"d":"12.00"},{"v":18720,"d":"18720.00"}]
[null,"合计",{"$nulls":3},{"v":1560,"d":"1560.00"},null,{"v":18720,"d":"18720.00"}]
["项目名称：东莞市水务集团供水有限公司2025年度清洁保洁、绿化养护、除“四害”及灭蚁防治服务采购项目"]
["序号","名称","单位","工程量（面积)","金额（元）",null,"预计服务周期（月）","分项预算不含税价格（元）"]
[{"$nulls":4},"不含税预算综合单价（元/m2/月）","不含税合计（元/月）",null,null,"备注"]
["二十四","制水分公司大岭山长湖水厂"]
["(一）","清洁保洁",{"$nulls":3},10492.11,null,{"v":125905.31999999999,"d":"125905.32"}]
[1,"室内行政办公区（含宿舍、食堂）","m2",{"v":1897,"d":"1897.00"},1.05,{"v":1991.8500000000001,"d":"1991.85"},{"v":12,"d":"12.00"},{"v":23902.2,"d":"23902.20"}]
[2,"道路（含停车场、运动场）","m2",{"v":7500,"d":"7500.00"},0.57,{"v":4275,"d":"4275.00"},{"v":12,"d":"12.00"},{"v":51300,"d":"51300.00"}]
[3,"生产车间地面","m2",{"v":1452,"d":"1452.00"},0.58,842.16,{"v":12,"d":"12.00"},10105.92]
[4,"水面清洁","m2",{"v":1886,"d":"1886.00"},0.22,414.92,{"v":12,"d":"12.00"},4979.04]
[5,"池壁清洁","m2",{"v":2774,"d":"2774.00"},1.07,{"v":2968.1800000000003,"d":"2968.18"},{"v":12,"d":"12.00"},35618.16]
["（二）","绿化养护",{"$nulls":3},{"v":5409.4,"d":"5409.40"},null,{"v":64912.799999999996,"d":"64912.80"}]
[6,"绿化养护（三级养护）","m2",{"v":12580,"d":"12580.00"},0.43,{"v":5409.4,"d":"5409.40"},{"v":12,"d":"12.00"},{"v":64912.799999999996,"d":"64912.80"}]
["（三）","除“四害”及灭蚁防治服务",{"$nulls":3},{"v":2685.5843999999997,"d":"2685.58"},null,{"v":32227.012799999997,"d":"32227.01"}]
[7,"除“四害”及灭蚁防治服务","m2",22379.87,0.12,{"v":2685.5843999999997,"d":"2685.58"},{"v":12,"d":"12.00"},{"v":32227.012799999997,"d":"32227.01"}]
[null,"合计",{"$nulls":3},{"v":18587.0944,"d":"18587.09"},null,{"v":223045.13279999996,"d":"223045.13"}]
["项目名称：东莞市水务集团供水有限公司2025年度清洁保洁、绿化养护、除“四害”及灭蚁防治服务采购项目"]
["序号","名称","单位","工程量（面积)","金额（元）",null,"预计服务周期（月）","分项预算不含税价格（元）"]
[{"$nulls":4},"不含税预算综合单价（元/m2/月）","不含税合计（元/月）",null,null,"备注"]
["二十五","制水分公司大岭山金鸡咀水厂"]
["(一）","清洁保洁",{"$nulls":3},{"v":3762.1000000000004,"d":"3762.10"},null,{"v":45145.2,"d":"45145.20"}]
[1,"室内行政办公区（含宿舍、食堂）","m2",{"v":120,"d":"120.00"},1.05,{"v":126,"d":"126.00"},{"v":12,"d":"12.00"},{"v":1512,"d":"1512.00"}]
[2,"道路（含停车场、运动场）","m2",{"v":3000,"d":"3000.00"},0.57,{"v":1709.9999999999998,"d":"1710.00"},{"v":12,"d":"12.00"},{"v":20519.999999999996,"d":"20520.00"}]
[3,"生产车间地面","m2",{"v":550,"d":"550.00"},0.58,{"v":319,"d":"319.00"},{"v":12,"d":"12.00"},{"v":3828,"d":"3828.00"}]
[4,"水面清洁","m2",{"v":350,"d":"350.00"},0.22,{"v":77,"d":"77.00"},{"v":12,"d":"12.00"},{"v":924,"d":"924.00"}]
[5,"池壁清洁","m2",{"v":1430,"d":"1430.00"},1.07,{"v":1530.1000000000001,"d":"1530.10"},{"v":12,"d":"12.00"},{"v":18361.2,"d":"18361.20"}]
["（二）","绿化养护",{"$nulls":3},2564.52,null,{"v":30774.239999999998,"d":"30774.24"}]
[6,"绿化养护（三级养护）","m2",{"v":5964,"d":"5964.00"},0.43,2564.52,{"v":12,"d":"12.00"},{"v":30774.239999999998,"d":"30774.24"}]
["（三）","除“四害”及灭蚁防治服务",{"$nulls":3},1133.37,null,{"v":13600.439999999999,"d":"13600.44"}]
[7,"除“四害”及灭蚁防治服务","m2",9444.75,0.12,1133.37,{"v":12,"d":"12.00"},{"v":13600.439999999999,"d":"13600.44"}]
[null,"合计",{"$nulls":3},7459.99,null,{"v":89519.87999999999,"d":"89519.88"}]
["项目名称：东莞市水务集团供水有限公司2025年度清洁保洁、绿化养护、除“四害”及灭蚁防治服务采购项目"]
["序号","名称","单位","工程量（面积)","金额（元）",null,"预计服务周期（月）","分项预算不含税价格（元）"]
[{"$nulls":4},"不含税预算综合单价（元/m2/月）","不含税合计（元/月）",null,null,"备注"]
["二十六","制水分公司中堂水厂"]
["(一）","清洁保洁",{"$nulls":3},{"v":2408.9339999999997,"d":"2408.93"},null,{"v":28907.208,"d":"28907.21"}]
[1,"室内行政办公区（含宿舍、食堂）","m2",{"v":0,"d":"0.00"},1.05,{"v":0,"d":"0.00"},{"v":12,"d":"12.00"},{"v":0,"d":"0.00"}]
[2,"道路（含停车场、运动场）","m2",{"v":4226.2,"d":"4226.20"},0.57,{"v":2408.9339999999997,"d":"2408.93"},{"v":12,"d":"12.00"},{"v":28907.208,"d":"28907.21"}]
[3,"生产车间地面","m2",{"v":0,"d":"0.00"},0.58,{"v":0,"d":"0.00"},{"v":12,"d":"12.00"},{"v":0,"d":"0.00"}]
[4,"水面清洁","m2",{"v":0,"d":"0.00"},0.22,{"v":0,"d":"0.00"},{"v":12,"d":"12.00"},{"v":0,"d":"0.00"}]
[5,"池壁清洁","m2",{"v":0,"d":"0.00"},1.07,{"v":0,"d":"0.00"},{"v":12,"d":"12.00"},{"v":0,"d":"0.00"}]
["（二）","绿化养护",{"$nulls":3},2858.64,null,34303.68]
[6,"绿化养护（三级养护）","m2",{"v":6648,"d":"6648.00"},0.43,2858.64,{"v":12,"d":"12.00"},34303.68]
["（三）","除“四害”及灭蚁防治服务",{"$nulls":3},3357.96,null,{"v":40295.520000000004,"d":"40295.52"}]
[7,"除“四害”及灭蚁防治服务","m2",{"v":27983,"d":"27983.00"},0.12,3357.96,{"v":12,"d":"12.00"},{"v":40295.520000000004,"d":"40295.52"}]
[null,"合计",{"$nulls":3},{"v":8625.534,"d":"8625.53"},null,{"v":103506.40800000001,"d":"103506.41"}]
["项目名称：东莞市水务集团供水有限公司2025年度清洁保洁、绿化养护、除“四害”及灭蚁防治服务采购项目"]
["序号","名称","单位","工程量（面积)","金额（元）",null,"预计服务周期（月）","分项预算不含税价格（元）"]
[{"$nulls":4},"不含税预算综合单价（元/m2/月）","不含税合计（元/月）",null,null,"备注"]
["二十七","制水分公司中堂水厂\n（取水泵房）"]
["(一）","清洁保洁",{"$nulls":3},1581.15,null,{"v":18973.8,"d":"18973.80"}]
[1,"室内行政办公区（含宿舍、食堂）","m2",{"v":126,"d":"126.00"},1.05,{"v":132.3,"d":"132.30"},{"v":12,"d":"12.00"},{"v":1587.6000000000001,"d":"1587.60"}]
[2,"道路（含停车场、运动场）","m2",{"v":1611.4,"d":"1611.40"},0.57,{"v":918.4979999999999,"d":"918.50"},{"v":12,"d":"12.00"},{"v":11021.975999999999,"d":"11021.98"}]
[3,"生产车间地面","m2",{"v":914.4,"d":"914.40"},0.58,{"v":530.352,"d":"530.35"},{"v":12,"d":"12.00"},{"v":6364.224,"d":"6364.22"}]
[4,"水面清洁","m2",{"v":0,"d":"0.00"},0.22,{"v":0,"d":"0.00"},{"v":12,"d":"12.00"},{"v":0,"d":"0.00"}]
[5,"池壁清洁","m2",{"v":0,"d":"0.00"},1.07,{"v":0,"d":"0.00"},{"v":12,"d":"12.00"},{"v":0,"d":"0.00"}]
["（二）","绿化养护",{"$nulls":3},{"v":1431.9,"d":"1431.90"},null,{"v":17182.800000000003,"d":"17182.80"}]
[6,"绿化养护（三级养护）","m2",{"v":3330,"d":"3330.00"},0.43,{"v":1431.9,"d":"1431.90"},{"v":12,"d":"12.00"},{"v":17182.800000000003,"d":"17182.80"}]
["（三）","除“四害”及灭蚁防治服务",{"$nulls":3},1248.48,null,14981.76]
[7,"除“四害”及灭蚁防治服务","m2",{"v":10404,"d":"10404.00"},0.12,1248.48,{"v":12,"d":"12.00"},14981.76]
[null,"合计",{"$nulls":3},{"v":4261.530000000001,"d":"4261.53"},null,51138.36]
["项目名称：东莞市水务集团供水有限公司2025年度清洁保洁、绿化养护、除“四害”及灭蚁防治服务采购项目"]
["序号","名称","单位","工程量（面积)","金额（元）",null,"预计服务周期（月）","分项预算不含税价格（元）"]
[{"$nulls":4},"不含税预算综合单价（元/m2/月）","不含税合计（元/月）",null,null,"备注"]
["二十八","制水分公司塘厦中心水厂"]
["(一）","清洁保洁",{"$nulls":3},10348.58,null,{"v":124182.95999999999,"d":"124182.96"}]
[1,"室内行政办公区（含宿舍、食堂）","m2",{"v":272,"d":"272.00"},1.05,{"v":285.6,"d":"285.60"},{"v":12,"d":"12.00"},{"v":3427.2000000000003,"d":"3427.20"}]
[2,"道路（含停车场、运动场）","m2",{"v":7202,"d":"7202.00"},0.57,{"v":4105.139999999999,"d":"4105.14"},{"v":12,"d":"12.00"},{"v":49261.67999999999,"d":"49261.68"}]
[3,"生产车间地面","m2",{"v":1167,"d":"1167.00"},0.58,{"v":676.8599999999999,"d":"676.86"},{"v":12,"d":"12.00"},{"v":8122.319999999999,"d":"8122.32"}]
[4,"水面清洁","m2",{"v":1836,"d":"1836.00"},0.22,403.92,{"v":12,"d":"12.00"},4847.04]
[5,"池壁清洁","m2",{"v":4558,"d":"4558.00"},1.07,4877.06,{"v":12,"d":"12.00"},58524.72]
["（二）","绿化养护",{"$nulls":3},{"v":2506.9,"d":"2506.90"},null,{"v":30082.800000000003,"d":"30082.80"}]
[6,"绿化养护（三级养护）","m2",{"v":5830,"d":"5830.00"},0.43,{"v":2506.9,"d":"2506.90"},{"v":12,"d":"12.00"},{"v":30082.800000000003,"d":"30082.80"}]
["（三）","除“四害”及灭蚁防治服务",{"$nulls":3},{"v":1798.4628,"d":"1798.46"},null,{"v":21581.5536,"d":"21581.55"}]
[7,"除“四害”及灭蚁防治服务","m2",14987.19,0.12,{"v":1798.4628,"d":"1798.46"},{"v":12,"d":"12.00"},{"v":21581.5536,"d":"21581.55"}]
[null,"合计",{"$nulls":3},{"v":14653.9428,"d":"14653.94"},null,{"v":175847.3136,"d":"175847.31"}]
["项目名称：东莞市水务集团供水有限公司2025年度清洁保洁、绿化养护、除“四害”及灭蚁防治服务采购项目"]
["序号","名称","单位","工程量（面积)","金额（元）",null,"预计服务周期（月）","分项预算不含税价格（元）"]
[{"$nulls":4},"不含税预算综合单价（元/m2/月）","不含税合计（元/月）",null,null,"备注"]
["二十九","制水分公司塘厦凤凰水厂"]
["(一）","清洁保洁",{"$nulls":3},{"v":8943.220000000001,"d":"8943.22"},null,107318.64]
[1,"室内行政办公区（含宿舍、食堂）","m2",{"v":0,"d":"0.00"},1.05,{"v":0,"d":"0.00"},{"v":12,"d":"12.00"},{"v":0,"d":"0.00"}]
[2,"道路（含停车场、运动场）","m2",{"v":0,"d":"0.00"},0.57,{"v":0,"d":"0.00"},{"v":12,"d":"12.00"},{"v":0,"d":"0.00"}]
[3,"生产车间地面","m2",{"v":1180,"d":"1180.00"},0.58,{"v":684.4,"d":"684.40"},{"v":12,"d":"12.00"},{"v":8212.8,"d":"8212.80"}]
[4,"水面清洁","m2",{"v":9652,"d":"9652.00"},0.22,2123.44,{"v":12,"d":"12.00"},25481.28]
[5,"池壁清洁","m2",{"v":5734,"d":"5734.00"},1.07,6135.38,{"v":12,"d":"12.00"},73624.56]
["（二）","绿化养护",{"$nulls":3},13507.59,null,{"v":162091.08000000002,"d":"162091.08"}]
[6,"绿化养护（三级养护）","m2",{"v":31413,"d":"31413.00"},0.43,13507.59,{"v":12,"d":"12.00"},{"v":162091.08000000002,"d":"162091.08"}]
["（三）","除“四害”及灭蚁防治服务",{"$nulls":3},{"v":7177.416,"d":"7177.42"},null,{"v":86128.992,"d":"86128.99"}]
[7,"除“四害”及灭蚁防治服务","m2",{"v":59811.8,"d":"59811.80"},0.12,{"v":7177.416,"d":"7177.42"},{"v":12,"d":"12.00"},{"v":86128.992,"d":"86128.99"}]
[null,"合计",{"$nulls":3},{"v":29628.226000000002,"d":"29628.23"},null,{"v":355538.712,"d":"355538.71"}]
["项目名称：东莞市水务集团供水有限公司2025年度清洁保洁、绿化养护、除“四害”及灭蚁防治服务采购项目"]
["序号","名称","单位","工程量（面积)","金额（元）",null,"预计服务周期（月）","分项预算不含税价格（元）"]
[{"$nulls":4},"不含税预算综合单价（元/m2/月）","不含税合计（元/月）",null,null,"备注"]
["三十","制水分公司塘厦虾公岩水厂"]
["(一）","清洁保洁",{"$nulls":3},{"v":4755.7,"d":"4755.70"},null,{"v":57068.399999999994,"d":"57068.40"}]
[1,"室内行政办公区（含宿舍、食堂）","m2",{"v":0,"d":"0.00"},1.05,{"v":0,"d":"0.00"},{"v":12,"d":"12.00"},{"v":0,"d":"0.00"}]
[2,"道路（含停车场、运动场）","m2",{"v":1200,"d":"1200.00"},0.57,{"v":683.9999999999999,"d":"684.00"},{"v":12,"d":"12.00"},{"v":8207.999999999998,"d":"8208.00"}]
[3,"生产车间地面","m2",{"v":1118,"d":"1118.00"},0.58,{"v":648.4399999999999,"d":"648.44"},{"v":12,"d":"12.00"},{"v":7781.279999999999,"d":"7781.28"}]
[4,"水面清洁","m2",{"v":3158,"d":"3158.00"},0.22,694.76,{"v":12,"d":"12.00"},{"v":8337.119999999999,"d":"8337.12"}]
[5,"池壁清洁","m2",{"v":2550,"d":"2550.00"},1.07,{"v":2728.5,"d":"2728.50"},{"v":12,"d":"12.00"},{"v":32742,"d":"32742.00"}]
["（二）","绿化养护",{"$nulls":3},1511.45,null,{"v":18137.4,"d":"18137.40"}]
[6,"绿化养护（三级养护）","m2",{"v":3515,"d":"3515.00"},0.43,1511.45,{"v":12,"d":"12.00"},{"v":18137.4,"d":"18137.40"}]
["（三）","除“四害”及灭蚁防治服务",{"$nulls":3},{"v":2035.5719999999997,"d":"2035.57"},null,{"v":24426.863999999994,"d":"24426.86"}]
[7,"除“四害”及灭蚁防治服务","m2",{"v":16963.1,"d":"16963.10"},0.12,{"v":2035.5719999999997,"d":"2035.57"},{"v":12,"d":"12.00"},{"v":24426.863999999994,"d":"24426.86"}]
[null,"合计",{"$nulls":3},{"v":8302.722,"d":"8302.72"},null,{"v":99632.66399999999,"d":"99632.66"}]
["项目名称：东莞市水务集团供水有限公司2025年度清洁保洁、绿化养护、除“四害”及灭蚁防治服务采购项目"]
["序号","名称","单位","工程量（面积)","金额（元）",null,"预计服务周期（月）","分项预算不含税价格（元）"]
[{"$nulls":4},"不含税预算综合单价（元/m2/月）","不含税合计（元/月）",null,null,"备注"]
["三十一","制水分公司塘厦牛眠埔水厂"]
["(一）","清洁保洁",{"$nulls":3},{"v":12209.359999999999,"d":"12209.36"},null,{"v":146512.31999999998,"d":"146512.32"}]
[1,"室内行政办公区（含宿舍、食堂）","m2",{"v":726,"d":"726.00"},1.05,{"v":762.3000000000001,"d":"762.30"},{"v":12,"d":"12.00"},{"v":9147.6,"d":"9147.60"}]
[2,"道路（含停车场、运动场）","m2",{"v":11750,"d":"11750.00"},0.57,{"v":6697.499999999999,"d":"6697.50"},{"v":12,"d":"12.00"},{"v":80369.99999999999,"d":"80370.00"}]
[3,"生产车间地面","m2",{"v":1156,"d":"1156.00"},0.58,{"v":670.4799999999999,"d":"670.48"},{"v":12,"d":"12.00"},{"v":8045.759999999998,"d":"8045.76"}]
[4,"水面清洁","m2",{"v":2180,"d":"2180.00"},0.22,{"v":479.6,"d":"479.60"},{"v":12,"d":"12.00"},{"v":5755.200000000001,"d":"5755.20"}]
[5,"池壁清洁","m2",{"v":3364,"d":"3364.00"},1.07,3599.48,{"v":12,"d":"12.00"},43193.76]
["（二）","绿化养护",{"$nulls":3},{"v":3160.5472999999997,"d":"3160.55"},null,{"v":37926.567599999995,"d":"37926.57"}]
[6,"绿化养护（三级养护）","m2",7350.11,0.43,{"v":3160.5472999999997,"d":"3160.55"},{"v":12,"d":"12.00"},{"v":37926.567599999995,"d":"37926.57"}]
["（三）","除“四害”及灭蚁防治服务",{"$nulls":3},{"v":2376.576,"d":"2376.58"},null,{"v":28518.912,"d":"28518.91"}]
[7,"除“四害”及灭蚁防治服务","m2",{"v":19804.8,"d":"19804.80"},0.12,{"v":2376.576,"d":"2376.58"},{"v":12,"d":"12.00"},{"v":28518.912,"d":"28518.91"}]
[null,"合计",{"$nulls":3},{"v":17746.4833,"d":"17746.48"},null,{"v":212957.79959999997,"d":"212957.80"}]
["项目名称：东莞市水务集团供水有限公司2025年度清洁保洁、绿化养护、除“四害”及灭蚁防治服务采购项目"]
["序号","名称","单位","工程量（面积)","金额（元）",null,"预计服务周期（月）","分项预算不含税价格（元）"]
[{"$nulls":4},"不含税预算综合单价（元/m2/月）","不含税合计（元/月）",null,null,"备注"]
["三十二","制水分公司凤岗第一水厂（含取水泵房）"]
["(一）","清洁保洁",{"$nulls":3},7782.58,null,{"v":93390.95999999999,"d":"93390.96"}]
[1,"室内行政办公区（含宿舍、食堂）","m2",{"v":167,"d":"167.00"},1.05,175.35,{"v":12,"d":"12.00"},{"v":2104.2,"d":"2104.20"}]
[2,"道路（含停车场、运动场）","m2",{"v":6068,"d":"6068.00"},0.57,{"v":3458.7599999999998,"d":"3458.76"},{"v":12,"d":"12.00"},{"v":41505.119999999995,"d":"41505.12"}]
[3,"生产车间地面","m2",{"v":900,"d":"900.00"},0.58,{"v":522,"d":"522.00"},{"v":12,"d":"12.00"},{"v":6264,"d":"6264.00"}]
[4,"水面清洁","m2",{"v":1003,"d":"1003.00"},0.22,220.66,{"v":12,"d":"12.00"},2647.92]
[5,"池壁清洁","m2",{"v":3183,"d":"3183.00"},1.07,{"v":3405.8100000000004,"d":"3405.81"},{"v":12,"d":"12.00"},40869.72]
["（二）","绿化养护",{"$nulls":3},{"v":3440,"d":"3440.00"},null,{"v":41280,"d":"41280.00"}]
[6,"绿化养护（三级养护）","m2",{"v":8000,"d":"8000.00"},0.43,{"v":3440,"d":"3440.00"},{"v":12,"d":"12.00"},{"v":41280,"d":"41280.00"}]
["（三）","除“四害”及灭蚁防治服务",{"$nulls":3},{"v":1344,"d":"1344.00"},null,{"v":16128,"d":"16128.00"}]
[7,"除“四害”及灭蚁防治服务","m2",{"v":11200,"d":"11200.00"},0.12,{"v":1344,"d":"1344.00"},{"v":12,"d":"12.00"},{"v":16128,"d":"16128.00"}]
[null,"合计",{"$nulls":3},12566.58,null,150798.96]
["项目名称：东莞市水务集团供水有限公司2025年度清洁保洁、绿化养护、除“四害”及灭蚁防治服务采购项目"]
["序号","名称","单位","工程量（面积)","金额（元）",null,"预计服务周期（月）","分项预算不含税价格（元）"]
[{"$nulls":4},"不含税预算综合单价（元/m2/月）","不含税合计（元/月）",null,null,"备注"]
["三十三","制水分公司凤岗第二水厂"]
["(一）","清洁保洁",{"$nulls":3},{"v":11691.279999999999,"d":"11691.28"},null,{"v":140295.36000000002,"d":"140295.36"}]
[1,"室内行政办公区（含宿舍、食堂）","m2",{"v":1470,"d":"1470.00"},1.05,{"v":1543.5,"d":"1543.50"},{"v":12,"d":"12.00"},{"v":18522,"d":"18522.00"}]
[2,"道路（含停车场、运动场）","m2",{"v":9000,"d":"9000.00"},0.57,{"v":5130,"d":"5130.00"},{"v":12,"d":"12.00"},{"v":61560,"d":"61560.00"}]
[3,"生产车间地面","m2",{"v":3100,"d":"3100.00"},0.58,{"v":1797.9999999999998,"d":"1798.00"},{"v":12,"d":"12.00"},{"v":21575.999999999996,"d":"21576.00"}]
[4,"水面清洁","m2",{"v":5268,"d":"5268.00"},0.22,1158.96,{"v":12,"d":"12.00"},13907.52]
[5,"池壁清洁","m2",{"v":1926,"d":"1926.00"},1.07,2060.82,{"v":12,"d":"12.00"},{"v":24729.840000000004,"d":"24729.84"}]
["（二）","绿化养护",{"$nulls":3},{"v":5333.075,"d":"5333.08"},null,{"v":63996.899999999994,"d":"63996.90"}]
[6,"绿化养护（三级养护）","m2",{"v":12402.5,"d":"12402.50"},0.43,{"v":5333.075,"d":"5333.08"},{"v":12,"d":"12.00"},{"v":63996.899999999994,"d":"63996.90"}]
["（三）","除“四害”及灭蚁防治服务",{"$nulls":3},{"v":3532.0044,"d":"3532.00"},null,{"v":42384.0528,"d":"42384.05"}]
[7,"除“四害”及灭蚁防治服务","m2",29433.37,0.12,{"v":3532.0044,"d":"3532.00"},{"v":12,"d":"12.00"},{"v":42384.0528,"d":"42384.05"}]
[null,"合计",{"$nulls":3},{"v":20556.359399999998,"d":"20556.36"},null,{"v":246676.3128,"d":"246676.31"}]
["项目名称：东莞市水务集团供水有限公司2025年度清洁保洁、绿化养护、除“四害”及灭蚁防治服务采购项目"]
["序号","名称","单位","工程量（面积)","金额（元）",null,"预计服务周期（月）","分项预算不含税价格（元）"]
[{"$nulls":4},"不含税预算综合单价（元/m2/月）","不含税合计（元/月）",null,null,"备注"]
["三十四","制水分公司樟木头簕竹排水厂（取水泵房）"]
["(一）","清洁保洁",{"$nulls":3},{"v":304.5,"d":"304.50"},null,{"v":3654,"d":"3654.00"}]
[1,"室内行政办公区（含宿舍、食堂）","m2",{"v":0,"d":"0.00"},1.05,{"v":0,"d":"0.00"},{"v":12,"d":"12.00"},{"v":0,"d":"0.00"}]
[2,"道路（含停车场、运动场）","m2",{"v":0,"d":"0.00"},0.57,{"v":0,"d":"0.00"},{"v":12,"d":"12.00"},{"v":0,"d":"0.00"}]
[3,"生产车间地面","m2",{"v":525,"d":"525.00"},0.58,{"v":304.5,"d":"304.50"},{"v":12,"d":"12.00"},{"v":3654,"d":"3654.00"}]
[4,"水面清洁","m2",{"v":0,"d":"0.00"},0.22,{"v":0,"d":"0.00"},{"v":12,"d":"12.00"},{"v":0,"d":"0.00"}]
[5,"池壁清洁","m2",{"v":0,"d":"0.00"},1.07,{"v":0,"d":"0.00"},{"v":12,"d":"12.00"},{"v":0,"d":"0.00"}]
["（二）","绿化养护",{"$nulls":3},{"v":0,"d":"0.00"},null,{"v":0,"d":"0.00"}]
[6,"绿化养护（三级养护）","m2",{"v":0,"d":"0.00"},0.43,{"v":0,"d":"0.00"},{"v":12,"d":"12.00"},{"v":0,"d":"0.00"}]
["（三）","除“四害”及灭蚁防治服务",{"$nulls":3},{"v":60,"d":"60.00"},null,{"v":720,"d":"720.00"}]
[7,"除“四害”及灭蚁防治服务","m2",{"v":500,"d":"500.00"},0.12,{"v":60,"d":"60.00"},{"v":12,"d":"12.00"},{"v":720,"d":"720.00"}]
[null,"合计",{"$nulls":3},{"v":364.5,"d":"364.50"},null,{"v":4374,"d":"4374.00"}]
["项目名称：东莞市水务集团供水有限公司2025年度清洁保洁、绿化养护、除“四害”及灭蚁防治服务采购项目"]
["序号","名称","单位","工程量（面积)","金额（元）",null,"预计服务周期（月）","分项预算不含税价格（元）"]
[{"$nulls":4},"不含税预算综合单价（元/m2/月）","不含税合计（元/月）",null,null,"备注"]
["三十五","制水分公司樟木头簕竹排水厂"]
["(一）","清洁保洁",{"$nulls":3},{"v":25494.799999999996,"d":"25494.80"},null,{"v":305937.5999999999,"d":"305937.60"}]
[1,"室内行政办公区（含宿舍、食堂）","m2",{"v":380,"d":"380.00"},1.05,{"v":399,"d":"399.00"},{"v":12,"d":"12.00"},{"v":4788,"d":"4788.00"}]
[2,"道路（含停车场、运动场）","m2",{"v":38000,"d":"38000.00"},0.57,{"v":21659.999999999996,"d":"21660.00"},{"v":12,"d":"12.00"},{"v":259919.99999999994,"d":"259920.00"}]
[3,"生产车间地面","m2",{"v":1660,"d":"1660.00"},0.58,{"v":962.8,"d":"962.80"},{"v":12,"d":"12.00"},{"v":11553.599999999999,"d":"11553.60"}]
[4,"水面清洁","m2",{"v":2000,"d":"2000.00"},0.22,{"v":440,"d":"440.00"},{"v":12,"d":"12.00"},{"v":5280,"d":"5280.00"}]
[5,"池壁清洁","m2",{"v":1900,"d":"1900.00"},1.07,{"v":2033.0000000000002,"d":"2033.00"},{"v":12,"d":"12.00"},{"v":24396.000000000004,"d":"24396.00"}]
["（二）","绿化养护",{"$nulls":3},{"v":4300,"d":"4300.00"},null,{"v":51600,"d":"51600.00"}]
[6,"绿化养护（三级养护）","m2",{"v":10000,"d":"10000.00"},0.43,{"v":4300,"d":"4300.00"},{"v":12,"d":"12.00"},{"v":51600,"d":"51600.00"}]
["（三）","除“四害”及灭蚁防治服务",{"$nulls":3},{"v":1596,"d":"1596.00"},null,{"v":19152,"d":"19152.00"}]
[7,"除“四害”及灭蚁防治服务","m2",{"v":13300,"d":"13300.00"},0.12,{"v":1596,"d":"1596.00"},{"v":12,"d":"12.00"},{"v":19152,"d":"19152.00"}]
[null,"合计",{"$nulls":3},{"v":31390.799999999996,"d":"31390.80"},null,{"v":376689.5999999999,"d":"376689.60"}]
["项目名称：东莞市水务集团供水有限公司2025年度清洁保洁、绿化养护、除“四害”及灭蚁防治服务采购项目"]
["序号","名称","单位","工程量（面积)","金额（元）",null,"预计服务周期（月）","分项预算不含税价格（元）"]
[{"$nulls":4},"不含税预算综合单价（元/m2/月）","不含税合计（元/月）",null,null,"备注"]
["三十六","制水分公司黄江水厂"]
["(一）","清洁保洁",{"$nulls":3},{"v":8536.439999999999,"d":"8536.44"},null,102437.28]
[1,"室内行政办公区（含宿舍、食堂）","m2",{"v":1885,"d":"1885.00"},1.05,1979.25,{"v":12,"d":"12.00"},{"v":23751,"d":"23751.00"}]
[2,"道路（含停车场、运动场）","m2",{"v":6006,"d":"6006.00"},0.57,{"v":3423.4199999999996,"d":"3423.42"},{"v":12,"d":"12.00"},{"v":41081.03999999999,"d":"41081.04"}]
[3,"生产车间地面","m2",{"v":2018,"d":"2018.00"},0.58,{"v":1170.4399999999998,"d":"1170.44"},{"v":12,"d":"12.00"},{"v":14045.279999999999,"d":"14045.28"}]
[4,"水面清洁","m2",{"v":2120,"d":"2120.00"},0.22,{"v":466.4,"d":"466.40"},{"v":12,"d":"12.00"},{"v":5596.799999999999,"d":"5596.80"}]
[5,"池壁清洁","m2",{"v":1399,"d":"1399.00"},1.07,1496.93,{"v":12,"d":"12.00"},17963.16]
["（二）","绿化养护",{"$nulls":3},{"v":5160,"d":"5160.00"},null,{"v":61920,"d":"61920.00"}]
[6,"绿化养护（三级养护）","m2",{"v":12000,"d":"12000.00"},0.43,{"v":5160,"d":"5160.00"},{"v":12,"d":"12.00"},{"v":61920,"d":"61920.00"}]
["（三）","除“四害”及灭蚁防治服务",{"$nulls":3},{"v":1396.9199999999998,"d":"1396.92"},null,{"v":16763.039999999997,"d":"16763.04"}]
[7,"除“四害”及灭蚁防治服务","m2",{"v":11641,"d":"11641.00"},0.12,{"v":1396.9199999999998,"d":"1396.92"},{"v":12,"d":"12.00"},{"v":16763.039999999997,"d":"16763.04"}]
[null,"合计",{"$nulls":3},{"v":15093.359999999999,"d":"15093.36"},null,181120.32]
["项目名称：东莞市水务集团供水有限公司2025年度清洁保洁、绿化养护、除“四害”及灭蚁防治服务采购项目"]
["序号","名称","单位","工程量（面积)","金额（元）",null,"预计服务周期（月）","分项预算不含税价格（元）"]
[{"$nulls":4},"不含税预算综合单价（元/m2/月）","不含税合计（元/月）",null,null,"备注"]
["三十七","制水分公司谢岗第三水厂"]
["(一）","清洁保洁",{"$nulls":3},{"v":12339,"d":"12339.00"},null,{"v":148068,"d":"148068.00"}]
[1,"室内行政办公区（含宿舍、食堂）","m2",{"v":80,"d":"80.00"},1.05,{"v":84,"d":"84.00"},{"v":12,"d":"12.00"},{"v":1008,"d":"1008.00"}]
[2,"道路（含停车场、运动场）","m2",{"v":8500,"d":"8500.00"},0.57,{"v":4845,"d":"4845.00"},{"v":12,"d":"12.00"},{"v":58140,"d":"58140.00"}]
[3,"生产车间地面","m2",{"v":3500,"d":"3500.00"},0.58,{"v":2029.9999999999998,"d":"2030.00"},{"v":12,"d":"12.00"},{"v":24359.999999999996,"d":"24360.00"}]
[4,"水面清洁","m2",{"v":5000,"d":"5000.00"},0.22,{"v":1100,"d":"1100.00"},{"v":12,"d":"12.00"},{"v":13200,"d":"13200.00"}]
[5,"池壁清洁","m2",{"v":4000,"d":"4000.00"},1.07,{"v":4280,"d":"4280.00"},{"v":12,"d":"12.00"},{"v":51360,"d":"51360.00"}]
["（二）","绿化养护",{"$nulls":3},{"v":9460,"d":"9460.00"},null,{"v":113520,"d":"113520.00"}]
[6,"绿化养护（三级养护）","m2",{"v":22000,"d":"22000.00"},0.43,{"v":9460,"d":"9460.00"},{"v":12,"d":"12.00"},{"v":113520,"d":"113520.00"}]
["（三）","除“四害”及灭蚁防治服务",{"$nulls":3},{"v":5160,"d":"5160.00"},null,{"v":61920,"d":"61920.00"}]
[7,"除“四害”及灭蚁防治服务","m2",{"v":43000,"d":"43000.00"},0.12,{"v":5160,"d":"5160.00"},{"v":12,"d":"12.00"},{"v":61920,"d":"61920.00"}]
[null,"合计",{"$nulls":3},{"v":26959,"d":"26959.00"},null,{"v":323508,"d":"323508.00"}]
["项目名称：东莞市水务集团供水有限公司2025年度清洁保洁、绿化养护、除“四害”及灭蚁防治服务采购项目"]
["序号","名称","单位","工程量（面积)","金额（元）",null,"预计服务周期（月）","分项预算不含税价格（元）"]
[{"$nulls":4},"不含税预算综合单价（元/m2/月）","不含税合计（元/月）",null,null,"备注"]
["三十八","制水分公司谢岗第二水厂"]
["(一）","清洁保洁",{"$nulls":3},{"v":6150.6,"d":"6150.60"},null,{"v":73807.2,"d":"73807.20"}]
[1,"室内行政办公区（含宿舍、食堂）","m2",{"v":620,"d":"620.00"},1.05,{"v":651,"d":"651.00"},{"v":12,"d":"12.00"},{"v":7812,"d":"7812.00"}]
[2,"道路（含停车场、运动场）","m2",{"v":1400,"d":"1400.00"},0.57,{"v":797.9999999999999,"d":"798.00"},{"v":12,"d":"12.00"},{"v":9575.999999999998,"d":"9576.00"}]
[3,"生产车间地面","m2",{"v":120,"d":"120.00"},0.58,{"v":69.6,"d":"69.60"},{"v":12,"d":"12.00"},{"v":835.1999999999999,"d":"835.20"}]
[4,"水面清洁","m2",{"v":1600,"d":"1600.00"},0.22,{"v":352,"d":"352.00"},{"v":12,"d":"12.00"},{"v":4224,"d":"4224.00"}]
[5,"池壁清洁","m2",{"v":4000,"d":"4000.00"},1.07,{"v":4280,"d":"4280.00"},{"v":12,"d":"12.00"},{"v":51360,"d":"51360.00"}]
["（二）","绿化养护",{"$nulls":3},{"v":1290,"d":"1290.00"},null,{"v":15480,"d":"15480.00"}]
[6,"绿化养护（三级养护）","m2",{"v":3000,"d":"3000.00"},0.43,{"v":1290,"d":"1290.00"},{"v":12,"d":"12.00"},{"v":15480,"d":"15480.00"}]
["（三）","除“四害”及灭蚁防治服务",{"$nulls":3},{"v":616.8,"d":"616.80"},null,{"v":7401.599999999999,"d":"7401.60"}]
[7,"除“四害”及灭蚁防治服务","m2",{"v":5140,"d":"5140.00"},0.12,{"v":616.8,"d":"616.80"},{"v":12,"d":"12.00"},{"v":7401.599999999999,"d":"7401.60"}]
[null,"合计",{"$nulls":3},{"v":8057.400000000001,"d":"8057.40"},null,{"v":96688.79999999999,"d":"96688.80"}]
["项目名称：东莞市水务集团供水有限公司2025年度清洁保洁、绿化养护、除“四害”及灭蚁防治服务采购项目"]
["序号","名称","单位","工程量（面积)","金额（元）",null,"预计服务周期（月）","分项预算不含税价格（元）"]
[{"$nulls":4},"不含税预算综合单价（元/m2/月）","不含税合计（元/月）",null,null,"备注"]
["三十九","制水分公司横沥水厂"]
["(一）","清洁保洁",{"$nulls":3},{"v":15383.714,"d":"15383.71"},null,{"v":184604.56799999997,"d":"184604.57"}]
[1,"室内行政办公区（含宿舍、食堂）","m2",{"v":0,"d":"0.00"},1.05,{"v":0,"d":"0.00"},{"v":12,"d":"12.00"},{"v":0,"d":"0.00"}]
[2,"道路（含停车场、运动场）","m2",{"v":9620,"d":"9620.00"},0.57,{"v":5483.4,"d":"5483.40"},{"v":12,"d":"12.00"},{"v":65800.79999999999,"d":"65800.80"}]
[3,"生产车间地面","m2",{"v":8088.3,"d":"8088.30"},0.58,{"v":4691.214,"d":"4691.21"},{"v":12,"d":"12.00"},{"v":56294.568,"d":"56294.57"}]
[4,"水面清洁","m2",{"v":6655,"d":"6655.00"},0.22,{"v":1464.1,"d":"1464.10"},{"v":12,"d":"12.00"},{"v":17569.199999999997,"d":"17569.20"}]
[5,"池壁清洁","m2",{"v":3500,"d":"3500.00"},1.07,{"v":3745,"d":"3745.00"},{"v":12,"d":"12.00"},{"v":44940,"d":"44940.00"}]
["（二）","绿化养护",{"$nulls":3},7757.63,null,93091.56]
[6,"绿化养护（三级养护）","m2",{"v":18041,"d":"18041.00"},0.43,7757.63,{"v":12,"d":"12.00"},93091.56]
["（三）","除“四害”及灭蚁防治服务",{"$nulls":3},{"v":4356.205199999999,"d":"4356.21"},null,{"v":52274.46239999999,"d":"52274.46"}]
[7,"除“四害”及灭蚁防治服务","m2",36301.71,0.12,{"v":4356.205199999999,"d":"4356.21"},{"v":12,"d":"12.00"},{"v":52274.46239999999,"d":"52274.46"}]
[null,"合计",{"$nulls":3},{"v":27497.5492,"d":"27497.55"},null,{"v":329970.5904,"d":"329970.59"}]
["项目名称：东莞市水务集团供水有限公司2025年度清洁保洁、绿化养护、除“四害”及灭蚁防治服务采购项目"]
["序号","名称","单位","工程量（面积)","金额（元）",null,"预计服务周期（月）","分项预算不含税价格（元）"]
[{"$nulls":4},"不含税预算综合单价（元/m2/月）","不含税合计（元/月）",null,null,"备注"]
["四十","制水分公司企石水厂"]
["(一）","清洁保洁",{"$nulls":3},{"v":11805.207999999999,"d":"11805.21"},null,{"v":141662.49599999998,"d":"141662.50"}]
[1,"室内行政办公区（含宿舍、食堂）","m2",{"v":0,"d":"0.00"},1.05,{"v":0,"d":"0.00"},{"v":12,"d":"12.00"},{"v":0,"d":"0.00"}]
[2,"道路（含停车场、运动场）","m2",9613.06,0.57,{"v":5479.444199999999,"d":"5479.44"},{"v":12,"d":"12.00"},{"v":65753.33039999999,"d":"65753.33"}]
[3,"生产车间地面","m2",4763.33,0.58,{"v":2762.7313999999997,"d":"2762.73"},{"v":12,"d":"12.00"},{"v":33152.77679999999,"d":"33152.78"}]
[4,"水面清洁","m2",3920.27,0.22,{"v":862.4594,"d":"862.46"},{"v":12,"d":"12.00"},{"v":10349.5128,"d":"10349.51"}]
[5,"池壁清洁","m2",{"v":2523.9,"d":"2523.90"},1.07,{"v":2700.5730000000003,"d":"2700.57"},{"v":12,"d":"12.00"},{"v":32406.876000000004,"d":"32406.88"}]
["（二）","绿化养护",{"$nulls":3},{"v":5590,"d":"5590.00"},null,{"v":67080,"d":"67080.00"}]
[6,"绿化养护（三级养护）","m2",{"v":13000,"d":"13000.00"},0.43,{"v":5590,"d":"5590.00"},{"v":12,"d":"12.00"},{"v":67080,"d":"67080.00"}]
["（三）","除“四害”及灭蚁防治服务",{"$nulls":3},{"v":5517.2688,"d":"5517.27"},null,{"v":66207.2256,"d":"66207.23"}]
[7,"除“四害”及灭蚁防治服务","m2",45977.24,0.12,{"v":5517.2688,"d":"5517.27"},{"v":12,"d":"12.00"},{"v":66207.2256,"d":"66207.23"}]
[null,"合计",{"$nulls":3},{"v":22912.476799999997,"d":"22912.48"},null,{"v":274949.7216,"d":"274949.72"}]
["项目名称：东莞市水务集团供水有限公司2025年度清洁保洁、绿化养护、除“四害”及灭蚁防治服务采购项目"]
["序号","名称","单位","工程量（面积)","金额（元）",null,"预计服务周期（月）","分项预算不含税价格（元）"]
[{"$nulls":4},"不含税预算综合单价（元/m2/月）","不含税合计（元/月）",null,null,"备注"]
["四十一","制水分公司企石水厂\n（取水泵房）"]
["(一）","清洁保洁",{"$nulls":3},{"v":441.6528,"d":"441.65"},null,{"v":5299.8336,"d":"5299.83"}]
[1,"室内行政办公区（含宿舍、食堂）","m2",{"v":0,"d":"0.00"},1.05,{"v":0,"d":"0.00"},{"v":12,"d":"12.00"},{"v":0,"d":"0.00"}]
[2,"道路（含停车场、运动场）","m2",{"v":0,"d":"0.00"},0.57,{"v":0,"d":"0.00"},{"v":12,"d":"12.00"},{"v":0,"d":"0.00"}]
[3,"生产车间地面","m2",382.16,0.58,{"v":221.6528,"d":"221.65"},{"v":12,"d":"12.00"},{"v":2659.8336,"d":"2659.83"}]
[4,"水面清洁","m2",{"v":1000,"d":"1000.00"},0.22,{"v":220,"d":"220.00"},{"v":12,"d":"12.00"},{"v":2640,"d":"2640.00"}]
[5,"池壁清洁","m2",{"v":0,"d":"0.00"},1.07,{"v":0,"d":"0.00"},{"v":12,"d":"12.00"},{"v":0,"d":"0.00"}]
["（二）","绿化养护",{"$nulls":3},{"v":0,"d":"0.00"},null,{"v":0,"d":"0.00"}]
[6,"绿化养护（三级养护）","m2",{"v":0,"d":"0.00"},0.43,{"v":0,"d":"0.00"},{"v":12,"d":"12.00"},{"v":0,"d":"0.00"}]
["（三）","除“四害”及灭蚁防治服务",{"$nulls":3},88.32,null,1059.84]
[7,"除“四害”及灭蚁防治服务","m2",{"v":736,"d":"736.00"},0.12,88.32,{"v":12,"d":"12.00"},1059.84]
[null,"合计",{"$nulls":3},{"v":529.9728,"d":"529.97"},null,{"v":6359.6736,"d":"6359.67"}]
["项目名称：东莞市水务集团供水有限公司2025年度清洁保洁、绿化养护、除“四害”及灭蚁防治服务采购项目"]
["序号","名称","单位","工程量（面积)","金额（元）",null,"预计服务周期（月）","分项预算不含税价格（元）"]
[{"$nulls":4},"不含税预算综合单价（元/m2/月）","不含税合计（元/月）",null,null,"备注"]
["四十二","制水分公司桥头第二水厂"]
["(一）","清洁保洁",{"$nulls":3},{"v":9533.6,"d":"9533.60"},null,{"v":114403.20000000001,"d":"114403.20"}]
[1,"室内行政办公区（含宿舍、食堂）","m2",{"v":770,"d":"770.00"},1.05,{"v":808.5,"d":"808.50"},{"v":12,"d":"12.00"},{"v":9702,"d":"9702.00"}]
[2,"道路（含停车场、运动场）","m2",{"v":2640,"d":"2640.00"},0.57,{"v":1504.8,"d":"1504.80"},{"v":12,"d":"12.00"},{"v":18057.6,"d":"18057.60"}]
[3,"生产车间地面","m2",{"v":1477,"d":"1477.00"},0.58,856.66,{"v":12,"d":"12.00"},10279.92]
[4,"水面清洁","m2",{"v":1057,"d":"1057.00"},0.22,232.54,{"v":12,"d":"12.00"},2790.48]
[5,"池壁清洁","m2",{"v":5730,"d":"5730.00"},1.07,{"v":6131.1,"d":"6131.10"},{"v":12,"d":"12.00"},{"v":73573.20000000001,"d":"73573.20"}]
["（二）","绿化养护",{"$nulls":3},3808.94,null,45707.28]
[6,"绿化养护（三级养护）","m2",{"v":8858,"d":"8858.00"},0.43,3808.94,{"v":12,"d":"12.00"},45707.28]
["（三）","除“四害”及灭蚁防治服务",{"$nulls":3},{"v":1849.716,"d":"1849.72"},null,{"v":22196.591999999997,"d":"22196.59"}]
[7,"除“四害”及灭蚁防治服务","m2",{"v":15414.3,"d":"15414.30"},0.12,{"v":1849.716,"d":"1849.72"},{"v":12,"d":"12.00"},{"v":22196.591999999997,"d":"22196.59"}]
[null,"合计",{"$nulls":3},{"v":15192.256000000001,"d":"15192.26"},null,{"v":182307.07200000001,"d":"182307.07"}]
["项目名称：东莞市水务集团供水有限公司2025年度清洁保洁、绿化养护、除“四害”及灭蚁防治服务采购项目"]
["序号","名称","单位","工程量（面积)","金额（元）",null,"预计服务周期（月）","分项预算不含税价格（元）"]
[{"$nulls":4},"不含税预算综合单价（元/m2/月）","不含税合计（元/月）",null,null,"备注"]
["四十三","制水分公司桥头第三水厂"]
["(一）","清洁保洁",{"$nulls":3},{"v":6325,"d":"6325.00"},null,{"v":75900,"d":"75900.00"}]
[1,"室内行政办公区（含宿舍、食堂）","m2",{"v":0,"d":"0.00"},1.05,{"v":0,"d":"0.00"},{"v":12,"d":"12.00"},{"v":0,"d":"0.00"}]
[2,"道路（含停车场、运动场）","m2",{"v":0,"d":"0.00"},0.57,{"v":0,"d":"0.00"},{"v":12,"d":"12.00"},{"v":0,"d":"0.00"}]
[3,"生产车间地面","m2",{"v":0,"d":"0.00"},0.58,{"v":0,"d":"0.00"},{"v":12,"d":"12.00"},{"v":0,"d":"0.00"}]
[4,"水面清洁","m2",{"v":2000,"d":"2000.00"},0.22,{"v":440,"d":"440.00"},{"v":12,"d":"12.00"},{"v":5280,"d":"5280.00"}]
[5,"池壁清洁","m2",{"v":5500,"d":"5500.00"},1.07,{"v":5885,"d":"5885.00"},{"v":12,"d":"12.00"},{"v":70620,"d":"70620.00"}]
["（二）","绿化养护",{"$nulls":3},{"v":9941.6,"d":"9941.60"},null,{"v":119299.20000000001,"d":"119299.20"}]
[6,"绿化养护（三级养护）","m2",{"v":23120,"d":"23120.00"},0.43,{"v":9941.6,"d":"9941.60"},{"v":12,"d":"12.00"},{"v":119299.20000000001,"d":"119299.20"}]
["（三）","除“四害”及灭蚁防治服务",{"$nulls":3},{"v":6178.164,"d":"6178.16"},null,{"v":74137.968,"d":"74137.97"}]
[7,"除“四害”及灭蚁防治服务","m2",{"v":51484.7,"d":"51484.70"},0.12,{"v":6178.164,"d":"6178.16"},{"v":12,"d":"12.00"},{"v":74137.968,"d":"74137.97"}]
[null,"合计",{"$nulls":3},{"v":22444.764,"d":"22444.76"},null,{"v":269337.168,"d":"269337.17"}]
["项目名称：东莞市水务集团供水有限公司2025年度清洁保洁、绿化养护、除“四害”及灭蚁防治服务采购项目"]
["序号","名称","单位","工程量（面积)","金额（元）",null,"预计服务周期（月）","分项预算不含税价格（元）"]
[{"$nulls":4},"不含税预算综合单价（元/m2/月）","不含税合计（元/月）",null,null,"备注"]
["四十四","制水分公司松山湖水厂"]
["(一）","清洁保洁",{"$nulls":3},{"v":59104.32259999999,"d":"59104.32"},null,{"v":709251.8711999999,"d":"709251.87"}]
[1,"室内行政办公区（含宿舍、食堂）","m2",9740.91,1.05,{"v":10227.9555,"d":"10227.96"},{"v":12,"d":"12.00"},{"v":122735.466,"d":"122735.47"}]
[2,"道路（含停车场、运动场）","m2",{"v":42127.606,"d":"42127.61"},0.57,{"v":24012.735419999997,"d":"24012.74"},{"v":12,"d":"12.00"},{"v":288152.82503999997,"d":"288152.83"}]
[3,"生产车间地面","m2",{"v":28534.976,"d":"28534.98"},0.58,{"v":16550.286079999998,"d":"16550.29"},{"v":12,"d":"12.00"},{"v":198603.43295999998,"d":"198603.43"}]
[4,"水面清洁","m2",23610.24,0.22,{"v":5194.2528,"d":"5194.25"},{"v":12,"d":"12.00"},{"v":62331.0336,"d":"62331.03"}]
[5,"池壁清洁","m2",2915.04,1.07,{"v":3119.0928000000004,"d":"3119.09"},{"v":12,"d":"12.00"},{"v":37429.113600000004,"d":"37429.11"}]
["（二）","绿化养护",{"$nulls":3},31163.58,null,31163.58]
[6,"绿化养护（二级养护）","m2",{"v":49466,"d":"49466.00"},0.63,31163.58,{"v":1,"d":"1.00"},31163.58]
["（三）","除“四害”及灭蚁防治服务",{"$nulls":3},{"v":7844.4,"d":"7844.40"},null,{"v":94132.79999999999,"d":"94132.80"}]
[7,"除“四害”及灭蚁防治服务","m2",{"v":65370,"d":"65370.00"},0.12,{"v":7844.4,"d":"7844.40"},{"v":12,"d":"12.00"},{"v":94132.79999999999,"d":"94132.80"}]
[null,"合计",{"$nulls":3},{"v":98112.3026,"d":"98112.30"},null,{"v":834548.2511999999,"d":"834548.25"}]
["项目名称：东莞市水务集团供水有限公司2025年度清洁保洁、绿化养护、除“四害”及灭蚁防治服务采购项目"]
["序号","名称","单位","工程量（面积)","金额（元）",null,"预计服务周期（月）","分项预算不含税价格（元）"]
[{"$nulls":4},"不含税预算综合单价（元/m2/月）","不含税合计（元/月）",null,null,"备注"]
["四十五","制水分公司芦花坑水厂"]
["(一）","清洁保洁",{"$nulls":3},{"v":69616.4,"d":"69616.40"},null,{"v":835396.8,"d":"835396.80"}]
[1,"室内行政办公区（含宿舍、食堂）","m2",{"v":5073,"d":"5073.00"},1.05,{"v":5326.650000000001,"d":"5326.65"},{"v":12,"d":"12.00"},{"v":63919.8,"d":"63919.80"}]
[2,"道路（含停车场、运动场）","m2",{"v":17423,"d":"17423.00"},0.57,{"v":9931.109999999999,"d":"9931.11"},{"v":12,"d":"12.00"},{"v":119173.31999999998,"d":"119173.32"}]
[3,"生产车间地面","m2",{"v":57601,"d":"57601.00"},0.58,{"v":33408.579999999994,"d":"33408.58"},{"v":12,"d":"12.00"},{"v":400902.95999999996,"d":"400902.96"}]
[4,"水面清洁","m2",{"v":26767,"d":"26767.00"},0.22,5888.74,{"v":12,"d":"12.00"},70664.88]
[5,"池壁清洁","m2",{"v":14076,"d":"14076.00"},1.07,{"v":15061.320000000002,"d":"15061.32"},{"v":12,"d":"12.00"},{"v":180735.84000000003,"d":"180735.84"}]
["（二）","绿化养护",{"$nulls":3},{"v":0,"d":"0.00"},null,{"v":0,"d":"0.00"}]
[6,"绿化养护（三级养护）","m2",{"v":0,"d":"0.00"},0.43,{"v":0,"d":"0.00"},{"v":12,"d":"12.00"},{"v":0,"d":"0.00"}]
["（三）","除“四害”及灭蚁防治服务",{"$nulls":3},{"v":9360,"d":"9360.00"},null,{"v":112320,"d":"112320.00"}]
[7,"除“四害”及灭蚁防治服务","m2",{"v":78000,"d":"78000.00"},0.12,{"v":9360,"d":"9360.00"},{"v":12,"d":"12.00"},{"v":112320,"d":"112320.00"}]
[null,"合计",{"$nulls":3},{"v":78976.4,"d":"78976.40"},null,{"v":947716.8,"d":"947716.80"}]
["项目名称：东莞市水务集团供水有限公司2025年度清洁保洁、绿化养护、除“四害”及灭蚁防治服务采购项目"]
["序号","名称","单位","工程量（面积)","金额（元）",null,"预计服务周期（月）","分项预算不含税价格（元）"]
[{"$nulls":4},"不含税预算综合单价（元/m2/月）","不含税合计（元/月）",null,null,"备注"]
["四十六","供水公司本部办公楼"]
["(一）","清洁保洁",{"$nulls":3},{"v":15927.960000000001,"d":"15927.96"},null,{"v":191135.52000000002,"d":"191135.52"}]
[1,"室内行政办公区（含宿舍、食堂）","m2",{"v":11661,"d":"11661.00"},1.05,{"v":12244.050000000001,"d":"12244.05"},{"v":12,"d":"12.00"},{"v":146928.6,"d":"146928.60"}]
[2,"道路（含停车场、运动场）","m2",{"v":6463,"d":"6463.00"},0.57,3683.91,{"v":12,"d":"12.00"},44206.92]
[3,"生产车间地面","m2",{"v":0,"d":"0.00"},0.58,{"v":0,"d":"0.00"},{"v":12,"d":"12.00"},{"v":0,"d":"0.00"}]
[4,"水面清洁","m2",{"v":0,"d":"0.00"},0.22,{"v":0,"d":"0.00"},{"v":12,"d":"12.00"},{"v":0,"d":"0.00"}]
[5,"池壁清洁","m2",{"v":0,"d":"0.00"},1.07,{"v":0,"d":"0.00"},{"v":12,"d":"12.00"},{"v":0,"d":"0.00"}]
["（二）","绿化养护",{"$nulls":3},{"v":0,"d":"0.00"},null,{"v":0,"d":"0.00"}]
[6,"绿化养护（三级养护）","m2",{"v":0,"d":"0.00"},0.43,{"v":0,"d":"0.00"},{"v":12,"d":"12.00"},{"v":0,"d":"0.00"}]
["（三）","除“四害”及灭蚁防治服务",{"$nulls":3},{"v":2340,"d":"2340.00"},null,{"v":28080,"d":"28080.00"}]
[7,"除“四害”及灭蚁防治服务","m2",{"v":19500,"d":"19500.00"},0.12,{"v":2340,"d":"2340.00"},{"v":12,"d":"12.00"},{"v":28080,"d":"28080.00"}]
[null,"合计",{"$nulls":3},18267.96,null,{"v":219215.52000000002,"d":"219215.52"}]
["项目名称：东莞市水务集团供水有限公司2025年度清洁保洁、绿化养护、除“四害”及灭蚁防治服务采购项目"]
["序号","名称","单位","工程量（面积)","金额（元）",null,"预计服务周期（月）","分项预算不含税价格（元）"]
[{"$nulls":4},"不含税预算综合单价（元/m2/月）","不含税合计（元/月）",null,null,"备注"]
["四十七","莞城（南城）分公司办公楼"]
["(一）","清洁保洁",{"$nulls":3},{"v":14524.8,"d":"14524.80"},null,{"v":174297.6,"d":"174297.60"}]
[1,"室内行政办公区（含宿舍、食堂）","m2",{"v":12780,"d":"12780.00"},1.05,{"v":13419,"d":"13419.00"},{"v":12,"d":"12.00"},{"v":161028,"d":"161028.00"}]
[2,"道路（含停车场、运动场）","m2",{"v":1940,"d":"1940.00"},0.57,{"v":1105.8,"d":"1105.80"},{"v":12,"d":"12.00"},{"v":13269.599999999999,"d":"13269.60"}]
[3,"生产车间地面","m2",{"v":0,"d":"0.00"},0.58,{"v":0,"d":"0.00"},{"v":12,"d":"12.00"},{"v":0,"d":"0.00"}]
[4,"水面清洁","m2",{"v":0,"d":"0.00"},0.22,{"v":0,"d":"0.00"},{"v":12,"d":"12.00"},{"v":0,"d":"0.00"}]
[5,"池壁清洁","m2",{"v":0,"d":"0.00"},1.07,{"v":0,"d":"0.00"},{"v":12,"d":"12.00"},{"v":0,"d":"0.00"}]
["（二）","绿化养护",{"$nulls":3},{"v":0,"d":"0.00"},null,{"v":0,"d":"0.00"}]
[6,"绿化养护（三级养护）","m2",{"v":0,"d":"0.00"},0.43,{"v":0,"d":"0.00"},{"v":12,"d":"12.00"},{"v":0,"d":"0.00"}]
["（三）","除“四害”及灭蚁防治服务",{"$nulls":3},{"v":1111.0272,"d":"1111.03"},null,{"v":13332.3264,"d":"13332.33"}]
[7,"除“四害”及灭蚁防治服务","m2",9258.56,0.12,{"v":1111.0272,"d":"1111.03"},{"v":12,"d":"12.00"},{"v":13332.3264,"d":"13332.33"}]
[null,"合计",{"$nulls":3},{"v":15635.8272,"d":"15635.83"},null,{"v":187629.9264,"d":"187629.93"}]
["项目名称：东莞市水务集团供水有限公司2025年度清洁保洁、绿化养护、除“四害”及灭蚁防治服务采购项目"]
["序号","名称","单位","工程量（面积)","金额（元）",null,"预计服务周期（月）","分项预算不含税价格（元）"]
[{"$nulls":4},"不含税预算综合单价（元/m2/月）","不含税合计（元/月）",null,null,"备注"]
["四十八","东城分公司办公楼"]
["(一）","清洁保洁",{"$nulls":3},{"v":7980,"d":"7980.00"},null,{"v":95760,"d":"95760.00"}]
[1,"室内行政办公区（含宿舍、食堂）","m2",{"v":5700,"d":"5700.00"},1.05,{"v":5985,"d":"5985.00"},{"v":12,"d":"12.00"},{"v":71820,"d":"71820.00"}]
[2,"道路（含停车场、运动场）","m2",{"v":3500,"d":"3500.00"},0.57,{"v":1994.9999999999998,"d":"1995.00"},{"v":12,"d":"12.00"},{"v":23939.999999999996,"d":"23940.00"}]
[3,"生产车间地面","m2",{"v":0,"d":"0.00"},0.58,{"v":0,"d":"0.00"},{"v":12,"d":"12.00"},{"v":0,"d":"0.00"}]
[4,"水面清洁","m2",{"v":0,"d":"0.00"},0.22,{"v":0,"d":"0.00"},{"v":12,"d":"12.00"},{"v":0,"d":"0.00"}]
[5,"池壁清洁","m2",{"v":0,"d":"0.00"},1.07,{"v":0,"d":"0.00"},{"v":12,"d":"12.00"},{"v":0,"d":"0.00"}]
["（二）","绿化养护",{"$nulls":3},12721.98,null,152663.76]
[6,"绿化养护（三级养护）","m2",{"v":29586,"d":"29586.00"},0.43,12721.98,{"v":12,"d":"12.00"},152663.76]
["（三）","除“四害”及灭蚁防治服务",{"$nulls":3},{"v":2352,"d":"2352.00"},null,{"v":28224,"d":"28224.00"}]
[7,"除“四害”及灭蚁防治服务","m2",{"v":19600,"d":"19600.00"},0.12,{"v":2352,"d":"2352.00"},{"v":12,"d":"12.00"},{"v":28224,"d":"28224.00"}]
[null,"合计",{"$nulls":3},23053.98,null,276647.76]
["项目名称：东莞市水务集团供水有限公司2025年度清洁保洁、绿化养护、除“四害”及灭蚁防治服务采购项目"]
["序号","名称","单位","工程量（面积)","金额（元）",null,"预计服务周期（月）","分项预算不含税价格（元）"]
[{"$nulls":4},"不含税预算综合单价（元/m2/月）","不含税合计（元/月）",null,null,"备注"]
["四十九","万江分公司办公楼"]
["(一）","清洁保洁",{"$nulls":3},{"v":5291.0025000000005,"d":"5291.00"},null,{"v":63492.030000000006,"d":"63492.03"}]
[1,"室内行政办公区（含宿舍、食堂）","m2",5039.05,1.05,{"v":5291.0025000000005,"d":"5291.00"},{"v":12,"d":"12.00"},{"v":63492.030000000006,"d":"63492.03"}]
[2,"道路（含停车场、运动场）","m2",{"v":0,"d":"0.00"},0.57,{"v":0,"d":"0.00"},{"v":12,"d":"12.00"},{"v":0,"d":"0.00"}]
[3,"生产车间地面","m2",{"v":0,"d":"0.00"},0.58,{"v":0,"d":"0.00"},{"v":12,"d":"12.00"},{"v":0,"d":"0.00"}]
[4,"水面清洁","m2",{"v":0,"d":"0.00"},0.22,{"v":0,"d":"0.00"},{"v":12,"d":"12.00"},{"v":0,"d":"0.00"}]
[5,"池壁清洁","m2",{"v":0,"d":"0.00"},1.07,{"v":0,"d":"0.00"},{"v":12,"d":"12.00"},{"v":0,"d":"0.00"}]
["（二）","绿化养护",{"$nulls":3},{"v":0,"d":"0.00"},null,{"v":0,"d":"0.00"}]
[6,"绿化养护（三级养护）","m2",{"v":0,"d":"0.00"},0.43,{"v":0,"d":"0.00"},{"v":12,"d":"12.00"},{"v":0,"d":"0.00"}]
["（三）","除“四害”及灭蚁防治服务",{"$nulls":3},11.52,null,138.24]
[7,"除“四害”及灭蚁防治服务","m2",{"v":96,"d":"96.00"},0.12,11.52,{"v":12,"d":"12.00"},138.24]
[null,"合计",{"$nulls":3},{"v":5302.522500000001,"d":"5302.52"},null,{"v":63630.270000000004,"d":"63630.27"}]
["项目名称：东莞市水务集团供水有限公司2025年度清洁保洁、绿化养护、除“四害”及灭蚁防治服务采购项目"]
["序号","名称","单位","工程量（面积)","金额（元）",null,"预计服务周期（月）","分项预算不含税价格（元）"]
[{"$nulls":4},"不含税预算综合单价（元/m2/月）","不含税合计（元/月）",null,null,"备注"]
["五十","松山湖分公司办公楼"]
["(一）","清洁保洁",{"$nulls":3},679.35,null,{"v":8152.200000000001,"d":"8152.20"}]
[1,"室内行政办公区（含宿舍、食堂）","m2",{"v":647,"d":"647.00"},1.05,679.35,{"v":12,"d":"12.00"},{"v":8152.200000000001,"d":"8152.20"}]
[2,"道路（含停车场、运动场）","m2",{"v":0,"d":"0.00"},0.57,{"v":0,"d":"0.00"},{"v":12,"d":"12.00"},{"v":0,"d":"0.00"}]
[3,"生产车间地面","m2",{"v":0,"d":"0.00"},0.58,{"v":0,"d":"0.00"},{"v":12,"d":"12.00"},{"v":0,"d":"0.00"}]
[4,"水面清洁","m2",{"v":0,"d":"0.00"},0.22,{"v":0,"d":"0.00"},{"v":12,"d":"12.00"},{"v":0,"d":"0.00"}]
[5,"池壁清洁","m2",{"v":0,"d":"0.00"},1.07,{"v":0,"d":"0.00"},{"v":12,"d":"12.00"},{"v":0,"d":"0.00"}]
["（二）","绿化养护",{"$nulls":3},{"v":0,"d":"0.00"},null,{"v":0,"d":"0.00"}]
[6,"绿化养护（三级养护）","m2",{"v":0,"d":"0.00"},0.43,{"v":0,"d":"0.00"},{"v":12,"d":"12.00"},{"v":0,"d":"0.00"}]
["（三）","除“四害”及灭蚁防治服务",{"$nulls":3},77.64,null,{"v":931.6800000000001,"d":"931.68"}]
[7,"除“四害”及灭蚁防治服务","m2",{"v":647,"d":"647.00"},0.12,77.64,{"v":12,"d":"12.00"},{"v":931.6800000000001,"d":"931.68"}]
[null,"合计",{"$nulls":3},756.99,null,{"v":9083.880000000001,"d":"9083.88"}]
["项目名称：东莞市水务集团供水有限公司2025年度清洁保洁、绿化养护、除“四害”及灭蚁防治服务采购项目"]
["序号","名称","单位","工程量（面积)","金额（元）",null,"预计服务周期（月）","分项预算不含税价格（元）"]
[{"$nulls":4},"不含税预算综合单价（元/m2/月）","不含税合计（元/月）",null,null,"备注"]
["五十一","高埗分公司新厂区办公楼"]
["(一）","清洁保洁",{"$nulls":3},1788.15,null,{"v":21457.800000000003,"d":"21457.80"}]
[1,"室内行政办公区（含宿舍、食堂）","m2",{"v":1703,"d":"1703.00"},1.05,1788.15,{"v":12,"d":"12.00"},{"v":21457.800000000003,"d":"21457.80"}]
[2,"道路（含停车场、运动场）","m2",{"v":0,"d":"0.00"},0.57,{"v":0,"d":"0.00"},{"v":12,"d":"12.00"},{"v":0,"d":"0.00"}]
[3,"生产车间地面","m2",{"v":0,"d":"0.00"},0.58,{"v":0,"d":"0.00"},{"v":12,"d":"12.00"},{"v":0,"d":"0.00"}]
[4,"水面清洁","m2",{"v":0,"d":"0.00"},0.22,{"v":0,"d":"0.00"},{"v":12,"d":"12.00"},{"v":0,"d":"0.00"}]
[5,"池壁清洁","m2",{"v":0,"d":"0.00"},1.07,{"v":0,"d":"0.00"},{"v":12,"d":"12.00"},{"v":0,"d":"0.00"}]
["（二）","绿化养护",{"$nulls":3},{"v":0,"d":"0.00"},null,{"v":0,"d":"0.00"}]
[6,"绿化养护（三级养护）","m2",{"v":0,"d":"0.00"},0.43,{"v":0,"d":"0.00"},{"v":12,"d":"12.00"},{"v":0,"d":"0.00"}]
["（三）","除“四害”及灭蚁防治服务",{"$nulls":3},{"v":0,"d":"0.00"},null,{"v":0,"d":"0.00"}]
[7,"除“四害”及灭蚁防治服务","m2",{"v":0,"d":"0.00"},0.12,{"v":0,"d":"0.00"},{"v":12,"d":"12.00"},{"v":0,"d":"0.00"}]
[null,"合计",{"$nulls":3},1788.15,null,{"v":21457.800000000003,"d":"21457.80"}]
["项目名称：东莞市水务集团供水有限公司2025年度清洁保洁、绿化养护、除“四害”及灭蚁防治服务采购项目"]
["序号","名称","单位","工程量（面积)","金额（元）",null,"预计服务周期（月）","分项预算不含税价格（元）"]
[{"$nulls":4},"不含税预算综合单价（元/m2/月）","不含税合计（元/月）",null,null,"备注"]
["五十二","石碣分公司办公楼"]
["(一）","清洁保洁",{"$nulls":3},{"v":0,"d":"0.00"},null,{"v":0,"d":"0.00"}]
[1,"室内行政办公区（含宿舍、食堂）","m2",{"v":0,"d":"0.00"},1.05,{"v":0,"d":"0.00"},{"v":12,"d":"12.00"},{"v":0,"d":"0.00"}]
[2,"道路（含停车场、运动场）","m2",{"v":0,"d":"0.00"},0.57,{"v":0,"d":"0.00"},{"v":12,"d":"12.00"},{"v":0,"d":"0.00"}]
[3,"生产车间地面","m2",{"v":0,"d":"0.00"},0.58,{"v":0,"d":"0.00"},{"v":12,"d":"12.00"},{"v":0,"d":"0.00"}]
[4,"水面清洁","m2",{"v":0,"d":"0.00"},0.22,{"v":0,"d":"0.00"},{"v":12,"d":"12.00"},{"v":0,"d":"0.00"}]
[5,"池壁清洁","m2",{"v":0,"d":"0.00"},1.07,{"v":0,"d":"0.00"},{"v":12,"d":"12.00"},{"v":0,"d":"0.00"}]
["（二）","绿化养护",{"$nulls":3},{"v":43,"d":"43.00"},null,{"v":516,"d":"516.00"}]
[6,"绿化养护（三级养护）","m2",{"v":100,"d":"100.00"},0.43,{"v":43,"d":"43.00"},{"v":12,"d":"12.00"},{"v":516,"d":"516.00"}]
["（三）","除“四害”及灭蚁防治服务",{"$nulls":3},{"v":383.3952,"d":"383.40"},null,{"v":4600.7424,"d":"4600.74"}]
[7,"除“四害”及灭蚁防治服务","m2",3194.96,0.12,{"v":383.3952,"d":"383.40"},{"v":12,"d":"12.00"},{"v":4600.7424,"d":"4600.74"}]
[null,"合计",{"$nulls":3},{"v":426.3952,"d":"426.40"},null,{"v":5116.7424,"d":"5116.74"}]
["项目名称：东莞市水务集团供水有限公司2025年度清洁保洁、绿化养护、除“四害”及灭蚁防治服务采购项目"]
["序号","名称","单位","工程量（面积)","金额（元）",null,"预计服务周期（月）","分项预算不含税价格（元）"]
[{"$nulls":4},"不含税预算综合单价（元/m2/月）","不含税合计（元/月）",null,null,"备注"]
["五十三","石龙分公司（总公司）"]
["(一）","清洁保洁",{"$nulls":3},2199.75,null,{"v":26397,"d":"26397.00"}]
[1,"室内行政办公区（含宿舍、食堂）","m2",{"v":2095,"d":"2095.00"},1.05,2199.75,{"v":12,"d":"12.00"},{"v":26397,"d":"26397.00"}]
[2,"道路（含停车场、运动场）","m2",{"v":0,"d":"0.00"},0.57,{"v":0,"d":"0.00"},{"v":12,"d":"12.00"},{"v":0,"d":"0.00"}]
[3,"生产车间地面","m2",{"v":0,"d":"0.00"},0.58,{"v":0,"d":"0.00"},{"v":12,"d":"12.00"},{"v":0,"d":"0.00"}]
[4,"水面清洁","m2",{"v":0,"d":"0.00"},0.22,{"v":0,"d":"0.00"},{"v":12,"d":"12.00"},{"v":0,"d":"0.00"}]
[5,"池壁清洁","m2",{"v":0,"d":"0.00"},1.07,{"v":0,"d":"0.00"},{"v":12,"d":"12.00"},{"v":0,"d":"0.00"}]
["（二）","绿化养护",{"$nulls":3},{"v":0,"d":"0.00"},null,{"v":0,"d":"0.00"}]
[6,"绿化养护（三级养护）","m2",{"v":0,"d":"0.00"},0.43,{"v":0,"d":"0.00"},{"v":12,"d":"12.00"},{"v":0,"d":"0.00"}]
["（三）","除“四害”及灭蚁防治服务",{"$nulls":3},{"v":0,"d":"0.00"},null,{"v":0,"d":"0.00"}]
[7,"除“四害”及灭蚁防治服务","m2",{"v":0,"d":"0.00"},0.12,{"v":0,"d":"0.00"},{"v":12,"d":"12.00"},{"v":0,"d":"0.00"}]
[null,"合计",{"$nulls":3},2199.75,null,{"v":26397,"d":"26397.00"}]
["项目名称：东莞市水务集团供水有限公司2025年度清洁保洁、绿化养护、除“四害”及灭蚁防治服务采购项目"]
["序号","名称","单位","工程量（面积)","金额（元）",null,"预计服务周期（月）","分项预算不含税价格（元）"]
[{"$nulls":4},"不含税预算综合单价（元/m2/月）","不含税合计（元/月）",null,null,"备注"]
["五十四","石排分公司办公楼"]
["(一）","清洁保洁",{"$nulls":3},{"v":1654.2,"d":"1654.20"},null,{"v":19850.4,"d":"19850.40"}]
[1,"室内行政办公区（含宿舍、食堂）","m2",{"v":1494,"d":"1494.00"},1.05,{"v":1568.7,"d":"1568.70"},{"v":12,"d":"12.00"},{"v":18824.4,"d":"18824.40"}]
[2,"道路（含停车场、运动场）","m2",{"v":150,"d":"150.00"},0.57,{"v":85.49999999999999,"d":"85.50"},{"v":12,"d":"12.00"},{"v":1025.9999999999998,"d":"1026.00"}]
[3,"生产车间地面","m2",{"v":0,"d":"0.00"},0.58,{"v":0,"d":"0.00"},{"v":12,"d":"12.00"},{"v":0,"d":"0.00"}]
[4,"水面清洁","m2",{"v":0,"d":"0.00"},0.22,{"v":0,"d":"0.00"},{"v":12,"d":"12.00"},{"v":0,"d":"0.00"}]
[5,"池壁清洁","m2",{"v":0,"d":"0.00"},1.07,{"v":0,"d":"0.00"},{"v":12,"d":"12.00"},{"v":0,"d":"0.00"}]
["（二）","绿化养护",{"$nulls":3},{"v":0,"d":"0.00"},null,{"v":0,"d":"0.00"}]
[6,"绿化养护（三级养护）","m2",{"v":0,"d":"0.00"},0.43,{"v":0,"d":"0.00"},{"v":12,"d":"12.00"},{"v":0,"d":"0.00"}]
["（三）","除“四害”及灭蚁防治服务",{"$nulls":3},{"v":0,"d":"0.00"},null,{"v":0,"d":"0.00"}]
[7,"除“四害”及灭蚁防治服务","m2",{"v":0,"d":"0.00"},0.12,{"v":0,"d":"0.00"},{"v":12,"d":"12.00"},{"v":0,"d":"0.00"}]
[null,"合计",{"$nulls":3},{"v":1654.2,"d":"1654.20"},null,{"v":19850.4,"d":"19850.40"}]
["项目名称：东莞市水务集团供水有限公司2025年度清洁保洁、绿化养护、除“四害”及灭蚁防治服务采购项目"]
["序号","名称","单位","工程量（面积)","金额（元）",null,"预计服务周期（月）","分项预算不含税价格（元）"]
[{"$nulls":4},"不含税预算综合单价（元/m2/月）","不含税合计（元/月）",null,null,"备注"]
["五十五","茶山分公司办公区"]
["(一）","清洁保洁",{"$nulls":3},{"v":5565,"d":"5565.00"},null,{"v":66780,"d":"66780.00"}]
[1,"室内行政办公区（含宿舍、食堂）","m2",{"v":5300,"d":"5300.00"},1.05,{"v":5565,"d":"5565.00"},{"v":12,"d":"12.00"},{"v":66780,"d":"66780.00"}]
[2,"道路（含停车场、运动场）","m2",{"v":0,"d":"0.00"},0.57,{"v":0,"d":"0.00"},{"v":12,"d":"12.00"},{"v":0,"d":"0.00"}]
[3,"生产车间地面","m2",{"v":0,"d":"0.00"},0.58,{"v":0,"d":"0.00"},{"v":12,"d":"12.00"},{"v":0,"d":"0.00"}]
[4,"水面清洁","m2",{"v":0,"d":"0.00"},0.22,{"v":0,"d":"0.00"},{"v":12,"d":"12.00"},{"v":0,"d":"0.00"}]
[5,"池壁清洁","m2",{"v":0,"d":"0.00"},1.07,{"v":0,"d":"0.00"},{"v":12,"d":"12.00"},{"v":0,"d":"0.00"}]
["（二）","绿化养护",{"$nulls":3},{"v":0,"d":"0.00"},null,{"v":0,"d":"0.00"}]
[6,"绿化养护（三级养护）","m2",{"v":0,"d":"0.00"},0.43,{"v":0,"d":"0.00"},{"v":12,"d":"12.00"},{"v":0,"d":"0.00"}]
["（三）","除“四害”及灭蚁防治服务",{"$nulls":3},915.36,null,10984.32]
[7,"除“四害”及灭蚁防治服务","m2",{"v":7628,"d":"7628.00"},0.12,915.36,{"v":12,"d":"12.00"},10984.32]
[null,"合计",{"$nulls":3},6480.36,null,77764.32]
["项目名称：东莞市水务集团供水有限公司2025年度清洁保洁、绿化养护、除“四害”及灭蚁防治服务采购项目"]
["序号","名称","单位","工程量（面积)","金额（元）",null,"预计服务周期（月）","分项预算不含税价格（元）"]
[{"$nulls":4},"不含税预算综合单价（元/m2/月）","不含税合计（元/月）",null,null,"备注"]
["五十六","茶山分公司原供水一厂\n（已关停）"]
["(一）","清洁保洁",{"$nulls":3},{"v":0,"d":"0.00"},null,{"v":0,"d":"0.00"}]
[1,"室内行政办公区（含宿舍、食堂）","m2",{"v":0,"d":"0.00"},1.05,{"v":0,"d":"0.00"},{"v":12,"d":"12.00"},{"v":0,"d":"0.00"}]
[2,"道路（含停车场、运动场）","m2",{"v":0,"d":"0.00"},0.57,{"v":0,"d":"0.00"},{"v":12,"d":"12.00"},{"v":0,"d":"0.00"}]
[3,"生产车间地面","m2",{"v":0,"d":"0.00"},0.58,{"v":0,"d":"0.00"},{"v":12,"d":"12.00"},{"v":0,"d":"0.00"}]
[4,"水面清洁","m2",{"v":0,"d":"0.00"},0.22,{"v":0,"d":"0.00"},{"v":12,"d":"12.00"},{"v":0,"d":"0.00"}]
[5,"池壁清洁","m2",{"v":0,"d":"0.00"},1.07,{"v":0,"d":"0.00"},{"v":12,"d":"12.00"},{"v":0,"d":"0.00"}]
["（二）","绿化养护",{"$nulls":3},{"v":0,"d":"0.00"},null,{"v":0,"d":"0.00"}]
[6,"绿化养护（三级养护）","m2",{"v":0,"d":"0.00"},0.43,{"v":0,"d":"0.00"},{"v":12,"d":"12.00"},{"v":0,"d":"0.00"}]
["（三）","除“四害”及灭蚁防治服务",{"$nulls":3},{"v":1669.0416,"d":"1669.04"},null,{"v":20028.4992,"d":"20028.50"}]
[7,"除“四害”及灭蚁防治服务","m2",13908.68,0.12,{"v":1669.0416,"d":"1669.04"},{"v":12,"d":"12.00"},{"v":20028.4992,"d":"20028.50"}]
[null,"合计",{"$nulls":3},{"v":1669.0416,"d":"1669.04"},null,{"v":20028.4992,"d":"20028.50"}]
["项目名称：东莞市水务集团供水有限公司2025年度清洁保洁、绿化养护、除“四害”及灭蚁防治服务采购项目"]
["序号","名称","单位","工程量（面积)","金额（元）",null,"预计服务周期（月）","分项预算不含税价格（元）"]
[{"$nulls":4},"不含税预算综合单价（元/m2/月）","不含税合计（元/月）",null,null,"备注"]
["五十七","寮步分公司办公楼"]
["(一）","清洁保洁",{"$nulls":3},{"v":7905.299999999999,"d":"7905.30"},null,{"v":94863.59999999999,"d":"94863.60"}]
[1,"室内行政办公区（含宿舍、食堂）","m2",{"v":5409,"d":"5409.00"},1.05,5679.45,{"v":12,"d":"12.00"},{"v":68153.4,"d":"68153.40"}]
[2,"道路（含停车场、运动场）","m2",{"v":3905,"d":"3905.00"},0.57,2225.85,{"v":12,"d":"12.00"},{"v":26710.199999999997,"d":"26710.20"}]
[3,"生产车间地面","m2",{"v":0,"d":"0.00"},0.58,{"v":0,"d":"0.00"},{"v":12,"d":"12.00"},{"v":0,"d":"0.00"}]
[4,"水面清洁","m2",{"v":0,"d":"0.00"},0.22,{"v":0,"d":"0.00"},{"v":12,"d":"12.00"},{"v":0,"d":"0.00"}]
[5,"池壁清洁","m2",{"v":0,"d":"0.00"},1.07,{"v":0,"d":"0.00"},{"v":12,"d":"12.00"},{"v":0,"d":"0.00"}]
["（二）","绿化养护",{"$nulls":3},{"v":129,"d":"129.00"},null,{"v":1548,"d":"1548.00"}]
[6,"绿化养护（三级养护）","m2",{"v":300,"d":"300.00"},0.43,{"v":129,"d":"129.00"},{"v":12,"d":"12.00"},{"v":1548,"d":"1548.00"}]
["（三）","除“四害”及灭蚁防治服务",{"$nulls":3},{"v":720,"d":"720.00"},null,{"v":8640,"d":"8640.00"}]
[7,"除“四害”及灭蚁防治服务","m2",{"v":6000,"d":"6000.00"},0.12,{"v":720,"d":"720.00"},{"v":12,"d":"12.00"},{"v":8640,"d":"8640.00"}]
[null,"合计",{"$nulls":3},{"v":8754.3,"d":"8754.30"},null,{"v":105051.59999999999,"d":"105051.60"}]
["项目名称：东莞市水务集团供水有限公司2025年度清洁保洁、绿化养护、除“四害”及灭蚁防治服务采购项目"]
["序号","名称","单位","工程量（面积)","金额（元）",null,"预计服务周期（月）","分项预算不含税价格（元）"]
[{"$nulls":4},"不含税预算综合单价（元/m2/月）","不含税合计（元/月）",null,null,"备注"]
["五十八","寮步分公司加压站"]
["(一）","清洁保洁",{"$nulls":3},{"v":84,"d":"84.00"},null,{"v":1008,"d":"1008.00"}]
[1,"室内行政办公区（含宿舍、食堂）","m2",{"v":80,"d":"80.00"},1.05,{"v":84,"d":"84.00"},{"v":12,"d":"12.00"},{"v":1008,"d":"1008.00"}]
[2,"道路（含停车场、运动场）","m2",{"v":0,"d":"0.00"},0.57,{"v":0,"d":"0.00"},{"v":12,"d":"12.00"},{"v":0,"d":"0.00"}]
[3,"生产车间地面","m2",{"v":0,"d":"0.00"},0.58,{"v":0,"d":"0.00"},{"v":12,"d":"12.00"},{"v":0,"d":"0.00"}]
[4,"水面清洁","m2",{"v":0,"d":"0.00"},0.22,{"v":0,"d":"0.00"},{"v":12,"d":"12.00"},{"v":0,"d":"0.00"}]
[5,"池壁清洁","m2",{"v":0,"d":"0.00"},1.07,{"v":0,"d":"0.00"},{"v":12,"d":"12.00"},{"v":0,"d":"0.00"}]
["（二）","绿化养护",{"$nulls":3},{"v":0,"d":"0.00"},null,{"v":0,"d":"0.00"}]
[6,"绿化养护（三级养护）","m2",{"v":0,"d":"0.00"},0.43,{"v":0,"d":"0.00"},{"v":12,"d":"12.00"},{"v":0,"d":"0.00"}]
["（三）","除“四害”及灭蚁防治服务",{"$nulls":3},{"v":0,"d":"0.00"},null,{"v":0,"d":"0.00"}]
[7,"除“四害”及灭蚁防治服务","m2",{"v":0,"d":"0.00"},0.12,{"v":0,"d":"0.00"},{"v":12,"d":"12.00"},{"v":0,"d":"0.00"}]
[null,"合计",{"$nulls":3},{"v":84,"d":"84.00"},null,{"v":1008,"d":"1008.00"}]
["项目名称：东莞市水务集团供水有限公司2025年度清洁保洁、绿化养护、除“四害”及灭蚁防治服务采购项目"]
["序号","名称","单位","工程量（面积)","金额（元）",null,"预计服务周期（月）","分项预算不含税价格（元）"]
[{"$nulls":4},"不含税预算综合单价（元/m2/月）","不含税合计（元/月）",null,null,"备注"]
["五十九","大朗分公司（综合楼）"]
["(一）","清洁保洁",{"$nulls":3},{"v":0,"d":"0.00"},null,{"v":0,"d":"0.00"}]
[1,"室内行政办公区（含宿舍、食堂）","m2",{"v":0,"d":"0.00"},1.05,{"v":0,"d":"0.00"},{"v":12,"d":"12.00"},{"v":0,"d":"0.00"}]
[2,"道路（含停车场、运动场）","m2",{"v":0,"d":"0.00"},0.57,{"v":0,"d":"0.00"},{"v":12,"d":"12.00"},{"v":0,"d":"0.00"}]
[3,"生产车间地面","m2",{"v":0,"d":"0.00"},0.58,{"v":0,"d":"0.00"},{"v":12,"d":"12.00"},{"v":0,"d":"0.00"}]
[4,"水面清洁","m2",{"v":0,"d":"0.00"},0.22,{"v":0,"d":"0.00"},{"v":12,"d":"12.00"},{"v":0,"d":"0.00"}]
[5,"池壁清洁","m2",{"v":0,"d":"0.00"},1.07,{"v":0,"d":"0.00"},{"v":12,"d":"12.00"},{"v":0,"d":"0.00"}]
["（二）","绿化养护",{"$nulls":3},{"v":0,"d":"0.00"},null,{"v":0,"d":"0.00"}]
[6,"绿化养护（三级养护）","m2",{"v":0,"d":"0.00"},0.43,{"v":0,"d":"0.00"},{"v":12,"d":"12.00"},{"v":0,"d":"0.00"}]
["（三）","除“四害”及灭蚁防治服务",{"$nulls":3},{"v":300,"d":"300.00"},null,{"v":3600,"d":"3600.00"}]
[7,"除“四害”及灭蚁防治服务","m2",{"v":2500,"d":"2500.00"},0.12,{"v":300,"d":"300.00"},{"v":12,"d":"12.00"},{"v":3600,"d":"3600.00"}]
[null,"合计",{"$nulls":3},{"v":300,"d":"300.00"},null,{"v":3600,"d":"3600.00"}]
["项目名称：东莞市水务集团供水有限公司2025年度清洁保洁、绿化养护、除“四害”及灭蚁防治服务采购项目"]
["序号","名称","单位","工程量（面积)","金额（元）",null,"预计服务周期（月）","分项预算不含税价格（元）"]
[{"$nulls":4},"不含税预算综合单价（元/m2/月）","不含税合计（元/月）",null,null,"备注"]
["六十","大朗分公司（洋坑塘管场）"]
["(一）","清洁保洁",{"$nulls":3},{"v":0,"d":"0.00"},null,{"v":0,"d":"0.00"}]
[1,"室内行政办公区（含宿舍、食堂）","m2",{"v":0,"d":"0.00"},1.05,{"v":0,"d":"0.00"},{"v":12,"d":"12.00"},{"v":0,"d":"0.00"}]
[2,"道路（含停车场、运动场）","m2",{"v":0,"d":"0.00"},0.57,{"v":0,"d":"0.00"},{"v":12,"d":"12.00"},{"v":0,"d":"0.00"}]
[3,"生产车间地面","m2",{"v":0,"d":"0.00"},0.58,{"v":0,"d":"0.00"},{"v":12,"d":"12.00"},{"v":0,"d":"0.00"}]
[4,"水面清洁","m2",{"v":0,"d":"0.00"},0.22,{"v":0,"d":"0.00"},{"v":12,"d":"12.00"},{"v":0,"d":"0.00"}]
[5,"池壁清洁","m2",{"v":0,"d":"0.00"},1.07,{"v":0,"d":"0.00"},{"v":12,"d":"12.00"},{"v":0,"d":"0.00"}]
["（二）","绿化养护",{"$nulls":3},{"v":1075,"d":"1075.00"},null,{"v":12900,"d":"12900.00"}]
[6,"绿化养护（三级养护）","m2",{"v":2500,"d":"2500.00"},0.43,{"v":1075,"d":"1075.00"},{"v":12,"d":"12.00"},{"v":12900,"d":"12900.00"}]
["（三）","除“四害”及灭蚁防治服务",{"$nulls":3},1246.08,null,14952.96]
[7,"除“四害”及灭蚁防治服务","m2",{"v":10384,"d":"10384.00"},0.12,1246.08,{"v":12,"d":"12.00"},14952.96]
[null,"合计",{"$nulls":3},2321.08,null,27852.96]
["项目名称：东莞市水务集团供水有限公司2025年度清洁保洁、绿化养护、除“四害”及灭蚁防治服务采购项目"]
["序号","名称","单位","工程量（面积)","金额（元）",null,"预计服务周期（月）","分项预算不含税价格（元）"]
[{"$nulls":4},"不含税预算综合单价（元/m2/月）","不含税合计（元/月）",null,null,"备注"]
["六十一","大朗分公司(松木山水厂)"]
["(一）","清洁保洁",{"$nulls":3},{"v":0,"d":"0.00"},null,{"v":0,"d":"0.00"}]
[1,"室内行政办公区（含宿舍、食堂）","m2",{"v":0,"d":"0.00"},1.05,{"v":0,"d":"0.00"},{"v":12,"d":"12.00"},{"v":0,"d":"0.00"}]
[2,"道路（含停车场、运动场）","m2",{"v":0,"d":"0.00"},0.57,{"v":0,"d":"0.00"},{"v":12,"d":"12.00"},{"v":0,"d":"0.00"}]
[3,"生产车间地面","m2",{"v":0,"d":"0.00"},0.58,{"v":0,"d":"0.00"},{"v":12,"d":"12.00"},{"v":0,"d":"0.00"}]
[4,"水面清洁","m2",{"v":0,"d":"0.00"},0.22,{"v":0,"d":"0.00"},{"v":12,"d":"12.00"},{"v":0,"d":"0.00"}]
[5,"池壁清洁","m2",{"v":0,"d":"0.00"},1.07,{"v":0,"d":"0.00"},{"v":12,"d":"12.00"},{"v":0,"d":"0.00"}]
["（二）","绿化养护",{"$nulls":3},{"v":5160,"d":"5160.00"},null,{"v":61920,"d":"61920.00"}]
[6,"绿化养护（三级养护）","m2",{"v":12000,"d":"12000.00"},0.43,{"v":5160,"d":"5160.00"},{"v":12,"d":"12.00"},{"v":61920,"d":"61920.00"}]
["（三）","除“四害”及灭蚁防治服务",{"$nulls":3},2584.74,null,{"v":31016.879999999997,"d":"31016.88"}]
[7,"除“四害”及灭蚁防治服务","m2",{"v":21539.5,"d":"21539.50"},0.12,2584.74,{"v":12,"d":"12.00"},{"v":31016.879999999997,"d":"31016.88"}]
[null,"合计",{"$nulls":3},7744.74,null,92936.88]
["项目名称：东莞市水务集团供水有限公司2025年度清洁保洁、绿化养护、除“四害”及灭蚁防治服务采购项目"]
["序号","名称","单位","工程量（面积)","金额（元）",null,"预计服务周期（月）","分项预算不含税价格（元）"]
[{"$nulls":4},"不含税预算综合单价（元/m2/月）","不含税合计（元/月）",null,null,"备注"]
["六十二","大岭山分公司本部办公楼"]
["(一）","清洁保洁",{"$nulls":3},{"v":0,"d":"0.00"},null,{"v":0,"d":"0.00"}]
[1,"室内行政办公区（含宿舍、食堂）","m2",{"v":0,"d":"0.00"},1.05,{"v":0,"d":"0.00"},{"v":12,"d":"12.00"},{"v":0,"d":"0.00"}]
[2,"道路（含停车场、运动场）","m2",{"v":0,"d":"0.00"},0.57,{"v":0,"d":"0.00"},{"v":12,"d":"12.00"},{"v":0,"d":"0.00"}]
[3,"生产车间地面","m2",{"v":0,"d":"0.00"},0.58,{"v":0,"d":"0.00"},{"v":12,"d":"12.00"},{"v":0,"d":"0.00"}]
[4,"水面清洁","m2",{"v":0,"d":"0.00"},0.22,{"v":0,"d":"0.00"},{"v":12,"d":"12.00"},{"v":0,"d":"0.00"}]
[5,"池壁清洁","m2",{"v":0,"d":"0.00"},1.07,{"v":0,"d":"0.00"},{"v":12,"d":"12.00"},{"v":0,"d":"0.00"}]
["（二）","绿化养护",{"$nulls":3},{"v":0,"d":"0.00"},null,{"v":0,"d":"0.00"}]
[6,"绿化养护（三级养护）","m2",{"v":0,"d":"0.00"},0.43,{"v":0,"d":"0.00"},{"v":12,"d":"12.00"},{"v":0,"d":"0.00"}]
["（三）","除“四害”及灭蚁防治服务",{"$nulls":3},{"v":221.65800000000002,"d":"221.66"},null,{"v":2659.896,"d":"2659.90"}]
[7,"除“四害”及灭蚁防治服务","m2",1847.15,0.12,{"v":221.65800000000002,"d":"221.66"},{"v":12,"d":"12.00"},{"v":2659.896,"d":"2659.90"}]
[null,"合计",{"$nulls":3},{"v":221.65800000000002,"d":"221.66"},null,{"v":2659.896,"d":"2659.90"}]
["项目名称：东莞市水务集团供水有限公司2025年度清洁保洁、绿化养护、除“四害”及灭蚁防治服务采购项目"]
["序号","名称","单位","工程量（面积)","金额（元）",null,"预计服务周期（月）","分项预算不含税价格（元）"]
[{"$nulls":4},"不含税预算综合单价（元/m2/月）","不含税合计（元/月）",null,null,"备注"]
["六十三","望牛墩分公司办公楼"]
["(一）","清洁保洁",{"$nulls":3},{"v":3492,"d":"3492.00"},null,{"v":41904,"d":"41904.00"}]
[1,"室内行政办公区（含宿舍、食堂）","m2",{"v":1100,"d":"1100.00"},1.05,{"v":1155,"d":"1155.00"},{"v":12,"d":"12.00"},{"v":13860,"d":"13860.00"}]
[2,"道路（含停车场、运动场）","m2",{"v":4100,"d":"4100.00"},0.57,{"v":2337,"d":"2337.00"},{"v":12,"d":"12.00"},{"v":28044,"d":"28044.00"}]
[3,"生产车间地面","m2",{"v":0,"d":"0.00"},0.58,{"v":0,"d":"0.00"},{"v":12,"d":"12.00"},{"v":0,"d":"0.00"}]
[4,"水面清洁","m2",{"v":0,"d":"0.00"},0.22,{"v":0,"d":"0.00"},{"v":12,"d":"12.00"},{"v":0,"d":"0.00"}]
[5,"池壁清洁","m2",{"v":0,"d":"0.00"},1.07,{"v":0,"d":"0.00"},{"v":12,"d":"12.00"},{"v":0,"d":"0.00"}]
["（二）","绿化养护",{"$nulls":3},{"v":946,"d":"946.00"},null,{"v":11352,"d":"11352.00"}]
[6,"绿化养护（三级养护）","m2",{"v":2200,"d":"2200.00"},0.43,{"v":946,"d":"946.00"},{"v":12,"d":"12.00"},{"v":11352,"d":"11352.00"}]
["（三）","除“四害”及灭蚁防治服务",{"$nulls":3},{"v":888,"d":"888.00"},null,{"v":10656,"d":"10656.00"}]
[7,"除“四害”及灭蚁防治服务","m2",{"v":7400,"d":"7400.00"},0.12,{"v":888,"d":"888.00"},{"v":12,"d":"12.00"},{"v":10656,"d":"10656.00"}]
[null,"合计",{"$nulls":3},{"v":5326,"d":"5326.00"},null,{"v":63912,"d":"63912.00"}]
["项目名称：东莞市水务集团供水有限公司2025年度清洁保洁、绿化养护、除“四害”及灭蚁防治服务采购项目"]
["序号","名称","单位","工程量（面积)","金额（元）",null,"预计服务周期（月）","分项预算不含税价格（元）"]
[{"$nulls":4},"不含税预算综合单价（元/m2/月）","不含税合计（元/月）",null,null,"备注"]
["六十四","望牛墩分公司收费营业厅"]
["(一）","清洁保洁",{"$nulls":3},{"v":283.5,"d":"283.50"},null,{"v":3402,"d":"3402.00"}]
[1,"室内行政办公区（含宿舍、食堂）","m2",{"v":270,"d":"270.00"},1.05,{"v":283.5,"d":"283.50"},{"v":12,"d":"12.00"},{"v":3402,"d":"3402.00"}]
[2,"道路（含停车场、运动场）","m2",{"v":0,"d":"0.00"},0.57,{"v":0,"d":"0.00"},{"v":12,"d":"12.00"},{"v":0,"d":"0.00"}]
[3,"生产车间地面","m2",{"v":0,"d":"0.00"},0.58,{"v":0,"d":"0.00"},{"v":12,"d":"12.00"},{"v":0,"d":"0.00"}]
[4,"水面清洁","m2",{"v":0,"d":"0.00"},0.22,{"v":0,"d":"0.00"},{"v":12,"d":"12.00"},{"v":0,"d":"0.00"}]
[5,"池壁清洁","m2",{"v":0,"d":"0.00"},1.07,{"v":0,"d":"0.00"},{"v":12,"d":"12.00"},{"v":0,"d":"0.00"}]
["（二）","绿化养护",{"$nulls":3},{"v":0,"d":"0.00"},null,{"v":0,"d":"0.00"}]
[6,"绿化养护（三级养护）","m2",{"v":0,"d":"0.00"},0.43,{"v":0,"d":"0.00"},{"v":12,"d":"12.00"},{"v":0,"d":"0.00"}]
["（三）","除“四害”及灭蚁防治服务",{"$nulls":3},{"v":32.4,"d":"32.40"},null,{"v":388.79999999999995,"d":"388.80"}]
[7,"除“四害”及灭蚁防治服务","m2",{"v":270,"d":"270.00"},0.12,{"v":32.4,"d":"32.40"},{"v":12,"d":"12.00"},{"v":388.79999999999995,"d":"388.80"}]
[null,"合计",{"$nulls":3},{"v":315.9,"d":"315.90"},null,{"v":3790.8,"d":"3790.80"}]
["项目名称：东莞市水务集团供水有限公司2025年度清洁保洁、绿化养护、除“四害”及灭蚁防治服务采购项目"]
["序号","名称","单位","工程量（面积)","金额（元）",null,"预计服务周期（月）","分项预算不含税价格（元）"]
[{"$nulls":4},"不含税预算综合单价（元/m2/月）","不含税合计（元/月）",null,null,"备注"]
["六十五","洪梅分公司办公楼"]
["(一）","清洁保洁",{"$nulls":3},{"v":997.5,"d":"997.50"},null,{"v":11970,"d":"11970.00"}]
[1,"室内行政办公区（含宿舍、食堂）","m2",{"v":950,"d":"950.00"},1.05,{"v":997.5,"d":"997.50"},{"v":12,"d":"12.00"},{"v":11970,"d":"11970.00"}]
[2,"道路（含停车场、运动场）","m2",{"v":0,"d":"0.00"},0.57,{"v":0,"d":"0.00"},{"v":12,"d":"12.00"},{"v":0,"d":"0.00"}]
[3,"生产车间地面","m2",{"v":0,"d":"0.00"},0.58,{"v":0,"d":"0.00"},{"v":12,"d":"12.00"},{"v":0,"d":"0.00"}]
[4,"水面清洁","m2",{"v":0,"d":"0.00"},0.22,{"v":0,"d":"0.00"},{"v":12,"d":"12.00"},{"v":0,"d":"0.00"}]
[5,"池壁清洁","m2",{"v":0,"d":"0.00"},1.07,{"v":0,"d":"0.00"},{"v":12,"d":"12.00"},{"v":0,"d":"0.00"}]
["（二）","绿化养护",{"$nulls":3},{"v":0,"d":"0.00"},null,{"v":0,"d":"0.00"}]
[6,"绿化养护（三级养护）","m2",{"v":0,"d":"0.00"},0.43,{"v":0,"d":"0.00"},{"v":12,"d":"12.00"},{"v":0,"d":"0.00"}]
["（三）","除“四害”及灭蚁防治服务",{"$nulls":3},{"v":114,"d":"114.00"},null,{"v":1368,"d":"1368.00"}]
[7,"除“四害”及灭蚁防治服务","m2",{"v":950,"d":"950.00"},0.12,{"v":114,"d":"114.00"},{"v":12,"d":"12.00"},{"v":1368,"d":"1368.00"}]
[null,"合计",{"$nulls":3},{"v":1111.5,"d":"1111.50"},null,{"v":13338,"d":"13338.00"}]
["项目名称：东莞市水务集团供水有限公司2025年度清洁保洁、绿化养护、除“四害”及灭蚁防治服务采购项目"]
["序号","名称","单位","工程量（面积)","金额（元）",null,"预计服务周期（月）","分项预算不含税价格（元）"]
[{"$nulls":4},"不含税预算综合单价（元/m2/月）","不含税合计（元/月）",null,null,"备注"]
["六十六","麻涌分公司办公楼"]
["(一）","清洁保洁",{"$nulls":3},{"v":3190.7016,"d":"3190.70"},null,{"v":38288.4192,"d":"38288.42"}]
[1,"室内行政办公区（含宿舍、食堂）","m2",1025.67,1.05,{"v":1076.9535,"d":"1076.95"},{"v":12,"d":"12.00"},{"v":12923.442000000001,"d":"12923.44"}]
[2,"道路（含停车场、运动场）","m2",3708.33,0.57,{"v":2113.7481,"d":"2113.75"},{"v":12,"d":"12.00"},{"v":25364.977199999998,"d":"25364.98"}]
[3,"生产车间地面","m2",{"v":0,"d":"0.00"},0.58,{"v":0,"d":"0.00"},{"v":12,"d":"12.00"},{"v":0,"d":"0.00"}]
[4,"水面清洁","m2",{"v":0,"d":"0.00"},0.22,{"v":0,"d":"0.00"},{"v":12,"d":"12.00"},{"v":0,"d":"0.00"}]
[5,"池壁清洁","m2",{"v":0,"d":"0.00"},1.07,{"v":0,"d":"0.00"},{"v":12,"d":"12.00"},{"v":0,"d":"0.00"}]
["（二）","绿化养护",{"$nulls":3},{"v":0,"d":"0.00"},null,{"v":0,"d":"0.00"}]
[6,"绿化养护（三级养护）","m2",{"v":0,"d":"0.00"},0.43,{"v":0,"d":"0.00"},{"v":12,"d":"12.00"},{"v":0,"d":"0.00"}]
["（三）","除“四害”及灭蚁防治服务",{"$nulls":3},{"v":444.9996,"d":"445.00"},null,{"v":5339.995199999999,"d":"5340.00"}]
[7,"除“四害”及灭蚁防治服务","m2",3708.33,0.12,{"v":444.9996,"d":"445.00"},{"v":12,"d":"12.00"},{"v":5339.995199999999,"d":"5340.00"}]
[null,"合计",{"$nulls":3},{"v":3635.7012,"d":"3635.70"},null,{"v":43628.414399999994,"d":"43628.41"}]
["项目名称：东莞市水务集团供水有限公司2025年度清洁保洁、绿化养护、除“四害”及灭蚁防治服务采购项目"]
["序号","名称","单位","工程量（面积)","金额（元）",null,"预计服务周期（月）","分项预算不含税价格（元）"]
[{"$nulls":4},"不含税预算综合单价（元/m2/月）","不含税合计（元/月）",null,null,"备注"]
["六十七","道滘分公司办公楼"]
["(一）","清洁保洁",{"$nulls":3},1559.25,null,{"v":18711,"d":"18711.00"}]
[1,"室内行政办公区（含宿舍、食堂）","m2",{"v":1485,"d":"1485.00"},1.05,1559.25,{"v":12,"d":"12.00"},{"v":18711,"d":"18711.00"}]
[2,"道路（含停车场、运动场）","m2",{"v":0,"d":"0.00"},0.57,{"v":0,"d":"0.00"},{"v":12,"d":"12.00"},{"v":0,"d":"0.00"}]
[3,"生产车间地面","m2",{"v":0,"d":"0.00"},0.58,{"v":0,"d":"0.00"},{"v":12,"d":"12.00"},{"v":0,"d":"0.00"}]
[4,"水面清洁","m2",{"v":0,"d":"0.00"},0.22,{"v":0,"d":"0.00"},{"v":12,"d":"12.00"},{"v":0,"d":"0.00"}]
[5,"池壁清洁","m2",{"v":0,"d":"0.00"},1.07,{"v":0,"d":"0.00"},{"v":12,"d":"12.00"},{"v":0,"d":"0.00"}]
["（二）","绿化养护",{"$nulls":3},{"v":0,"d":"0.00"},null,{"v":0,"d":"0.00"}]
[6,"绿化养护（三级养护）","m2",{"v":0,"d":"0.00"},0.43,{"v":0,"d":"0.00"},{"v":12,"d":"12.00"},{"v":0,"d":"0.00"}]
["（三）","除“四害”及灭蚁防治服务",{"$nulls":3},{"v":178.2,"d":"178.20"},null,{"v":2138.3999999999996,"d":"2138.40"}]
[7,"除“四害”及灭蚁防治服务","m2",{"v":1485,"d":"1485.00"},0.12,{"v":178.2,"d":"178.20"},{"v":12,"d":"12.00"},{"v":2138.3999999999996,"d":"2138.40"}]
[null,"合计",{"$nulls":3},1737.45,null,{"v":20849.4,"d":"20849.40"}]
["项目名称：东莞市水务集团供水有限公司2025年度清洁保洁、绿化养护、除“四害”及灭蚁防治服务采购项目"]
["序号","名称","单位","工程量（面积)","金额（元）",null,"预计服务周期（月）","分项预算不含税价格（元）"]
[{"$nulls":4},"不含税预算综合单价（元/m2/月）","不含税合计（元/月）",null,null,"备注"]
["六十八","中堂分公司办公楼"]
["(一）","清洁保洁",{"$nulls":3},{"v":5094.6,"d":"5094.60"},null,{"v":61135.200000000004,"d":"61135.20"}]
[1,"室内行政办公区（含宿舍、食堂）","m2",{"v":4852,"d":"4852.00"},1.05,{"v":5094.6,"d":"5094.60"},{"v":12,"d":"12.00"},{"v":61135.200000000004,"d":"61135.20"}]
[2,"道路（含停车场、运动场）","m2",{"v":0,"d":"0.00"},0.57,{"v":0,"d":"0.00"},{"v":12,"d":"12.00"},{"v":0,"d":"0.00"}]
[3,"生产车间地面","m2",{"v":0,"d":"0.00"},0.58,{"v":0,"d":"0.00"},{"v":12,"d":"12.00"},{"v":0,"d":"0.00"}]
[4,"水面清洁","m2",{"v":0,"d":"0.00"},0.22,{"v":0,"d":"0.00"},{"v":12,"d":"12.00"},{"v":0,"d":"0.00"}]
[5,"池壁清洁","m2",{"v":0,"d":"0.00"},1.07,{"v":0,"d":"0.00"},{"v":12,"d":"12.00"},{"v":0,"d":"0.00"}]
["（二）","绿化养护",{"$nulls":3},{"v":0,"d":"0.00"},null,{"v":0,"d":"0.00"}]
[6,"绿化养护（三级养护）","m2",{"v":0,"d":"0.00"},0.43,{"v":0,"d":"0.00"},{"v":12,"d":"12.00"},{"v":0,"d":"0.00"}]
["（三）","除“四害”及灭蚁防治服务",{"$nulls":3},{"v":0,"d":"0.00"},null,{"v":0,"d":"0.00"}]
[7,"除“四害”及灭蚁防治服务","m2",{"v":0,"d":"0.00"},0.12,{"v":0,"d":"0.00"},{"v":12,"d":"12.00"},{"v":0,"d":"0.00"}]
[null,"合计",{"$nulls":3},{"v":5094.6,"d":"5094.60"},null,{"v":61135.200000000004,"d":"61135.20"}]
["项目名称：东莞市水务集团供水有限公司2025年度清洁保洁、绿化养护、除“四害”及灭蚁防治服务采购项目"]
["序号","名称","单位","工程量（面积)","金额（元）",null,"预计服务周期（月）","分项预算不含税价格（元）"]
[{"$nulls":4},"不含税预算综合单价（元/m2/月）","不含税合计（元/月）",null,null,"备注"]
["六十九","中堂分公司江南二次加压房"]
["(一）","清洁保洁",{"$nulls":3},{"v":0,"d":"0.00"},null,{"v":0,"d":"0.00"}]
[1,"室内行政办公区（含宿舍、食堂）","m2",{"v":0,"d":"0.00"},1.05,{"v":0,"d":"0.00"},{"v":12,"d":"12.00"},{"v":0,"d":"0.00"}]
[2,"道路（含停车场、运动场）","m2",{"v":0,"d":"0.00"},0.57,{"v":0,"d":"0.00"},{"v":12,"d":"12.00"},{"v":0,"d":"0.00"}]
[3,"生产车间地面","m2",{"v":0,"d":"0.00"},0.58,{"v":0,"d":"0.00"},{"v":12,"d":"12.00"},{"v":0,"d":"0.00"}]
[4,"水面清洁","m2",{"v":0,"d":"0.00"},0.22,{"v":0,"d":"0.00"},{"v":12,"d":"12.00"},{"v":0,"d":"0.00"}]
[5,"池壁清洁","m2",{"v":0,"d":"0.00"},1.07,{"v":0,"d":"0.00"},{"v":12,"d":"12.00"},{"v":0,"d":"0.00"}]
["（二）","绿化养护",{"$nulls":3},{"v":0,"d":"0.00"},null,{"v":0,"d":"0.00"}]
[6,"绿化养护（三级养护）","m2",{"v":0,"d":"0.00"},0.43,{"v":0,"d":"0.00"},{"v":12,"d":"12.00"},{"v":0,"d":"0.00"}]
["（三）","除“四害”及灭蚁防治服务",{"$nulls":3},{"v":36,"d":"36.00"},null,{"v":432,"d":"432.00"}]
[7,"除“四害”及灭蚁防治服务","m2",{"v":300,"d":"300.00"},0.12,{"v":36,"d":"36.00"},{"v":12,"d":"12.00"},{"v":432,"d":"432.00"}]
[null,"合计",{"$nulls":3},{"v":36,"d":"36.00"},null,{"v":432,"d":"432.00"}]
["项目名称：东莞市水务集团供水有限公司2025年度清洁保洁、绿化养护、除“四害”及灭蚁防治服务采购项目"]
["序号","名称","单位","工程量（面积)","金额（元）",null,"预计服务周期（月）","分项预算不含税价格（元）"]
[{"$nulls":4},"不含税预算综合单价（元/m2/月）","不含税合计（元/月）",null,null,"备注"]
["七十","沙田分公司本部办公楼"]
["(一）","清洁保洁",{"$nulls":3},{"v":2625,"d":"2625.00"},null,{"v":31500,"d":"31500.00"}]
[1,"室内行政办公区（含宿舍、食堂）","m2",{"v":2500,"d":"2500.00"},1.05,{"v":2625,"d":"2625.00"},{"v":12,"d":"12.00"},{"v":31500,"d":"31500.00"}]
[2,"道路（含停车场、运动场）","m2",{"v":0,"d":"0.00"},0.57,{"v":0,"d":"0.00"},{"v":12,"d":"12.00"},{"v":0,"d":"0.00"}]
[3,"生产车间地面","m2",{"v":0,"d":"0.00"},0.58,{"v":0,"d":"0.00"},{"v":12,"d":"12.00"},{"v":0,"d":"0.00"}]
[4,"水面清洁","m2",{"v":0,"d":"0.00"},0.22,{"v":0,"d":"0.00"},{"v":12,"d":"12.00"},{"v":0,"d":"0.00"}]
[5,"池壁清洁","m2",{"v":0,"d":"0.00"},1.07,{"v":0,"d":"0.00"},{"v":12,"d":"12.00"},{"v":0,"d":"0.00"}]
["（二）","绿化养护",{"$nulls":3},{"v":0,"d":"0.00"},null,{"v":0,"d":"0.00"}]
[6,"绿化养护（三级养护）","m2",{"v":0,"d":"0.00"},0.43,{"v":0,"d":"0.00"},{"v":12,"d":"12.00"},{"v":0,"d":"0.00"}]
["（三）","除“四害”及灭蚁防治服务",{"$nulls":3},{"v":540,"d":"540.00"},null,{"v":6480,"d":"6480.00"}]
[7,"除“四害”及灭蚁防治服务","m2",{"v":4500,"d":"4500.00"},0.12,{"v":540,"d":"540.00"},{"v":12,"d":"12.00"},{"v":6480,"d":"6480.00"}]
[null,"合计",{"$nulls":3},{"v":3165,"d":"3165.00"},null,{"v":37980,"d":"37980.00"}]
["项目名称：东莞市水务集团供水有限公司2025年度清洁保洁、绿化养护、除“四害”及灭蚁防治服务采购项目"]
["序号","名称","单位","工程量（面积)","金额（元）",null,"预计服务周期（月）","分项预算不含税价格（元）"]
[{"$nulls":4},"不含税预算综合单价（元/m2/月）","不含税合计（元/月）",null,null,"备注"]
["七十一","厚街分公司本部办公楼"]
["(一）","清洁保洁",{"$nulls":3},{"v":1995,"d":"1995.00"},null,{"v":23940,"d":"23940.00"}]
[1,"室内行政办公区（含宿舍、食堂）","m2",{"v":1900,"d":"1900.00"},1.05,{"v":1995,"d":"1995.00"},{"v":12,"d":"12.00"},{"v":23940,"d":"23940.00"}]
[2,"道路（含停车场、运动场）","m2",{"v":0,"d":"0.00"},0.57,{"v":0,"d":"0.00"},{"v":12,"d":"12.00"},{"v":0,"d":"0.00"}]
[3,"生产车间地面","m2",{"v":0,"d":"0.00"},0.58,{"v":0,"d":"0.00"},{"v":12,"d":"12.00"},{"v":0,"d":"0.00"}]
[4,"水面清洁","m2",{"v":0,"d":"0.00"},0.22,{"v":0,"d":"0.00"},{"v":12,"d":"12.00"},{"v":0,"d":"0.00"}]
[5,"池壁清洁","m2",{"v":0,"d":"0.00"},1.07,{"v":0,"d":"0.00"},{"v":12,"d":"12.00"},{"v":0,"d":"0.00"}]
["（二）","绿化养护",{"$nulls":3},{"v":0,"d":"0.00"},null,{"v":0,"d":"0.00"}]
[6,"绿化养护（三级养护）","m2",{"v":0,"d":"0.00"},0.43,{"v":0,"d":"0.00"},{"v":12,"d":"12.00"},{"v":0,"d":"0.00"}]
["（三）","除“四害”及灭蚁防治服务",{"$nulls":3},{"v":228,"d":"228.00"},null,{"v":2736,"d":"2736.00"}]
[7,"除“四害”及灭蚁防治服务","m2",{"v":1900,"d":"1900.00"},0.12,{"v":228,"d":"228.00"},{"v":12,"d":"12.00"},{"v":2736,"d":"2736.00"}]
[null,"合计",{"$nulls":3},{"v":2223,"d":"2223.00"},null,{"v":26676,"d":"26676.00"}]
["项目名称：东莞市水务集团供水有限公司2025年度清洁保洁、绿化养护、除“四害”及灭蚁防治服务采购项目"]
["序号","名称","单位","工程量（面积)","金额（元）",null,"预计服务周期（月）","分项预算不含税价格（元）"]
[{"$nulls":4},"不含税预算综合单价（元/m2/月）","不含税合计（元/月）",null,null,"备注"]
["七十二","厚街分公司东部加压站"]
["(一）","清洁保洁",{"$nulls":3},{"v":1007.9999999999999,"d":"1008.00"},null,{"v":12095.999999999998,"d":"12096.00"}]
[1,"室内行政办公区（含宿舍、食堂）","m2",{"v":200,"d":"200.00"},1.05,{"v":210,"d":"210.00"},{"v":12,"d":"12.00"},{"v":2520,"d":"2520.00"}]
[2,"道路（含停车场、运动场）","m2",{"v":1400,"d":"1400.00"},0.57,{"v":797.9999999999999,"d":"798.00"},{"v":12,"d":"12.00"},{"v":9575.999999999998,"d":"9576.00"}]
[3,"生产车间地面","m2",{"v":0,"d":"0.00"},0.58,{"v":0,"d":"0.00"},{"v":12,"d":"12.00"},{"v":0,"d":"0.00"}]
[4,"水面清洁","m2",{"v":0,"d":"0.00"},0.22,{"v":0,"d":"0.00"},{"v":12,"d":"12.00"},{"v":0,"d":"0.00"}]
[5,"池壁清洁","m2",{"v":0,"d":"0.00"},1.07,{"v":0,"d":"0.00"},{"v":12,"d":"12.00"},{"v":0,"d":"0.00"}]
["（二）","绿化养护",{"$nulls":3},{"v":688,"d":"688.00"},null,{"v":8256,"d":"8256.00"}]
[6,"绿化养护（三级养护）","m2",{"v":1600,"d":"1600.00"},0.43,{"v":688,"d":"688.00"},{"v":12,"d":"12.00"},{"v":8256,"d":"8256.00"}]
["（三）","除“四害”及灭蚁防治服务",{"$nulls":3},{"v":192,"d":"192.00"},null,{"v":2304,"d":"2304.00"}]
[7,"除“四害”及灭蚁防治服务","m2",{"v":1600,"d":"1600.00"},0.12,{"v":192,"d":"192.00"},{"v":12,"d":"12.00"},{"v":2304,"d":"2304.00"}]
[null,"合计",{"$nulls":3},{"v":1888,"d":"1888.00"},null,{"v":22656,"d":"22656.00"}]
["项目名称：东莞市水务集团供水有限公司2025年度清洁保洁、绿化养护、除“四害”及灭蚁防治服务采购项目"]
["序号","名称","单位","工程量（面积)","金额（元）",null,"预计服务周期（月）","分项预算不含税价格（元）"]
[{"$nulls":4},"不含税预算综合单价（元/m2/月）","不含税合计（元/月）",null,null,"备注"]
["七十三","长安分公司综合部\n（总部办公点）"]
["(一）","清洁保洁",{"$nulls":3},{"v":0,"d":"0.00"},null,{"v":0,"d":"0.00"}]
[1,"室内行政办公区（含宿舍、食堂）","m2",{"v":0,"d":"0.00"},1.05,{"v":0,"d":"0.00"},{"v":12,"d":"12.00"},{"v":0,"d":"0.00"}]
[2,"道路（含停车场、运动场）","m2",{"v":0,"d":"0.00"},0.57,{"v":0,"d":"0.00"},{"v":12,"d":"12.00"},{"v":0,"d":"0.00"}]
[3,"生产车间地面","m2",{"v":0,"d":"0.00"},0.58,{"v":0,"d":"0.00"},{"v":12,"d":"12.00"},{"v":0,"d":"0.00"}]
[4,"水面清洁","m2",{"v":0,"d":"0.00"},0.22,{"v":0,"d":"0.00"},{"v":12,"d":"12.00"},{"v":0,"d":"0.00"}]
[5,"池壁清洁","m2",{"v":0,"d":"0.00"},1.07,{"v":0,"d":"0.00"},{"v":12,"d":"12.00"},{"v":0,"d":"0.00"}]
["（二）","绿化养护",{"$nulls":3},{"v":0,"d":"0.00"},null,{"v":0,"d":"0.00"}]
[6,"绿化养护（三级养护）","m2",{"v":0,"d":"0.00"},0.43,{"v":0,"d":"0.00"},{"v":12,"d":"12.00"},{"v":0,"d":"0.00"}]
["（三）","除“四害”及灭蚁防治服务",{"$nulls":3},{"v":1103.6172,"d":"1103.62"},null,{"v":13243.4064,"d":"13243.41"}]
[7,"除“四害”及灭蚁防治服务","m2",9196.81,0.12,{"v":1103.6172,"d":"1103.62"},{"v":12,"d":"12.00"},{"v":13243.4064,"d":"13243.41"}]
[null,"合计",{"$nulls":3},{"v":1103.6172,"d":"1103.62"},null,{"v":13243.4064,"d":"13243.41"}]
["项目名称：东莞市水务集团供水有限公司2025年度清洁保洁、绿化养护、除“四害”及灭蚁防治服务采购项目"]
["序号","名称","单位","工程量（面积)","金额（元）",null,"预计服务周期（月）","分项预算不含税价格（元）"]
[{"$nulls":4},"不含税预算综合单价（元/m2/月）","不含税合计（元/月）",null,null,"备注"]
["七十四","长安分公司管网部\n（五点梅办公点）"]
["(一）","清洁保洁",{"$nulls":3},{"v":0,"d":"0.00"},null,{"v":0,"d":"0.00"}]
[1,"室内行政办公区（含宿舍、食堂）","m2",{"v":0,"d":"0.00"},1.05,{"v":0,"d":"0.00"},{"v":12,"d":"12.00"},{"v":0,"d":"0.00"}]
[2,"道路（含停车场、运动场）","m2",{"v":0,"d":"0.00"},0.57,{"v":0,"d":"0.00"},{"v":12,"d":"12.00"},{"v":0,"d":"0.00"}]
[3,"生产车间地面","m2",{"v":0,"d":"0.00"},0.58,{"v":0,"d":"0.00"},{"v":12,"d":"12.00"},{"v":0,"d":"0.00"}]
[4,"水面清洁","m2",{"v":0,"d":"0.00"},0.22,{"v":0,"d":"0.00"},{"v":12,"d":"12.00"},{"v":0,"d":"0.00"}]
[5,"池壁清洁","m2",{"v":0,"d":"0.00"},1.07,{"v":0,"d":"0.00"},{"v":12,"d":"12.00"},{"v":0,"d":"0.00"}]
["（二）","绿化养护",{"$nulls":3},{"v":0,"d":"0.00"},null,{"v":0,"d":"0.00"}]
[6,"绿化养护（三级养护）","m2",{"v":0,"d":"0.00"},0.43,{"v":0,"d":"0.00"},{"v":12,"d":"12.00"},{"v":0,"d":"0.00"}]
["（三）","除“四害”及灭蚁防治服务",{"$nulls":3},{"v":1511.6771999999999,"d":"1511.68"},null,{"v":18140.126399999997,"d":"18140.13"}]
[7,"除“四害”及灭蚁防治服务","m2",12597.31,0.12,{"v":1511.6771999999999,"d":"1511.68"},{"v":12,"d":"12.00"},{"v":18140.126399999997,"d":"18140.13"}]
[null,"合计",{"$nulls":3},{"v":1511.6771999999999,"d":"1511.68"},null,{"v":18140.126399999997,"d":"18140.13"}]
["项目名称：东莞市水务集团供水有限公司2025年度清洁保洁、绿化养护、除“四害”及灭蚁防治服务采购项目"]
["序号","名称","单位","工程量（面积)","金额（元）",null,"预计服务周期（月）","分项预算不含税价格（元）"]
[{"$nulls":4},"不含税预算综合单价（元/m2/月）","不含税合计（元/月）",null,null,"备注"]
["七十五","塘厦分公司本部办公楼"]
["(一）","清洁保洁",{"$nulls":3},{"v":0,"d":"0.00"},null,{"v":0,"d":"0.00"}]
[1,"室内行政办公区（含宿舍、食堂）","m2",{"v":0,"d":"0.00"},1.05,{"v":0,"d":"0.00"},{"v":12,"d":"12.00"},{"v":0,"d":"0.00"}]
[2,"道路（含停车场、运动场）","m2",{"v":0,"d":"0.00"},0.57,{"v":0,"d":"0.00"},{"v":12,"d":"12.00"},{"v":0,"d":"0.00"}]
[3,"生产车间地面","m2",{"v":0,"d":"0.00"},0.58,{"v":0,"d":"0.00"},{"v":12,"d":"12.00"},{"v":0,"d":"0.00"}]
[4,"水面清洁","m2",{"v":0,"d":"0.00"},0.22,{"v":0,"d":"0.00"},{"v":12,"d":"12.00"},{"v":0,"d":"0.00"}]
[5,"池壁清洁","m2",{"v":0,"d":"0.00"},1.07,{"v":0,"d":"0.00"},{"v":12,"d":"12.00"},{"v":0,"d":"0.00"}]
["（二）","绿化养护",{"$nulls":3},{"v":1561.1666,"d":"1561.17"},null,{"v":18733.9992,"d":"18734.00"}]
[6,"绿化养护（三级养护）","m2",3630.62,0.43,{"v":1561.1666,"d":"1561.17"},{"v":12,"d":"12.00"},{"v":18733.9992,"d":"18734.00"}]
["（三）","除“四害”及灭蚁防治服务",{"$nulls":3},{"v":1228.1064,"d":"1228.11"},null,{"v":14737.2768,"d":"14737.28"}]
[7,"除“四害”及灭蚁防治服务","m2",10234.22,0.12,{"v":1228.1064,"d":"1228.11"},{"v":12,"d":"12.00"},{"v":14737.2768,"d":"14737.28"}]
[null,"合计",{"$nulls":3},{"v":2789.273,"d":"2789.27"},null,{"v":33471.276,"d":"33471.28"}]
["项目名称：东莞市水务集团供水有限公司2025年度清洁保洁、绿化养护、除“四害”及灭蚁防治服务采购项目"]
["序号","名称","单位","工程量（面积)","金额（元）",null,"预计服务周期（月）","分项预算不含税价格（元）"]
[{"$nulls":4},"不含税预算综合单价（元/m2/月）","不含税合计（元/月）",null,null,"备注"]
["七十六","塘厦分公司仓库"]
["(一）","清洁保洁",{"$nulls":3},{"v":0,"d":"0.00"},null,{"v":0,"d":"0.00"}]
[1,"室内行政办公区（含宿舍、食堂）","m2",{"v":0,"d":"0.00"},1.05,{"v":0,"d":"0.00"},{"v":12,"d":"12.00"},{"v":0,"d":"0.00"}]
[2,"道路（含停车场、运动场）","m2",{"v":0,"d":"0.00"},0.57,{"v":0,"d":"0.00"},{"v":12,"d":"12.00"},{"v":0,"d":"0.00"}]
[3,"生产车间地面","m2",{"v":0,"d":"0.00"},0.58,{"v":0,"d":"0.00"},{"v":12,"d":"12.00"},{"v":0,"d":"0.00"}]
[4,"水面清洁","m2",{"v":0,"d":"0.00"},0.22,{"v":0,"d":"0.00"},{"v":12,"d":"12.00"},{"v":0,"d":"0.00"}]
[5,"池壁清洁","m2",{"v":0,"d":"0.00"},1.07,{"v":0,"d":"0.00"},{"v":12,"d":"12.00"},{"v":0,"d":"0.00"}]
["（二）","绿化养护",{"$nulls":3},{"v":0,"d":"0.00"},null,{"v":0,"d":"0.00"}]
[6,"绿化养护（三级养护）","m2",{"v":0,"d":"0.00"},0.43,{"v":0,"d":"0.00"},{"v":12,"d":"12.00"},{"v":0,"d":"0.00"}]
["（三）","除“四害”及灭蚁防治服务",{"$nulls":3},38.28,null,459.36]
[7,"除“四害”及灭蚁防治服务","m2",{"v":319,"d":"319.00"},0.12,38.28,{"v":12,"d":"12.00"},459.36]
[null,"合计",{"$nulls":3},38.28,null,459.36]
["项目名称：东莞市水务集团供水有限公司2025年度清洁保洁、绿化养护、除“四害”及灭蚁防治服务采购项目"]
["序号","名称","单位","工程量（面积)","金额（元）",null,"预计服务周期（月）","分项预算不含税价格（元）"]
[{"$nulls":4},"不含税预算综合单价（元/m2/月）","不含税合计（元/月）",null,null,"备注"]
["七十七","凤岗分公司办公楼"]
["(一）","清洁保洁",{"$nulls":3},{"v":2033.577,"d":"2033.58"},null,{"v":24402.924,"d":"24402.92"}]
[1,"室内行政办公区（含宿舍、食堂）","m2",1936.74,1.05,{"v":2033.577,"d":"2033.58"},{"v":12,"d":"12.00"},{"v":24402.924,"d":"24402.92"}]
[2,"道路（含停车场、运动场）","m2",{"v":0,"d":"0.00"},0.57,{"v":0,"d":"0.00"},{"v":12,"d":"12.00"},{"v":0,"d":"0.00"}]
[3,"生产车间地面","m2",{"v":0,"d":"0.00"},0.58,{"v":0,"d":"0.00"},{"v":12,"d":"12.00"},{"v":0,"d":"0.00"}]
[4,"水面清洁","m2",{"v":0,"d":"0.00"},0.22,{"v":0,"d":"0.00"},{"v":12,"d":"12.00"},{"v":0,"d":"0.00"}]
[5,"池壁清洁","m2",{"v":0,"d":"0.00"},1.07,{"v":0,"d":"0.00"},{"v":12,"d":"12.00"},{"v":0,"d":"0.00"}]
["（二）","绿化养护",{"$nulls":3},{"v":0,"d":"0.00"},null,{"v":0,"d":"0.00"}]
[6,"绿化养护（三级养护）","m2",{"v":0,"d":"0.00"},0.43,{"v":0,"d":"0.00"},{"v":12,"d":"12.00"},{"v":0,"d":"0.00"}]
["（三）","除“四害”及灭蚁防治服务",{"$nulls":3},{"v":0,"d":"0.00"},null,{"v":0,"d":"0.00"}]
[7,"除“四害”及灭蚁防治服务","m2",{"v":0,"d":"0.00"},0.12,{"v":0,"d":"0.00"},{"v":12,"d":"12.00"},{"v":0,"d":"0.00"}]
[null,"合计",{"$nulls":3},{"v":2033.577,"d":"2033.58"},null,{"v":24402.924,"d":"24402.92"}]
["项目名称：东莞市水务集团供水有限公司2025年度清洁保洁、绿化养护、除“四害”及灭蚁防治服务采购项目"]
["序号","名称","单位","工程量（面积)","金额（元）",null,"预计服务周期（月）","分项预算不含税价格（元）"]
[{"$nulls":4},"不含税预算综合单价（元/m2/月）","不含税合计（元/月）",null,null,"备注"]
["七十八","凤岗分公司供水服务中心"]
["(一）","清洁保洁",{"$nulls":3},{"v":558.222,"d":"558.22"},null,{"v":6698.664,"d":"6698.66"}]
[1,"室内行政办公区（含宿舍、食堂）","m2",531.64,1.05,{"v":558.222,"d":"558.22"},{"v":12,"d":"12.00"},{"v":6698.664,"d":"6698.66"}]
[2,"道路（含停车场、运动场）","m2",{"v":0,"d":"0.00"},0.57,{"v":0,"d":"0.00"},{"v":12,"d":"12.00"},{"v":0,"d":"0.00"}]
[3,"生产车间地面","m2",{"v":0,"d":"0.00"},0.58,{"v":0,"d":"0.00"},{"v":12,"d":"12.00"},{"v":0,"d":"0.00"}]
[4,"水面清洁","m2",{"v":0,"d":"0.00"},0.22,{"v":0,"d":"0.00"},{"v":12,"d":"12.00"},{"v":0,"d":"0.00"}]
[5,"池壁清洁","m2",{"v":0,"d":"0.00"},1.07,{"v":0,"d":"0.00"},{"v":12,"d":"12.00"},{"v":0,"d":"0.00"}]
["（二）","绿化养护",{"$nulls":3},{"v":0,"d":"0.00"},null,{"v":0,"d":"0.00"}]
[6,"绿化养护（三级养护）","m2",{"v":0,"d":"0.00"},0.43,{"v":0,"d":"0.00"},{"v":12,"d":"12.00"},{"v":0,"d":"0.00"}]
["（三）","除“四害”及灭蚁防治服务",{"$nulls":3},{"v":0,"d":"0.00"},null,{"v":0,"d":"0.00"}]
[7,"除“四害”及灭蚁防治服务","m2",{"v":0,"d":"0.00"},0.12,{"v":0,"d":"0.00"},{"v":12,"d":"12.00"},{"v":0,"d":"0.00"}]
[null,"合计",{"$nulls":3},{"v":558.222,"d":"558.22"},null,{"v":6698.664,"d":"6698.66"}]
["项目名称：东莞市水务集团供水有限公司2025年度清洁保洁、绿化养护、除“四害”及灭蚁防治服务采购项目"]
["序号","名称","单位","工程量（面积)","金额（元）",null,"预计服务周期（月）","分项预算不含税价格（元）"]
[{"$nulls":4},"不含税预算综合单价（元/m2/月）","不含税合计（元/月）",null,null,"备注"]
["七十九","樟木头分公司办公楼"]
["(一）","清洁保洁",{"$nulls":3},2348.25,null,{"v":28179,"d":"28179.00"}]
[1,"室内行政办公区（含宿舍、食堂）","m2",{"v":1205,"d":"1205.00"},1.05,1265.25,{"v":12,"d":"12.00"},{"v":15183,"d":"15183.00"}]
[2,"道路（含停车场、运动场）","m2",{"v":1900,"d":"1900.00"},0.57,{"v":1083,"d":"1083.00"},{"v":12,"d":"12.00"},{"v":12996,"d":"12996.00"}]
[3,"生产车间地面","m2",{"v":0,"d":"0.00"},0.58,{"v":0,"d":"0.00"},{"v":12,"d":"12.00"},{"v":0,"d":"0.00"}]
[4,"水面清洁","m2",{"v":0,"d":"0.00"},0.22,{"v":0,"d":"0.00"},{"v":12,"d":"12.00"},{"v":0,"d":"0.00"}]
[5,"池壁清洁","m2",{"v":0,"d":"0.00"},1.07,{"v":0,"d":"0.00"},{"v":12,"d":"12.00"},{"v":0,"d":"0.00"}]
["（二）","绿化养护",{"$nulls":3},{"v":0,"d":"0.00"},null,{"v":0,"d":"0.00"}]
[6,"绿化养护（三级养护）","m2",{"v":0,"d":"0.00"},0.43,{"v":0,"d":"0.00"},{"v":12,"d":"12.00"},{"v":0,"d":"0.00"}]
["（三）","除“四害”及灭蚁防治服务",{"$nulls":3},{"v":324,"d":"324.00"},null,{"v":3888,"d":"3888.00"}]
[7,"除“四害”及灭蚁防治服务","m2",{"v":2700,"d":"2700.00"},0.12,{"v":324,"d":"324.00"},{"v":12,"d":"12.00"},{"v":3888,"d":"3888.00"}]
[null,"合计",{"$nulls":3},2672.25,null,{"v":32067,"d":"32067.00"}]
["项目名称：东莞市水务集团供水有限公司2025年度清洁保洁、绿化养护、除“四害”及灭蚁防治服务采购项目"]
["序号","名称","单位","工程量（面积)","金额（元）",null,"预计服务周期（月）","分项预算不含税价格（元）"]
[{"$nulls":4},"不含税预算综合单价（元/m2/月）","不含税合计（元/月）",null,null,"备注"]
["八十","黄江分公司办公楼"]
["(一）","清洁保洁",{"$nulls":3},{"v":8166.900000000001,"d":"8166.90"},null,{"v":98002.8,"d":"98002.80"}]
[1,"室内行政办公区（含宿舍、食堂）","m2",{"v":7778,"d":"7778.00"},1.05,{"v":8166.900000000001,"d":"8166.90"},{"v":12,"d":"12.00"},{"v":98002.8,"d":"98002.80"}]
[2,"道路（含停车场、运动场）","m2",{"v":0,"d":"0.00"},0.57,{"v":0,"d":"0.00"},{"v":12,"d":"12.00"},{"v":0,"d":"0.00"}]
[3,"生产车间地面","m2",{"v":0,"d":"0.00"},0.58,{"v":0,"d":"0.00"},{"v":12,"d":"12.00"},{"v":0,"d":"0.00"}]
[4,"水面清洁","m2",{"v":0,"d":"0.00"},0.22,{"v":0,"d":"0.00"},{"v":12,"d":"12.00"},{"v":0,"d":"0.00"}]
[5,"池壁清洁","m2",{"v":0,"d":"0.00"},1.07,{"v":0,"d":"0.00"},{"v":12,"d":"12.00"},{"v":0,"d":"0.00"}]
["（二）","绿化养护",{"$nulls":3},{"v":0,"d":"0.00"},null,{"v":0,"d":"0.00"}]
[6,"绿化养护（三级养护）","m2",{"v":0,"d":"0.00"},0.43,{"v":0,"d":"0.00"},{"v":12,"d":"12.00"},{"v":0,"d":"0.00"}]
["（三）","除“四害”及灭蚁防治服务",{"$nulls":3},{"v":0,"d":"0.00"},null,{"v":0,"d":"0.00"}]
[7,"除“四害”及灭蚁防治服务","m2",{"v":0,"d":"0.00"},0.12,{"v":0,"d":"0.00"},{"v":12,"d":"12.00"},{"v":0,"d":"0.00"}]
[null,"合计",{"$nulls":3},{"v":8166.900000000001,"d":"8166.90"},null,{"v":98002.8,"d":"98002.80"}]
["项目名称：东莞市水务集团供水有限公司2025年度清洁保洁、绿化养护、除“四害”及灭蚁防治服务采购项目"]
["序号","名称","单位","工程量（面积)","金额（元）",null,"预计服务周期（月）","分项预算不含税价格（元）"]
[{"$nulls":4},"不含税预算综合单价（元/m2/月）","不含税合计（元/月）",null,null,"备注"]
["八十一","谢岗分公司办公楼"]
["(一）","清洁保洁",{"$nulls":3},{"v":2415,"d":"2415.00"},null,{"v":28980,"d":"28980.00"}]
[1,"室内行政办公区（含宿舍、食堂）","m2",{"v":2300,"d":"2300.00"},1.05,{"v":2415,"d":"2415.00"},{"v":12,"d":"12.00"},{"v":28980,"d":"28980.00"}]
[2,"道路（含停车场、运动场）","m2",{"v":0,"d":"0.00"},0.57,{"v":0,"d":"0.00"},{"v":12,"d":"12.00"},{"v":0,"d":"0.00"}]
[3,"生产车间地面","m2",{"v":0,"d":"0.00"},0.58,{"v":0,"d":"0.00"},{"v":12,"d":"12.00"},{"v":0,"d":"0.00"}]
[4,"水面清洁","m2",{"v":0,"d":"0.00"},0.22,{"v":0,"d":"0.00"},{"v":12,"d":"12.00"},{"v":0,"d":"0.00"}]
[5,"池壁清洁","m2",{"v":0,"d":"0.00"},1.07,{"v":0,"d":"0.00"},{"v":12,"d":"12.00"},{"v":0,"d":"0.00"}]
["（二）","绿化养护",{"$nulls":3},{"v":0,"d":"0.00"},null,{"v":0,"d":"0.00"}]
[6,"绿化养护（三级养护）","m2",{"v":0,"d":"0.00"},0.43,{"v":0,"d":"0.00"},{"v":12,"d":"12.00"},{"v":0,"d":"0.00"}]
["（三）","除“四害”及灭蚁防治服务",{"$nulls":3},{"v":276,"d":"276.00"},null,{"v":3312,"d":"3312.00"}]
[7,"除“四害”及灭蚁防治服务","m2",{"v":2300,"d":"2300.00"},0.12,{"v":276,"d":"276.00"},{"v":12,"d":"12.00"},{"v":3312,"d":"3312.00"}]
[null,"合计",{"$nulls":3},{"v":2691,"d":"2691.00"},null,{"v":32292,"d":"32292.00"}]
["项目名称：东莞市水务集团供水有限公司2025年度清洁保洁、绿化养护、除“四害”及灭蚁防治服务采购项目"]
["序号","名称","单位","工程量（面积)","金额（元）",null,"预计服务周期（月）","分项预算不含税价格（元）"]
[{"$nulls":4},"不含税预算综合单价（元/m2/月）","不含税合计（元/月）",null,null,"备注"]
["八十二","东坑分公司办公楼"]
["(一）","清洁保洁",{"$nulls":3},{"v":826.4025,"d":"826.40"},null,9916.83]
[1,"室内行政办公区（含宿舍、食堂）","m2",787.05,1.05,{"v":826.4025,"d":"826.40"},{"v":12,"d":"12.00"},9916.83]
[2,"道路（含停车场、运动场）","m2",{"v":0,"d":"0.00"},0.57,{"v":0,"d":"0.00"},{"v":12,"d":"12.00"},{"v":0,"d":"0.00"}]
[3,"生产车间地面","m2",{"v":0,"d":"0.00"},0.58,{"v":0,"d":"0.00"},{"v":12,"d":"12.00"},{"v":0,"d":"0.00"}]
[4,"水面清洁","m2",{"v":0,"d":"0.00"},0.22,{"v":0,"d":"0.00"},{"v":12,"d":"12.00"},{"v":0,"d":"0.00"}]
[5,"池壁清洁","m2",{"v":0,"d":"0.00"},1.07,{"v":0,"d":"0.00"},{"v":12,"d":"12.00"},{"v":0,"d":"0.00"}]
["（二）","绿化养护",{"$nulls":3},{"v":0,"d":"0.00"},null,{"v":0,"d":"0.00"}]
[6,"绿化养护（三级养护）","m2",{"v":0,"d":"0.00"},0.43,{"v":0,"d":"0.00"},{"v":12,"d":"12.00"},{"v":0,"d":"0.00"}]
["（三）","除“四害”及灭蚁防治服务",{"$nulls":3},{"v":0,"d":"0.00"},null,{"v":0,"d":"0.00"}]
[7,"除“四害”及灭蚁防治服务","m2",{"v":0,"d":"0.00"},0.12,{"v":0,"d":"0.00"},{"v":12,"d":"12.00"},{"v":0,"d":"0.00"}]
[null,"合计",{"$nulls":3},{"v":826.4025,"d":"826.40"},null,9916.83]
["项目名称：东莞市水务集团供水有限公司2025年度清洁保洁、绿化养护、除“四害”及灭蚁防治服务采购项目"]
["序号","名称","单位","工程量（面积)","金额（元）",null,"预计服务周期（月）","分项预算不含税价格（元）"]
[{"$nulls":4},"不含税预算综合单价（元/m2/月）","不含税合计（元/月）",null,null,"备注"]
["八十三","横沥分公司办公楼"]
["(一）","清洁保洁",{"$nulls":3},{"v":5961.900000000001,"d":"5961.90"},null,{"v":71542.8,"d":"71542.80"}]
[1,"室内行政办公区（含宿舍、食堂）","m2",{"v":5678,"d":"5678.00"},1.05,{"v":5961.900000000001,"d":"5961.90"},{"v":12,"d":"12.00"},{"v":71542.8,"d":"71542.80"}]
[2,"道路（含停车场、运动场）","m2",{"v":0,"d":"0.00"},0.57,{"v":0,"d":"0.00"},{"v":12,"d":"12.00"},{"v":0,"d":"0.00"}]
[3,"生产车间地面","m2",{"v":0,"d":"0.00"},0.58,{"v":0,"d":"0.00"},{"v":12,"d":"12.00"},{"v":0,"d":"0.00"}]
[4,"水面清洁","m2",{"v":0,"d":"0.00"},0.22,{"v":0,"d":"0.00"},{"v":12,"d":"12.00"},{"v":0,"d":"0.00"}]
[5,"池壁清洁","m2",{"v":0,"d":"0.00"},1.07,{"v":0,"d":"0.00"},{"v":12,"d":"12.00"},{"v":0,"d":"0.00"}]
["（二）","绿化养护",{"$nulls":3},{"v":0,"d":"0.00"},null,{"v":0,"d":"0.00"}]
[6,"绿化养护（三级养护）","m2",{"v":0,"d":"0.00"},0.43,{"v":0,"d":"0.00"},{"v":12,"d":"12.00"},{"v":0,"d":"0.00"}]
["（三）","除“四害”及灭蚁防治服务",{"$nulls":3},{"v":0,"d":"0.00"},null,{"v":0,"d":"0.00"}]
[7,"除“四害”及灭蚁防治服务","m2",{"v":0,"d":"0.00"},0.12,{"v":0,"d":"0.00"},{"v":12,"d":"12.00"},{"v":0,"d":"0.00"}]
[null,"合计",{"$nulls":3},{"v":5961.900000000001,"d":"5961.90"},null,{"v":71542.8,"d":"71542.80"}]
["项目名称：东莞市水务集团供水有限公司2025年度清洁保洁、绿化养护、除“四害”及灭蚁防治服务采购项目"]
["序号","名称","单位","工程量（面积)","金额（元）",null,"预计服务周期（月）","分项预算不含税价格（元）"]
[{"$nulls":4},"不含税预算综合单价（元/m2/月）","不含税合计（元/月）",null,null,"备注"]
["八十四","企石分公司办公楼"]
["(一）","清洁保洁",{"$nulls":3},{"v":5385,"d":"5385.00"},null,{"v":64620,"d":"64620.00"}]
[1,"室内行政办公区（含宿舍、食堂）","m2",{"v":3500,"d":"3500.00"},1.05,{"v":3675,"d":"3675.00"},{"v":12,"d":"12.00"},{"v":44100,"d":"44100.00"}]
[2,"道路（含停车场、运动场）","m2",{"v":3000,"d":"3000.00"},0.57,{"v":1709.9999999999998,"d":"1710.00"},{"v":12,"d":"12.00"},{"v":20519.999999999996,"d":"20520.00"}]
[3,"生产车间地面","m2",{"v":0,"d":"0.00"},0.58,{"v":0,"d":"0.00"},{"v":12,"d":"12.00"},{"v":0,"d":"0.00"}]
[4,"水面清洁","m2",{"v":0,"d":"0.00"},0.22,{"v":0,"d":"0.00"},{"v":12,"d":"12.00"},{"v":0,"d":"0.00"}]
[5,"池壁清洁","m2",{"v":0,"d":"0.00"},1.07,{"v":0,"d":"0.00"},{"v":12,"d":"12.00"},{"v":0,"d":"0.00"}]
["（二）","绿化养护",{"$nulls":3},{"v":0,"d":"0.00"},null,{"v":0,"d":"0.00"}]
[6,"绿化养护（三级养护）","m2",{"v":0,"d":"0.00"},0.43,{"v":0,"d":"0.00"},{"v":12,"d":"12.00"},{"v":0,"d":"0.00"}]
["（三）","除“四害”及灭蚁防治服务",{"$nulls":3},{"v":0,"d":"0.00"},null,{"v":0,"d":"0.00"}]
[7,"除“四害”及灭蚁防治服务","m2",{"v":0,"d":"0.00"},0.12,{"v":0,"d":"0.00"},{"v":12,"d":"12.00"},{"v":0,"d":"0.00"}]
[null,"合计",{"$nulls":3},{"v":5385,"d":"5385.00"},null,{"v":64620,"d":"64620.00"}]
["项目名称：东莞市水务集团供水有限公司2025年度清洁保洁、绿化养护、除“四害”及灭蚁防治服务采购项目"]
["序号","名称","单位","工程量（面积)","金额（元）",null,"预计服务周期（月）","分项预算不含税价格（元）"]
[{"$nulls":4},"不含税预算综合单价（元/m2/月）","不含税合计（元/月）",null,null,"备注"]
["八十五","桥头分公司办公楼"]
["(一）","清洁保洁",{"$nulls":3},{"v":0,"d":"0.00"},null,{"v":0,"d":"0.00"}]
[1,"室内行政办公区（含宿舍、食堂）","m2",{"v":0,"d":"0.00"},1.05,{"v":0,"d":"0.00"},{"v":12,"d":"12.00"},{"v":0,"d":"0.00"}]
[2,"道路（含停车场、运动场）","m2",{"v":0,"d":"0.00"},0.57,{"v":0,"d":"0.00"},{"v":12,"d":"12.00"},{"v":0,"d":"0.00"}]
[3,"生产车间地面","m2",{"v":0,"d":"0.00"},0.58,{"v":0,"d":"0.00"},{"v":12,"d":"12.00"},{"v":0,"d":"0.00"}]
[4,"水面清洁","m2",{"v":0,"d":"0.00"},0.22,{"v":0,"d":"0.00"},{"v":12,"d":"12.00"},{"v":0,"d":"0.00"}]
[5,"池壁清洁","m2",{"v":0,"d":"0.00"},1.07,{"v":0,"d":"0.00"},{"v":12,"d":"12.00"},{"v":0,"d":"0.00"}]
["（二）","绿化养护",{"$nulls":3},{"v":0,"d":"0.00"},null,{"v":0,"d":"0.00"}]
[6,"绿化养护（三级养护）","m2",{"v":0,"d":"0.00"},0.43,{"v":0,"d":"0.00"},{"v":12,"d":"12.00"},{"v":0,"d":"0.00"}]
["（三）","除“四害”及灭蚁防治服务",{"$nulls":3},{"v":91.7568,"d":"91.76"},null,{"v":1101.0816,"d":"1101.08"}]
[7,"除“四害”及灭蚁防治服务","m2",764.64,0.12,{"v":91.7568,"d":"91.76"},{"v":12,"d":"12.00"},{"v":1101.0816,"d":"1101.08"}]
[null,"合计",{"$nulls":3},{"v":91.7568,"d":"91.76"},null,{"v":1101.0816,"d":"1101.08"}]
["项目名称：东莞市水务集团供水有限公司2025年度清洁保洁、绿化养护、除“四害”及灭蚁防治服务采购项目"]
["序号","名称","单位","工程量（面积)","金额（元）",null,"预计服务周期（月）","分项预算不含税价格（元）"]
[{"$nulls":4},"不含税预算综合单价（元/m2/月）","不含税合计（元/月）",null,null,"备注"]
["八十六","黄江分公司营业厅"]
["(一）","清洁保洁",{"$nulls":3},{"v":686.7,"d":"686.70"},null,{"v":8240.400000000001,"d":"8240.40"}]
[1,"室内行政办公区（含宿舍、食堂）","m2",{"v":654,"d":"654.00"},1.05,{"v":686.7,"d":"686.70"},{"v":12,"d":"12.00"},{"v":8240.400000000001,"d":"8240.40"}]
[2,"道路（含停车场、运动场）","m2",{"v":0,"d":"0.00"},0.57,{"v":0,"d":"0.00"},{"v":12,"d":"12.00"},{"v":0,"d":"0.00"}]
[3,"生产车间地面","m2",{"v":0,"d":"0.00"},0.58,{"v":0,"d":"0.00"},{"v":12,"d":"12.00"},{"v":0,"d":"0.00"}]
[4,"水面清洁","m2",{"v":0,"d":"0.00"},0.22,{"v":0,"d":"0.00"},{"v":12,"d":"12.00"},{"v":0,"d":"0.00"}]
[5,"池壁清洁","m2",{"v":0,"d":"0.00"},1.07,{"v":0,"d":"0.00"},{"v":12,"d":"12.00"},{"v":0,"d":"0.00"}]
["（二）","绿化养护",{"$nulls":3},{"v":0,"d":"0.00"},null,{"v":0,"d":"0.00"}]
[6,"绿化养护（三级养护）","m2",{"v":0,"d":"0.00"},0.43,{"v":0,"d":"0.00"},{"v":12,"d":"12.00"},{"v":0,"d":"0.00"}]
["（三）","除“四害”及灭蚁防治服务",{"$nulls":3},{"v":0,"d":"0.00"},null,{"v":0,"d":"0.00"}]
[7,"除“四害”及灭蚁防治服务","m2",{"v":0,"d":"0.00"},0.12,{"v":0,"d":"0.00"},{"v":12,"d":"12.00"},{"v":0,"d":"0.00"}]
[null,"合计",{"$nulls":3},{"v":686.7,"d":"686.70"},null,{"v":8240.400000000001,"d":"8240.40"}]
["项目名称：东莞市水务集团供水有限公司2025年度清洁保洁、绿化养护、除“四害”及灭蚁防治服务采购项目"]
["序号","名称","单位","工程量（面积)","金额（元）",null,"预计服务周期（月）","分项预算不含税价格（元）"]
[{"$nulls":4},"不含税预算综合单价（元/m2/月）","不含税合计（元/月）",null,null,"备注"]
["八十七","黄江分公司\n（梅塘加压泵站）"]
["(一）","清洁保洁",{"$nulls":3},{"v":0,"d":"0.00"},null,{"v":0,"d":"0.00"}]
[1,"室内行政办公区（含宿舍、食堂）","m2",{"v":0,"d":"0.00"},1.05,{"v":0,"d":"0.00"},{"v":12,"d":"12.00"},{"v":0,"d":"0.00"}]
[2,"道路（含停车场、运动场）","m2",{"v":0,"d":"0.00"},0.57,{"v":0,"d":"0.00"},{"v":12,"d":"12.00"},{"v":0,"d":"0.00"}]
[3,"生产车间地面","m2",{"v":0,"d":"0.00"},0.58,{"v":0,"d":"0.00"},{"v":12,"d":"12.00"},{"v":0,"d":"0.00"}]
[4,"水面清洁","m2",{"v":0,"d":"0.00"},0.22,{"v":0,"d":"0.00"},{"v":12,"d":"12.00"},{"v":0,"d":"0.00"}]
[5,"池壁清洁","m2",{"v":0,"d":"0.00"},1.07,{"v":0,"d":"0.00"},{"v":12,"d":"12.00"},{"v":0,"d":"0.00"}]
["（二）","绿化养护",{"$nulls":3},{"v":0,"d":"0.00"},null,{"v":0,"d":"0.00"}]
[6,"绿化养护（三级养护）","m2",{"v":0,"d":"0.00"},0.43,{"v":0,"d":"0.00"},{"v":12,"d":"12.00"},{"v":0,"d":"0.00"}]
["（三）","除“四害”及灭蚁防治服务",{"$nulls":3},{"v":24.642,"d":"24.64"},null,{"v":295.704,"d":"295.70"}]
[7,"除“四害”及灭蚁防治服务","m2",205.35,0.12,{"v":24.642,"d":"24.64"},{"v":12,"d":"12.00"},{"v":295.704,"d":"295.70"}]
[null,"合计",{"$nulls":3},{"v":24.642,"d":"24.64"},null,{"v":295.704,"d":"295.70"}]
["项目名称：东莞市水务集团供水有限公司2025年度清洁保洁、绿化养护、除“四害”及灭蚁防治服务采购项目"]
["序号","名称","单位","工程量（面积)","金额（元）",null,"预计服务周期（月）","分项预算不含税价格（元）"]
[{"$nulls":4},"不含税预算综合单价（元/m2/月）","不含税合计（元/月）",null,null,"备注"]
["八十八","黄江分公司\n（长龙加压泵站）"]
["(一）","清洁保洁",{"$nulls":3},{"v":0,"d":"0.00"},null,{"v":0,"d":"0.00"}]
[1,"室内行政办公区（含宿舍、食堂）","m2",{"v":0,"d":"0.00"},1.05,{"v":0,"d":"0.00"},{"v":12,"d":"12.00"},{"v":0,"d":"0.00"}]
[2,"道路（含停车场、运动场）","m2",{"v":0,"d":"0.00"},0.57,{"v":0,"d":"0.00"},{"v":12,"d":"12.00"},{"v":0,"d":"0.00"}]
[3,"生产车间地面","m2",{"v":0,"d":"0.00"},0.58,{"v":0,"d":"0.00"},{"v":12,"d":"12.00"},{"v":0,"d":"0.00"}]
[4,"水面清洁","m2",{"v":0,"d":"0.00"},0.22,{"v":0,"d":"0.00"},{"v":12,"d":"12.00"},{"v":0,"d":"0.00"}]
[5,"池壁清洁","m2",{"v":0,"d":"0.00"},1.07,{"v":0,"d":"0.00"},{"v":12,"d":"12.00"},{"v":0,"d":"0.00"}]
["（二）","绿化养护",{"$nulls":3},{"v":0,"d":"0.00"},null,{"v":0,"d":"0.00"}]
[6,"绿化养护（三级养护）","m2",{"v":0,"d":"0.00"},0.43,{"v":0,"d":"0.00"},{"v":12,"d":"12.00"},{"v":0,"d":"0.00"}]
["（三）","除“四害”及灭蚁防治服务",{"$nulls":3},{"v":5.0592,"d":"5.06"},null,{"v":60.71039999999999,"d":"60.71"}]
[7,"除“四害”及灭蚁防治服务","m2",42.16,0.12,{"v":5.0592,"d":"5.06"},{"v":12,"d":"12.00"},{"v":60.71039999999999,"d":"60.71"}]
[null,"合计",{"$nulls":3},{"v":5.0592,"d":"5.06"},null,{"v":60.71039999999999,"d":"60.71"}]